Toutes les communes du Grand Est sur une carte - Statistiques

Statistiques générales
  • Ce quiz a été pris 4 501 fois
    3 517 depuis la dernière actualisation
  • Le résultat moyen est 145 sur 5115
Réponses sur la Carte
Les réponses sont colorées sur une échelle allant du rouge au vert en fonction du pourcentage des utilisateurs qui les ont devinées à leur premier essai. Vous pouvez retrouver ces pourcentages ci-dessous.
 
Statistiques - réponses
Département Population (2021) Commune % Correct
Bas-Rhin (67) 291 313 Strasbourg
85%
Moselle (57) 120 874 Metz
76%
Aube (10) 58 Metz-Robert
76%
Meurthe-et-Moselle (54) 104 260 Nancy
74%
Haut-Rhin (68) 67 730 Colmar
66%
Haut-Rhin (68) 106 341 Mulhouse
64%
Marne (51) 179 380 Reims
61%
Marne (51) 219 Reims-la-Brûlée
61%
Vosges (88) 32 285 Épinal
48%
Aube (10) 62 782 Troyes
47%
Meuse (55) 14 668 Bar-le-Duc
46%
Ardennes (08) 124 Bar-lès-Buzancy
46%
Aube (10) 4 753 Bar-sur-Aube
46%
Aube (10) 2 877 Bar-sur-Seine
46%
Ardennes (08) 46 398 Charleville-Mézières
45%
Marne (51) 255 Charleville
43%
Moselle (57) 297 Charleville-sous-Bois
43%
Meuse (55) 16 689 Verdun
40%
Marne (51) 40 La Ville-sous-Orbais
38%
Meurthe-et-Moselle (54) 220 Ormes-et-Ville
38%
Moselle (57) 42 163 Thionville
38%
Aube (10) 28 Ville-aux-Bois
38%
Marne (51) 43 877 Châlons-en-Champagne
37%
Marne (51) 198 Châlons-sur-Vesle
37%
Vosges (88) 51 Le Mont
37%
Meurthe-et-Moselle (54) 942 Mont-Bonvillers
37%
Meuse (55) 100 Mont-devant-Sassey
37%
Ardennes (08) 52 Mont-Laurent
37%
Vosges (88) 95 Mont-lès-Lamarche
37%
Vosges (88) 291 Mont-lès-Neufchâteau
37%
Meurthe-et-Moselle (54) 94 Mont-l’Étroit
37%
Meurthe-et-Moselle (54) 417 Mont-le-Vignoble
37%
Ardennes (08) 89 Mont-Saint-Martin
37%
Meurthe-et-Moselle (54) 9 202 Mont-Saint-Martin
37%
Ardennes (08) 56 Mont-Saint-Remy
37%
Marne (51) 115 Mont-sur-Courville
37%
Meurthe-et-Moselle (54) 1 136 Mont-sur-Meurthe
37%
Bas-Rhin (67) 2 772 Sarre-Union
37%
Bas-Rhin (67) 1 775 Villé
37%
Meurthe-et-Moselle (54) 254 Ville-au-Montois
37%
Meurthe-et-Moselle (54) 188 Ville-au-Val
37%
Meuse (55) 32 Ville-devant-Belrain
37%
Meuse (55) 49 Ville-devant-Chaumont
37%
Marne (51) 404 Ville-Dommange
37%
Haute-Marne (52) 146 Ville-en-Blaisois
37%
Marne (51) 291 Ville-en-Selve
37%
Marne (51) 650 Ville-en-Tardenois
37%
Meurthe-et-Moselle (54) 592 Ville-en-Vermois
37%
Meuse (55) 127 Ville-en-Woëvre
37%
Meurthe-et-Moselle (54) 701 Ville-Houdlémont
37%
Aube (10) 905 Ville-sous-la-Ferté
37%
Aube (10) 201 Ville-sur-Arce
37%
Meuse (55) 140 Ville-sur-Cousances
37%
Vosges (88) 521 Ville-sur-Illon
37%
Ardennes (08) 525 Ville-sur-Lumes
37%
Ardennes (08) 76 Ville-sur-Retourne
37%
Meuse (55) 279 Ville-sur-Saulx
37%
Aube (10) 99 Ville-sur-Terre
37%
Marne (51) 212 Ville-sur-Tourbe
37%
Meurthe-et-Moselle (54) 298 Ville-sur-Yron
37%
Bas-Rhin (67) 35 715 Haguenau
34%
Haute-Marne (52) 21 699 Chaumont
33%
Meuse (55) 47 Chaumont-devant-Damvillers
33%
Haute-Marne (52) 120 Chaumont-la-Ville
33%
Ardennes (08) 509 Chaumont-Porcien
33%
Meuse (55) 121 Chaumont-sur-Aire
33%
Ardennes (08) 91 Tourcelles-Chaumont
33%
Ardennes (08) 16 608 Sedan
32%
Vosges (88) 19 319 Saint-Dié-des-Vosges
31%
Marne (51) 437 Selles
31%
Ardennes (08) 78 Sainte-Marie
30%
Marne (51) 195 Sainte-Marie-à-Py
30%
Moselle (57) 4 505 Sainte-Marie-aux-Chênes
30%
Haut-Rhin (68) 5 049 Sainte-Marie-aux-Mines
30%
Marne (51) 273 Sainte-Marie-du-Lac-Nuisement
30%
Haute-Marne (52) 23 068 Saint-Dizier
29%
Ardennes (08) 94 Saint-Jean-aux-Bois
29%
Moselle (57) 332 Saint-Jean-de-Bassel
29%
Aube (10) 403 Saint-Jean-de-Bonneval
29%
Marne (51) 30 Saint-Jean-devant-Possesse
29%
Vosges (88) 123 Saint-Jean-d’Ormont
29%
Moselle (57) 700 Saint-Jean-Kourtzerode
29%
Meuse (55) 384 Saint-Jean-lès-Buzy
29%
Meurthe-et-Moselle (54) 412 Saint-Jean-lès-Longuyon
29%
Moselle (57) 963 Saint-Jean-Rohrbach
29%
Bas-Rhin (67) 534 Saint-Jean-Saverne
29%
Marne (51) 198 Saint-Jean-sur-Moivre
29%
Marne (51) 87 Saint-Jean-sur-Tourbe
29%
Haut-Rhin (68) 22 698 Saint-Louis
29%
Moselle (57) 632 Saint-Louis
29%
Moselle (57) 464 Saint-Louis-lès-Bitche
29%
Bas-Rhin (67) 613 Saint-Pierre
29%
Marne (51) 306 Saint-Pierre
29%
Ardennes (08) 66 Saint-Pierre-à-Arnes
29%
Bas-Rhin (67) 748 Saint-Pierre-Bois
29%
Ardennes (08) 146 Saint-Pierre-sur-Vence
29%
Bas-Rhin (67) 19 300 Sélestat
28%
Moselle (57) 20 624 Sarreguemines
27%
Marne (51) 22 001 Épernay
26%
Moselle (57) 21 130 Forbach
26%
Ardennes (08) 509 Gué-d'Hossus
26%
Meurthe-et-Moselle (54) 17 755 Lunéville
25%
Meurthe-et-Moselle (54) 14 338 Pont-à-Mousson
25%
Haute-Marne (52) 98 Pont-la-Ville
25%
Vosges (88) 104 Pont-lès-Bonfays
25%
Aube (10) 5 143 Pont-Sainte-Marie
25%
Meurthe-et-Moselle (54) 1 794 Pont-Saint-Vincent
25%
Vosges (88) 185 Pont-sur-Madon
25%
Meuse (55) 132 Pont-sur-Meuse
25%
Aube (10) 1 156 Pont-sur-Seine
25%
Vosges (88) 154 Saint-Paul
25%
Ardennes (08) 2 502 Bazeilles
24%
Vosges (88) 7 833 Gérardmer
24%
Meurthe-et-Moselle (54) 15 849 Toul
24%
Meurthe-et-Moselle (54) 562 Val-et-Châtillon
24%
Bas-Rhin (67) 27 118 Illkirch-Graffenstaden
23%
Bas-Rhin (67) 11 390 Saverne
23%
Moselle (57) 507 Vahl-Ebersing
23%
Moselle (57) 153 Vahl-lès-Bénestroff
23%
Moselle (57) 245 Vahl-lès-Faulquemont
23%
Bas-Rhin (67) 9 359 Molsheim
22%
Moselle (57) 12 359 Sarrebourg
22%
Haute-Marne (52) 1 813 Val-de-Meuse
22%
Vosges (88) 568 Brû
21%
Moselle (57) 4 617 Le Ban-Saint-Martin
21%
Meurthe-et-Moselle (54) 29 537 Vandœuvre-lès-Nancy
21%
Moselle (57) 72 Château-Bréhain
20%
Ardennes (08) 1 308 Château-Porcien
20%
Moselle (57) 296 Château-Rouge
20%
Moselle (57) 2 297 Château-Salins
20%
Moselle (57) 100 Château-Voué
20%
Ardennes (08) 1 057 Dom-le-Mesnil
20%
Bas-Rhin (67) 367 Saint-Martin
20%
Meurthe-et-Moselle (54) 55 Saint-Martin
20%
Marne (51) 110 Saint-Martin-aux-Champs
20%
Marne (51) 1 374 Saint-Martin-d’Ablois
20%
Aube (10) 357 Saint-Martin-de-Bossenay
20%
Haute-Marne (52) 107 Saint-Martin-lès-Langres
20%
Marne (51) 83 Saint-Martin-l’Heureux
20%
Marne (51) 798 Saint-Martin-sur-le-Pré
20%
Bas-Rhin (67) 34 129 Schiltigheim
20%
Moselle (57) 177 Viller
20%
Vosges (88) 493 Champ-le-Duc
19%
Aube (10) 26 Champ-sur-Barse
19%
Haute-Marne (52) 7 697 Langres
19%
Meurthe-et-Moselle (54) 15 191 Longwy
19%
Ardennes (08) 656 Thin-le-Moutier
19%
Haute-Marne (52) 25 Vitry-en-Montagne
19%
Marne (51) 838 Vitry-en-Perthois
19%
Marne (51) 378 Vitry-la-Ville
19%
Aube (10) 223 Vitry-le-Croisé
19%
Marne (51) 11 454 Vitry-le-François
19%
Haute-Marne (52) 213 Vitry-lès-Nogent
19%
Moselle (57) 2 975 Vitry-sur-Orne
19%
Moselle (57) 10 828 Amnéville
18%
Haute-Marne (52) 159 Bourg
18%
Bas-Rhin (67) 381 Bourg-Bruche
18%
Ardennes (08) 837 Bourg-Fidèle
18%
Haute-Marne (52) 90 Bourg-Sainte-Marie
18%
Bas-Rhin (67) 12 216 Obernai
18%
Vosges (88) 103 Saint-Julien
18%
Meurthe-et-Moselle (54) 162 Saint-Julien-lès-Gorze
18%
Moselle (57) 3 514 Saint-Julien-lès-Metz
18%
Aube (10) 6 745 Saint-Julien-les-Villas
18%
Meuse (55) 139 Saint-Julien-sous-les-Côtes
18%
Moselle (57) 4 958 Bitche
17%
Marne (51) 648 Cœur-de-la-Vallée
17%
Meurthe-et-Moselle (54) 156 Montigny
17%
Meuse (55) 124 Montigny-devant-Sassey
17%
Moselle (57) 21 854 Montigny-lès-Metz
17%
Aube (10) 253 Montigny-les-Monts
17%
Meuse (55) 76 Montigny-lès-Vaucouleurs
17%
Meurthe-et-Moselle (54) 471 Montigny-sur-Chiers
17%
Ardennes (08) 78 Montigny-sur-Meuse
17%
Ardennes (08) 232 Montigny-sur-Vence
17%
Marne (51) 506 Montigny-sur-Vesle
17%
Marne (51) 574 La Neuville-au-Temple
16%
Ardennes (08) 70 Maisoncelle-et-Villers
16%
Vosges (88) 6 813 Neufchâteau
16%
Haute-Marne (52) 3 548 Nogent
16%
Aube (10) 45 Nogent-en-Othe
16%
Marne (51) 535 Nogent-l’Abbesse
16%
Aube (10) 304 Nogent-sur-Aube
16%
Aube (10) 5 809 Nogent-sur-Seine
16%
Ardennes (08) 243 Saint-Étienne-à-Arnes
16%
Marne (51) 803 Saint-Étienne-au-Temple
16%
Vosges (88) 3 809 Saint-Étienne-lès-Remiremont
16%
Aube (10) 177 Saint-Étienne-sous-Barbuise
16%
Marne (51) 342 Saint-Étienne-sur-Suippe
16%
Moselle (57) 14 302 Woippy
16%
Haut-Rhin (68) 5 608 Altkirch
15%
Haute-Marne (52) 147 Cour-l’Évêque
15%
Ardennes (08) 7 425 Rethel
15%
Vosges (88) 193 Villers
15%
Marne (51) 935 Villers-Allerand
15%
Marne (51) 330 Villers-aux-Bois
15%
Marne (51) 297 Villers-aux-Nœuds
15%
Meuse (55) 129 Villers-aux-Vents
15%
Meuse (55) 51 Villers-devant-Dun
15%
Ardennes (08) 419 Villers-devant-le-Thour
15%
Ardennes (08) 107 Villers-devant-Mouzon
15%
Marne (51) 222 Villers-en-Argonne
15%
Meurthe-et-Moselle (54) 162 Villers-en-Haye
15%
Marne (51) 300 Villers-Franqueux
15%
Meurthe-et-Moselle (54) 557 Villers-la-Chèvre
15%
Meurthe-et-Moselle (54) 1 550 Villers-la-Montagne
15%
Marne (51) 295 Villers-le-Château
15%
Meurthe-et-Moselle (54) 122 Villers-le-Rond
15%
Marne (51) 108 Villers-le-Sec
15%
Meuse (55) 127 Villers-le-Sec
15%
Meuse (55) 74 Villers-lès-Mangiennes
15%
Meurthe-et-Moselle (54) 144 Villers-lès-Moivrons
15%
Meurthe-et-Moselle (54) 14 761 Villers-lès-Nancy
15%
Ardennes (08) 237 Villers-le-Tilleul
15%
Ardennes (08) 209 Villers-le-Tourneur
15%
Marne (51) 558 Villers-Marmery
15%
Ardennes (08) 3 608 Villers-Semeuse
15%
Meuse (55) 76 Villers-sous-Pareid
15%
Meurthe-et-Moselle (54) 328 Villers-sous-Prény
15%
Moselle (57) 219 Villers-Stoncourt
15%
Ardennes (08) 247 Villers-sur-Bar
15%
Ardennes (08) 102 Villers-sur-le-Mont
15%
Meuse (55) 291 Villers-sur-Meuse
15%
Moselle (57) 82 Villers-sur-Nied
15%
Vosges (88) 4 793 Vittel
15%
Bas-Rhin (67) 7 516 Wissembourg
15%
Meuse (55) 5 319 Commercy
14%
Haut-Rhin (68) 4 707 Munster
14%
Moselle (57) 238 Munster
14%
Vosges (88) 7 611 Remiremont
14%
Meuse (55) 62 Saint-André-en-Barrois
14%
Aube (10) 12 775 Saint-André-les-Vergers
14%
Vosges (88) 1 809 Saint-Michel-sur-Meurthe
14%
Meurthe-et-Moselle (54) 7 364 Saint-Nicolas-de-Port
14%
Aube (10) 69 Saint-Nicolas-la-Chapelle
14%
Ardennes (08) 54 Sy
14%
Haut-Rhin (68) 11 745 Cernay
13%
Marne (51) 134 Cernay-en-Dormois
13%
Marne (51) 1 508 Cernay-lès-Reims
13%
Haute-Marne (52) 541 Is-en-Bassigny
13%
Moselle (57) 1 047 La Maxe
13%
Aube (10) 147 La Villeneuve-au-Châtelot
13%
Aube (10) 403 La Villeneuve-au-Chêne
13%
Marne (51) 120 La Villeneuve-lès-Charleville
13%
Haut-Rhin (68) 4 682 Ribeauvillé
13%
Moselle (57) 15 045 Saint-Avold
13%
Ardennes (08) 196 Villy
13%
Aube (10) 254 Villy-en-Trodes
13%
Aube (10) 56 Villy-le-Bois
13%
Aube (10) 189 Villy-le-Maréchal
13%
Haut-Rhin (68) 11 137 Guebwiller
12%
Moselle (57) 15 968 Hayange
12%
Ardennes (08) 165 La Chapelle
12%
Vosges (88) 674 La Chapelle-aux-Bois
12%
Vosges (88) 549 La Chapelle-devant-Bruyères
12%
Marne (51) 45 La Chapelle-Felcourt
12%
Marne (51) 86 La Chapelle-Lasson
12%
Aube (10) 12 299 La Chapelle-Saint-Luc
12%
Marne (51) 54 La Chapelle-sous-Orbais
12%
Meurthe-et-Moselle (54) 14 671 Laxou
12%
Aube (10) 2 348 Saint-Germain
12%
Meurthe-et-Moselle (54) 154 Saint-Germain
12%
Marne (51) 687 Saint-Germain-la-Ville
12%
Meuse (55) 220 Saint-Germain-sur-Meuse
12%
Haut-Rhin (68) 7 766 Thann
12%
Haut-Rhin (68) 2 855 Vieux-Thann
12%
Aube (10) 187 Villeneuve-au-Chemin
12%
Marne (51) 278 Villeneuve-la-Lionne
12%
Marne (51) 325 Villeneuve-Renneville-Chevigny
12%
Marne (51) 121 Villeneuve-Saint-Vistre-et-Villevotte
12%
Marne (51) 5 197 Aÿ-Champagne
11%
Moselle (57) 1 566 Ay-sur-Moselle
11%
Ardennes (08) 243 Belleville-et-Châtillon-sur-Bar
11%
Ardennes (08) 6 347 Givet
11%
Vosges (88) 356 Grand
11%
Haut-Rhin (68) 4 401 Kaysersberg Vignoble
11%
Vosges (88) 4 041 La Bresse
11%
Ardennes (08) 107 La Neuville-à-Maire
11%
Marne (51) 516 La Neuville-au-Pont
11%
Marne (51) 137 La Neuville-aux-Bois
11%
Ardennes (08) 353 La Neuville-aux-Joûtes
11%
Marne (51) 189 La Neuville-aux-Larris
11%
Ardennes (08) 538 La Neuville-en-Tourne-à-Fuy
11%
Ardennes (08) 161 La Neuville-lès-Wasigny
11%
Meurthe-et-Moselle (54) 9 921 Maxéville
11%
Ardennes (08) 1 070 Saint-Laurent
11%
Meuse (55) 451 Saint-Laurent-sur-Othain
11%
Bas-Rhin (67) 329 Saint-Maurice
11%
Haute-Marne (52) 129 Saint-Maurice
11%
Meurthe-et-Moselle (54) 98 Saint-Maurice-aux-Forges
11%
Meuse (55) 348 Saint-Maurice-sous-les-Côtes
11%
Vosges (88) 180 Saint-Maurice-sur-Mortagne
11%
Vosges (88) 1 369 Saint-Maurice-sur-Moselle
11%
Vosges (88) 520 Saint-Remy
11%
Meurthe-et-Moselle (54) 64 Saint-Rémy-aux-Bois
11%
Marne (51) 491 Saint-Remy-en-Bouzemont-Saint-Genest-et-Isson
11%
Meuse (55) 100 Saint-Remy-la-Calonne
11%
Ardennes (08) 55 Saint-Remy-le-Petit
11%
Aube (10) 250 Saint-Remy-sous-Barbuise
11%
Marne (51) 110 Saint-Remy-sous-Broyes
11%
Marne (51) 334 Saint-Remy-sur-Bussy
11%
Haut-Rhin (68) 7 027 Soultz-Haut-Rhin
11%
Bas-Rhin (67) 951 Soultz-les-Bains
11%
Bas-Rhin (67) 3 147 Soultz-sous-Forêts
11%
Meurthe-et-Moselle (54) 7 996 Val de Briey
11%
Marne (51) 294 Vouzy
11%
Haute-Marne (52) 706 Arc-en-Barrois
10%
Bas-Rhin (67) 7 152 Barr
10%
Bas-Rhin (67) 349 Berg
10%
Moselle (57) 442 Berg-sur-Moselle
10%
Bas-Rhin (67) 17 939 Bischheim
10%
Meurthe-et-Moselle (54) 2 350 Bois-de-Haye
10%
Bas-Rhin (67) 10 238 Brumath
10%
Bas-Rhin (67) 10 887 Erstein
10%
Moselle (57) 9 321 Hagondange
10%
Marne (51) 441 Igny-Comblizy
10%
Bas-Rhin (67) 612 La Petite-Pierre
10%
Vosges (88) 739 La Petite-Raon
10%
Bas-Rhin (67) 20 266 Lingolsheim
10%
Haute-Marne (52) 186 Maizières
10%
Meurthe-et-Moselle (54) 903 Maizières
10%
Aube (10) 1 513 Maizières-la-Grande-Paroisse
10%
Aube (10) 159 Maizières-lès-Brienne
10%
Moselle (57) 11 792 Maizières-lès-Metz
10%
Moselle (57) 476 Maizières-lès-Vic
10%
Haute-Marne (52) 96 Maizières-sur-Amance
10%
Vosges (88) 1 214 Raon-aux-Bois
10%
Meurthe-et-Moselle (54) 38 Raon-lès-Leau
10%
Vosges (88) 6 061 Raon-l’Étape
10%
Vosges (88) 143 Raon-sur-Plaine
10%
Haut-Rhin (68) 1 032 Riquewihr
10%
Aube (10) 233 Saint-Benoist-sur-Vanne
10%
Vosges (88) 448 Saint-Benoît-la-Chipotte
10%
Aube (10) 400 Saint-Benoît-sur-Seine
10%
Moselle (57) 319 Saint-François-Lacroix
10%
Moselle (57) 194 Saint-Georges
10%
Meurthe-et-Moselle (54) 10 073 Saint-Max
10%
Ardennes (08) 121 Saint-Quentin-le-Petit
10%
Marne (51) 119 Saint-Quentin-les-Marais
10%
Marne (51) 114 Saint-Quentin-le-Verger
10%
Marne (51) 101 Saint-Quentin-sur-Coole
10%
Moselle (57) 17 401 Yutz
10%
Marne (51) 327 Arzillières-Neuville
9%
Meurthe-et-Moselle (54) 4 128 Baccarat
9%
Vosges (88) 1 183 Ban-de-Laveline
9%
Vosges (88) 357 Ban-de-Sapt
9%
Vosges (88) 957 Ban-sur-Meurthe-Clefcy
9%
Vosges (88) 104 Bois-de-Champ
9%
Haute-Marne (52) 148 Charmes
9%
Vosges (88) 4 557 Charmes
9%
Haute-Marne (52) 6 Charmes-en-l’Angle
9%
Meurthe-et-Moselle (54) 326 Charmes-la-Côte
9%
Haute-Marne (52) 158 Charmes-la-Grande
9%
Aube (10) 172 Colombé-la-Fosse
9%
Aube (10) 154 Colombé-le-Sec
9%
Vosges (88) 3 019 Contrexéville
9%
Meuse (55) 79 Douaumont-Vaux
9%
Moselle (57) 11 869 Florange
9%
Haute-Marne (52) 283 Gudmont-Villiers
9%
Meurthe-et-Moselle (54) 264 Lachapelle
9%
Haute-Marne (52) 88 Lachapelle-en-Blaisy
9%
Moselle (57) 9 971 Marly
9%
Aube (10) 216 Prunay-Belleville
9%
Aube (10) 14 766 Romilly-sur-Seine
9%
Marne (51) 686 Sept-Saulx
9%
Marne (51) 110 Villiers-aux-Corneilles
9%
Haute-Marne (52) 1 476 Villiers-en-Lieu
9%
Aube (10) 83 Villiers-Herbisse
9%
Aube (10) 102 Villiers-le-Bois
9%
Haute-Marne (52) 46 Villiers-lès-Aprey
9%
Haute-Marne (52) 727 Villiers-le-Sec
9%
Aube (10) 69 Villiers-sous-Praslin
9%
Haute-Marne (52) 261 Villiers-sur-Suize
9%
Ardennes (08) 4 016 Vouziers
9%
Meurthe-et-Moselle (54) 366 Arraye-et-Han
8%
Moselle (57) 265 Aube
8%
Moselle (57) 2 237 Basse-Ham
8%
Vosges (88) 866 Basse-sur-le-Rupt
8%
Bas-Rhin (67) 12 435 Bischwiller
8%
Ardennes (08) 137 Chatel-Chéhéry
8%
Moselle (57) 1 892 Châtel-Saint-Germain
8%
Vosges (88) 1 727 Châtel-sur-Moselle
8%
Marne (51) 6 456 Cormontreuil
8%
Haut-Rhin (68) 1 732 Eguisheim
8%
Haut-Rhin (68) 2 299 Fessenheim
8%
Bas-Rhin (67) 583 Fessenheim-le-Bas
8%
Aube (10) 248 Fontaine
8%
Marne (51) 232 Fontaine-Denis-Nuisy
8%
Marne (51) 13 Fontaine-en-Dormois
8%
Aube (10) 892 Fontaine-les-Grès
8%
Aube (10) 616 Fontaine-Mâcon
8%
Marne (51) 323 Fontaine-sur-Ay
8%
Meurthe-et-Moselle (54) 149 Han-devant-Pierrepont
8%
Meuse (55) 124 Han-lès-Juvigny
8%
Meuse (55) 267 Han-sur-Meuse
8%
Moselle (57) 252 Han-sur-Nied
8%
Bas-Rhin (67) 11 469 Hœnheim
8%
Haute-Marne (52) 1 139 Le Montsaugeonnais
8%
Meurthe-et-Moselle (54) 6 619 Neuves-Maisons
8%
Ardennes (08) 171 Neuville-Day
8%
Meuse (55) 51 Neuville-en-Verdunois
8%
Ardennes (08) 344 Neuville-lès-This
8%
Meuse (55) 156 Neuville-lès-Vaucouleurs
8%
Ardennes (08) 335 Neuville-lez-Beaulieu
8%
Meuse (55) 367 Neuville-sur-Ornain
8%
Aube (10) 389 Neuville-sur-Seine
8%
Aube (10) 458 Neuville-sur-Vanne
8%
Haute-Marne (52) 1 314 Rives Dervoises
8%
Aube (10) 32 Saint-Christophe-Dodinicourt
8%
Marne (51) 4 166 Sainte-Menehould
8%
Ardennes (08) 318 Saint-Marcel
8%
Meurthe-et-Moselle (54) 150 Saint-Marcel
8%
Marne (51) 38 Saint-Thomas-en-Argonne
8%
Meuse (55) 109 Saulx-lès-Champlon
8%
Vosges (88) 8 513 Thaon-les-Vosges
8%
Moselle (57) 6 976 Uckange
8%
Bas-Rhin (67) 6 042 Vendenheim
8%
Ardennes (08) 302 Vieux-lès-Asfeld
8%
Vosges (88) 316 Vieux-Moulin
8%
Vosges (88) 1 488 Xonrupt-Longemer
8%
Marne (51) 142 Angluzelles-et-Courcelles
7%
Moselle (57) 934 Ars-Laquenexy
7%
Moselle (57) 4 651 Ars-sur-Moselle
7%
Meurthe-et-Moselle (54) 1 660 Art-sur-Meurthe
7%
Haute-Marne (52) 49 Bay-sur-Aube
7%
Meurthe-et-Moselle (54) 1 493 Belleville
7%
Meuse (55) 3 021 Belleville-sur-Meuse
7%
Meurthe-et-Moselle (54) 182 Bey-sur-Seille
7%
Ardennes (08) 140 Blanchefosse-et-Bay
7%
Meurthe-et-Moselle (54) 1 434 Colombey-les-Belles
7%
Haute-Marne (52) 679 Colombey les Deux Églises
7%
Meuse (55) 30 Domremy-la-Canne
7%
Haute-Marne (52) 75 Domremy-Landéville
7%
Vosges (88) 85 Domrémy-la-Pucelle
7%
Meurthe-et-Moselle (54) 316 Essey-et-Maizerais
7%
Meurthe-et-Moselle (54) 74 Essey-la-Côte
7%
Meurthe-et-Moselle (54) 8 782 Essey-lès-Nancy
7%
Moselle (57) 14 798 Fameck
7%
Vosges (88) 498 Fontenoy-le-Château
7%
Moselle (57) 13 027 Freyming-Merlebach
7%
Bas-Rhin (67) 7 603 Geispolsheim
7%
Ardennes (08) 364 Ham-les-Moines
7%
Moselle (57) 2 875 Ham-sous-Varsberg
7%
Ardennes (08) 227 Ham-sur-Meuse
7%
Meurthe-et-Moselle (54) 8 130 Jarny
7%
Meurthe-et-Moselle (54) 9 374 Jarville-la-Malgrange
7%
Meurthe-et-Moselle (54) 6 560 Jœuf
7%
Haute-Marne (52) 2 972 Joinville
7%
Haut-Rhin (68) 13 178 Kingersheim
7%
Bas-Rhin (67) 2 339 Lauterbourg
7%
Bas-Rhin (67) 5 894 La Wantzenau
7%
Haute-Marne (52) 387 Le Val-d’Esnoms
7%
Meuse (55) 1 101 Longeville-en-Barrois
7%
Moselle (57) 3 960 Longeville-lès-Metz
7%
Moselle (57) 3 611 Longeville-lès-Saint-Avold
7%
Aube (10) 140 Longeville-sur-Mogne
7%
Meurthe-et-Moselle (54) 5 190 Longuyon
7%
Meurthe-et-Moselle (54) 6 081 Ludres
7%
Vosges (88) 4 782 Mirecourt
7%
Marne (51) 5 074 Mourmelon-le-Grand
7%
Marne (51) 808 Mourmelon-le-Petit
7%
Meuse (55) 230 Pagny-la-Blanche-Côte
7%
Moselle (57) 230 Pagny-lès-Goin
7%
Meuse (55) 1 016 Pagny-sur-Meuse
7%
Meurthe-et-Moselle (54) 4 003 Pagny-sur-Moselle
7%
Aube (10) 128 Pel-et-Der
7%
Moselle (57) 4 683 Phalsbourg
7%
Meurthe-et-Moselle (54) 475 Pierre-la-Treiche
7%
Marne (51) 84 Pierre-Morains
7%
Meurthe-et-Moselle (54) 95 Pierre-Percée
7%
Meurthe-et-Moselle (54) 227 Port-sur-Seille
7%
Meuse (55) 93 Rambluzin-et-Benoite-Vaux
7%
Haut-Rhin (68) 588 Saint-Bernard
7%
Haut-Rhin (68) 1 807 Sainte-Croix-aux-Mines
7%
Haut-Rhin (68) 3 022 Sainte-Croix-en-Plaine
7%
Meuse (55) 183 Saint-Hilaire-en-Woëvre
7%
Marne (51) 368 Saint-Hilaire-le-Grand
7%
Marne (51) 350 Saint-Hilaire-le-Petit
7%
Aube (10) 347 Saint-Hilaire-sous-Romilly
7%
Marne (51) 4 783 Sézanne
7%
Bas-Rhin (67) 8 120 Souffelweyersheim
7%
Aube (10) 109 Thil
7%
Marne (51) 312 Thil
7%
Meurthe-et-Moselle (54) 1 987 Thil
7%
Marne (51) 10 552 Tinqueux
7%
Moselle (57) 810 Vaux
7%
Ardennes (08) 135 Vaux-Champagne
7%
Ardennes (08) 54 Vaux-en-Dieulet
7%
Ardennes (08) 79 Vaux-lès-Mouron
7%
Ardennes (08) 71 Vaux-lès-Mouzon
7%
Meuse (55) 59 Vaux-lès-Palameix
7%
Ardennes (08) 43 Vaux-lès-Rubigny
7%
Ardennes (08) 107 Vaux-Montreuil
7%
Haute-Marne (52) 357 Vaux-sur-Blaise
7%
Haute-Marne (52) 54 Vaux-sur-Saint-Urbain
7%
Ardennes (08) 192 Vaux-Villaine
7%
Haut-Rhin (68) 15 262 Wittenheim
7%
Ardennes (08) 135 Ambly-Fleury
6%
Bas-Rhin (67) 5 870 Benfeld
6%
Moselle (57) 5 524 Boulay-Moselle
6%
Haut-Rhin (68) 425 Bouxwiller
6%
Bas-Rhin (67) 3 712 Bouxwiller
6%
Aube (10) 394 Brienne-la-Vieille
6%
Aube (10) 2 738 Brienne-le-Château
6%
Ardennes (08) 275 Brienne-sur-Aisne
6%
Marne (51) 321 Champigneul-Champagne
6%
Ardennes (08) 122 Champigneul-sur-Vence
6%
Bas-Rhin (67) 4 235 Châtenois
6%
Vosges (88) 1 720 Châtenois
6%
Meuse (55) 175 Châtillon-sous-les-Côtes
6%
Marne (51) 81 Châtillon-sur-Broué
6%
Marne (51) 618 Châtillon-sur-Marne
6%
Marne (51) 213 Châtillon-sur-Morin
6%
Vosges (88) 108 Châtillon-sur-Saône
6%
Meurthe-et-Moselle (54) 90 Courcelles
6%
Moselle (57) 2 986 Courcelles-Chaussy
6%
Meuse (55) 45 Courcelles-en-Barrois
6%
Haute-Marne (52) 92 Courcelles-en-Montagne
6%
Marne (51) 402 Courcelles-Sapicourt
6%
Vosges (88) 79 Courcelles-sous-Châtenois
6%
Meuse (55) 42 Courcelles-sur-Aire
6%
Haute-Marne (52) 88 Courcelles-sur-Blaise
6%
Moselle (57) 1 183 Courcelles-sur-Nied
6%
Aube (10) 25 Courcelles-sur-Voire
6%
Moselle (57) 12 514 Creutzwald
6%
Moselle (57) 673 Danne-et-Quatre-Vents
6%
Vosges (88) 78 Dombasle-devant-Darney
6%
Meuse (55) 384 Dombasle-en-Argonne
6%
Vosges (88) 120 Dombasle-en-Xaintois
6%
Meurthe-et-Moselle (54) 9 633 Dombasle-sur-Meurthe
6%
Vosges (88) 394 Dommartin-aux-Bois
6%
Marne (51) 73 Dommartin-Dampierre
6%
Meurthe-et-Moselle (54) 29 Dommartin-la-Chaussée
6%
Meuse (55) 51 Dommartin-la-Montagne
6%
Aube (10) 56 Dommartin-le-Coq
6%
Haute-Marne (52) 241 Dommartin-le-Franc
6%
Haute-Marne (52) 282 Dommartin-le-Saint-Père
6%
Vosges (88) 1 880 Dommartin-lès-Remiremont
6%
Meurthe-et-Moselle (54) 1 934 Dommartin-lès-Toul
6%
Vosges (88) 53 Dommartin-lès-Vallois
6%
Marne (51) 160 Dommartin-Lettrée
6%
Meurthe-et-Moselle (54) 302 Dommartin-sous-Amance
6%
Marne (51) 50 Dommartin-sous-Hans
6%
Vosges (88) 293 Dommartin-sur-Vraine
6%
Marne (51) 137 Dommartin-Varimont
6%
Bas-Rhin (67) 7 199 Eckbolsheim
6%
Bas-Rhin (67) 2 520 Entzheim
6%
Moselle (57) 5 155 Faulquemont
6%
Moselle (57) 1 286 Fleury
6%
Meuse (55) 0 Fleury-devant-Douaumont
6%
Marne (51) 519 Fleury-la-Rivière
6%
Meurthe-et-Moselle (54) 6 511 Frouard
6%
Vosges (88) 8 849 Golbey
6%
Meurthe-et-Moselle (54) 181 Gondrecourt-Aix
6%
Bas-Rhin (67) 2 879 Gries
6%
Haut-Rhin (68) 14 829 Illzach
6%
Ardennes (08) 154 La Croix-aux-Bois
6%
Vosges (88) 468 La Croix-aux-Mines
6%
Marne (51) 84 La Croix-en-Champagne
6%
Ardennes (08) 176 La Ferté-sur-Chiers
6%
Ardennes (08) 70 Landres-et-Saint-Georges
6%
Vosges (88) 511 La Neuveville-devant-Lépanges
6%
Vosges (88) 372 La Neuveville-sous-Châtenois
6%
Vosges (88) 185 La Neuveville-sous-Montfort
6%
Vosges (88) 1 572 La Vôge-les-Bains
6%
Meuse (55) 3 803 Ligny-en-Barrois
6%
Meurthe-et-Moselle (54) 7 927 Malzéville
6%
Bas-Rhin (67) 4 309 Marckolsheim
6%
Meurthe-et-Moselle (54) 895 Mars-la-Tour
6%
Ardennes (08) 62 Mars-sous-Bourcq
6%
Bas-Rhin (67) 5 074 Mundolsheim
6%
Bas-Rhin (67) 6 094 Mutzig
6%
Haut-Rhin (68) 1 947 Neuf-Brisach
6%
Bas-Rhin (67) 4 360 Niederbronn-les-Bains
6%
Bas-Rhin (67) 1 348 Niederschaeffolsheim
6%
Bas-Rhin (67) 5 556 Oberhausbergen
6%
Bas-Rhin (67) 13 310 Ostwald
6%
Moselle (57) 3 051 Puttelange-aux-Lacs
6%
Moselle (57) 1 017 Puttelange-lès-Thionville
6%
Ardennes (08) 241 Quatre-Champs
6%
Haut-Rhin (68) 13 795 Rixheim
6%
Bas-Rhin (67) 354 Rohr
6%
Bas-Rhin (67) 5 360 Rosheim
6%
Haute-Marne (52) 346 Rupt
6%
Meuse (55) 368 Rupt-aux-Nonains
6%
Meuse (55) 42 Rupt-devant-Saint-Mihiel
6%
Meuse (55) 284 Rupt-en-Woëvre
6%
Vosges (88) 3 497 Rupt-sur-Moselle
6%
Meuse (55) 47 Rupt-sur-Othain
6%
Meuse (55) 3 924 Saint-Mihiel
6%
Meuse (55) 81 Saulmory-Villefranche
6%
Bas-Rhin (67) 2 107 Schirmeck
6%
Marne (51) 69 Somme-Bionne
6%
Marne (51) 507 Somme-Suippe
6%
Marne (51) 139 Somme-Tourbe
6%
Marne (51) 349 Somme-Vesle
6%
Marne (51) 117 Somme-Yèvre
6%
Moselle (57) 7 938 Talange
6%
Meurthe-et-Moselle (54) 9 019 Tomblaine
6%
Haut-Rhin (68) 3 928 Turckheim
6%
Bas-Rhin (67) 5 774 Wasselonne
6%
Moselle (57) 976 Achen
5%
Aube (10) 3 437 Aix-Villemaur-Pâlis
5%
Haut-Rhin (68) 1 134 Aspach
5%
Moselle (57) 35 Aspach
5%
Haut-Rhin (68) 1 288 Aspach-le-Bas
5%
Haut-Rhin (68) 1 760 Aspach-Michelbach
5%
Meurthe-et-Moselle (54) 2 471 Audun-le-Roman
5%
Moselle (57) 7 180 Audun-le-Tiche
5%
Meurthe-et-Moselle (54) 71 Beaumont
5%
Ardennes (08) 425 Beaumont-en-Argonne
5%
Meuse (55) 0 Beaumont-en-Verdunois
5%
Marne (51) 776 Beaumont-sur-Vesle
5%
Marne (51) 1 442 Bourgogne-Fresne
5%
Moselle (57) 3 929 Bouzonville
5%
Vosges (88) 2 981 Bruyères
5%
Moselle (57) 2 606 Cattenom
5%
Ardennes (08) 54 Champigneulle
5%
Marne (51) 1 586 Champigny
5%
Haute-Marne (52) 411 Champigny-lès-Langres
5%
Haute-Marne (52) 126 Champigny-sous-Varennes
5%
Aube (10) 100 Champigny-sur-Aube
5%
Aube (10) 236 Chapelle-Vallon
5%
Bas-Rhin (67) 758 Dambach
5%
Bas-Rhin (67) 2 207 Dambach-la-Ville
5%
Meuse (55) 116 Delouze-Rosières
5%
Moselle (57) 2 794 Dieuze
5%
Meuse (55) 613 Dun-sur-Meuse
5%
Haut-Rhin (68) 7 418 Ensisheim
5%
Bas-Rhin (67) 5 746 Eschau
5%
Meuse (55) 3 473 Étain
5%
Aube (10) 88 Fay-lès-Marcilly
5%
Bas-Rhin (67) 5 777 Fegersheim
5%
Moselle (57) 735 Féy
5%
Meurthe-et-Moselle (54) 65 Fey-en-Haye
5%
Marne (51) 5 803 Fismes
5%
Meurthe-et-Moselle (54) 302 Fléville-Lixières
5%
Vosges (88) 467 Fontenay
5%
Aube (10) 71 Fontenay-de-Bossery
5%
Bas-Rhin (67) 287 Fort-Louis
5%
Marne (51) 233 Gigny-Bussy
5%
Moselle (57) 360 Hagen
5%
Bas-Rhin (67) 4 631 Herrlisheim
5%
Haut-Rhin (68) 1 878 Herrlisheim-près-Colmar
5%
Moselle (57) 7 765 Hettange-Grande
5%
Bas-Rhin (67) 4042 Hochfelden
5%
Bas-Rhin (67) 4 565 Hœrdt
5%
Haut-Rhin (68) 1 351 Hombourg
5%
Moselle (57) 548 Hombourg-Budange
5%
Moselle (57) 6 267 Hombourg-Haut
5%
Meurthe-et-Moselle (54) 2 076 Houdemont
5%
Haut-Rhin (68) 7 339 Huningue
5%
Moselle (57) 1 431 Jouy-aux-Arches
5%
Meuse (55) 48 Jouy-en-Argonne
5%
Marne (51) 214 Jouy-lès-Reims
5%
Marne (51) 138 La Celle-sous-Chantemerle
5%
Meurthe-et-Moselle (54) 301 Laneuveville-aux-Bois
5%
Meurthe-et-Moselle (54) 155 Laneuveville-derrière-Foug
5%
Meurthe-et-Moselle (54) 229 Laneuveville-devant-Bayon
5%
Meurthe-et-Moselle (54) 6 551 Laneuveville-devant-Nancy
5%
Moselle (57) 283 Laneuveville-en-Saulnois
5%
Moselle (57) 106 Laneuveville-lès-Lorquin
5%
Haute-Marne (52) 65 Laneuville-à-Rémy
5%
Haute-Marne (52) 229 Laneuville-au-Pont
5%
Meuse (55) 196 Laneuville-au-Rupt
5%
Meuse (55) 446 Laneuville-sur-Meuse
5%
Haute-Marne (52) 2 169 La Porte du Der
5%
Ardennes (08) 235 Laval-Morency
5%
Marne (51) 51 Laval-sur-Tourbe
5%
Vosges (88) 633 Laval-sur-Vologne
5%
Meurthe-et-Moselle (54) 2 370 Lay-Saint-Christophe
5%
Meurthe-et-Moselle (54) 338 Lay-Saint-Remy
5%
Vosges (88) 993 Le Ménil
5%
Meurthe-et-Moselle (54) 2 Leménil-Mitry
5%
Marne (51) 1 007 Le Mesnil-sur-Oger
5%
Ardennes (08) 251 Les Deux-Villes
5%
Moselle (57) 104 Ley
5%
Haut-Rhin (68) 291 Magny
5%
Aube (10) 261 Magny-Fouchard
5%
Aube (10) 34 Maison-des-Champs
5%
Moselle (57) 309 Mey
5%
Marne (51) 46 Minaucourt-le-Mesnil-lès-Hurlus
5%
Moselle (57) 3 377 Morhange
5%
Moselle (57) 5 088 Moulins-lès-Metz
5%
Meuse (55) 183 Moulins-Saint-Hubert
5%
Bas-Rhin (67) 1 673 Niederhausbergen
5%
Bas-Rhin (67) 4 473 Plobsheim
5%
Ardennes (08) 5 815 Revin
5%
Ardennes (08) 2 259 Rocroi
5%
Moselle (57) 9 697 Rombas
5%
Meurthe-et-Moselle (54) 2 833 Rosières-aux-Salines
5%
Meurthe-et-Moselle (54) 239 Rosières-en-Haye
5%
Aube (10) 4 749 Rosières-près-Troyes
5%
Haut-Rhin (68) 4 186 Rouffach
5%
Marne (51) 1 023 Saint-Amand-sur-Fion
5%
Meuse (55) 56 Saint-Amand-sur-Ornain
5%
Aube (10) 588 Saint-Aubin
5%
Meuse (55) 173 Saint-Aubin-sur-Aire
5%
Marne (51) 3 526 Saint-Brice-Courcelles
5%
Meurthe-et-Moselle (54) 851 Saint-Clément
5%
Ardennes (08) 107 Saint-Clément-à-Arnes
5%
Marne (51) 268 Saint-Gilles
5%
Marne (51) 1 396 Saint-Just-Sauvage
5%
Marne (51) 105 Saint-Léonard
5%
Vosges (88) 1 369 Saint-Léonard
5%
Marne (51) 73 Saint-Loup
5%
Aube (10) 210 Saint-Loup-de-Buffigny
5%
Ardennes (08) 341 Saint-Loup-en-Champagne
5%
Haute-Marne (52) 127 Saint-Loup-sur-Aujon
5%
Ardennes (08) 182 Saint-Loup-Terrier
5%
Bas-Rhin (67) 505 Saint-Nabor
5%
Marne (51) 202 Saint-Ouen-Domprot
5%
Vosges (88) 498 Saint-Ouen-lès-Parey
5%
Bas-Rhin (67) 497 Saulxures
5%
Haute-Marne (52) 131 Saulxures
5%
Vosges (88) 237 Saulxures-lès-Bulgnéville
5%
Meurthe-et-Moselle (54) 4 285 Saulxures-lès-Nancy
5%
Meurthe-et-Moselle (54) 375 Saulxures-lès-Vannes
5%
Vosges (88) 2 510 Saulxures-sur-Moselotte
5%
Ardennes (08) 92 Son
5%
Moselle (57) 7 456 Terville
5%
Marne (51) 1 383 Tours-sur-Marne
5%
Meuse (55) 633 Varennes-en-Argonne
5%
Haute-Marne (52) 259 Varennes-sur-Amance
5%
Moselle (57) 1 329 Vic-sur-Seille
5%
Meurthe-et-Moselle (54) 10 069 Villerupt
5%
Haut-Rhin (68) 1 668 Wattwiller
5%
Haut-Rhin (68) 303 Willer
5%
Haut-Rhin (68) 1 766 Willer-sur-Thur
5%
Marne (51) 4 940 Witry-lès-Reims
5%
Haut-Rhin (68) 10 334 Wittelsheim
5%
Bas-Rhin (67) 4 165 Wolfisheim
5%
Bas-Rhin (67) 2 504 Achenheim
4%
Moselle (57) 6 087 Algrange
4%
Bas-Rhin (67) 1 759 Andlau
4%
Moselle (57) 2 136 Augny
4%
Meurthe-et-Moselle (54) 1 535 Bayon
4%
Vosges (88) 109 Bazoilles-et-Ménil
4%
Haut-Rhin (68) 2 066 Bergheim
4%
Marne (51) 7 086 Bétheny
4%
Marne (51) 4 011 Bezannes
4%
Haut-Rhin (68) 2 501 Biesheim
4%
Moselle (57) 107 Blanche-Église
4%
Marne (51) 3 182 Blancs-Coteaux
4%
Meurthe-et-Moselle (54) 4 645 Blénod-lès-Pont-à-Mousson
4%
Meurthe-et-Moselle (54) 1 032 Blénod-lès-Toul
4%
Ardennes (08) 5 006 Bogny-sur-Meuse
4%
Meurthe-et-Moselle (54) 780 Brin-sur-Seille
4%
Haut-Rhin (68) 8 172 Brunstatt-Didenheim
4%
Haut-Rhin (68) 3 199 Buhl
4%
Bas-Rhin (67) 505 Buhl
4%
Moselle (57) 1 196 Buhl-Lorraine
4%
Marne (51) 179 Bussy-le-Château
4%
Marne (51) 136 Bussy-le-Repos
4%
Marne (51) 320 Bussy-Lettrée
4%
Ardennes (08) 380 Buzancy
4%
Meurthe-et-Moselle (54) 6 594 Champigneulles
4%
Haute-Marne (52) 40 Champigneulles-en-Bassigny
4%
Ardennes (08) 758 Chooz
4%
Meuse (55) 1 438 Clermont-en-Argonne
4%
Meurthe-et-Moselle (54) 2 366 Conflans-en-Jarnisy
4%
Marne (51) 641 Conflans-sur-Seine
4%
Moselle (57) 2 366 Dabo
4%
Haut-Rhin (68) 2 264 Dannemarie
4%
Meurthe-et-Moselle (54) 4 658 Dieulouard
4%
Bas-Rhin (67) 2 616 Dorlisheim
4%
Marne (51) 2 911 Dormans
4%
Vosges (88) 359 Évaux-et-Ménil
4%
Marne (51) 2 170 Fère-Champenoise
4%
Ardennes (08) 93 Fléville
4%
Meurthe-et-Moselle (54) 2 202 Fléville-devant-Nancy
4%
Vosges (88) 2 846 Fraize
4%
Bas-Rhin (67) 5 213 Gambsheim
4%
Vosges (88) 2 590 Granges-Aumontzey
4%
Moselle (57) 7 761 Guénange
4%
Meurthe-et-Moselle (54) 5 377 Heillecourt
4%
Haut-Rhin (68) 6 301 Horbourg-Wihr
4%
Haut-Rhin (68) 2 394 Houssen
4%
Bas-Rhin (67) 4 011 Ingwiller
4%
Marne (51) 106 Isse
4%
Bas-Rhin (67) 2 093 Ittenheim
4%
Haut-Rhin (68) 5 643 Kembs
4%
Bas-Rhin (67) 1 680 Kintzheim
4%
Moselle (57) 317 Kirsch-lès-Sierck
4%
Meuse (55) 670 Lacroix-sur-Meuse
4%
Haute-Marne (52) 106 Laferté-sur-Amance
4%
Haute-Marne (52) 307 Laferté-sur-Aube
4%
Vosges (88) 841 Lamarche
4%
Aube (10) 3 651 La Rivière-de-Corps
4%
Haut-Rhin (68) 749 Le Bonhomme
4%
Marne (51) 60 Le Chemin
4%
Marne (51) 75 Le Fresne
4%
Aube (10) 82 Les Granges
4%
Vosges (88) 3 257 Le Thillot
4%
Moselle (57) 5 182 L’Hôpital
4%
Meurthe-et-Moselle (54) 5 694 Liverdun
4%
Ardennes (08) 153 Logny-Bogny
4%
Haut-Rhin (68) 286 Lutter
4%
Marne (51) 622 Mailly-Champagne
4%
Aube (10) 2 021 Mailly-le-Camp
4%
Meurthe-et-Moselle (54) 247 Mailly-sur-Seille
4%
Moselle (57) 3 010 Manom
4%
Moselle (57) 6 527 Marange-Silvange
4%
Moselle (57) 364 Marange-Zondrange
4%
Bas-Rhin (67) 4 211 Marlenheim
4%
Bas-Rhin (67) 2 706 Marmoutier
4%
Meuse (55) 175 Marre
4%
Haut-Rhin (68) 3 653 Masevaux-Niederbruck
4%
Ardennes (08) 109 Ménil-Annelles
4%
Meuse (55) 45 Ménil-aux-Bois
4%
Vosges (88) 124 Ménil-de-Senones
4%
Vosges (88) 161 Ménil-en-Xaintois
4%
Meuse (55) 170 Ménil-la-Horgne
4%
Meurthe-et-Moselle (54) 337 Ménil-la-Tour
4%
Ardennes (08) 140 Ménil-Lépinois
4%
Vosges (88) 291 Ménil-sur-Belvitte
4%
Meuse (55) 247 Ménil-sur-Saulx
4%
Aube (10) 53 Mesnil-la-Comtesse
4%
Aube (10) 58 Mesnil-Lettre
4%
Aube (10) 588 Mesnil-Saint-Loup
4%
Aube (10) 438 Mesnil-Saint-Père
4%
Aube (10) 583 Mesnil-Sellières
4%
Bas-Rhin (67) 2 094 Mittelhausbergen
4%
Bas-Rhin (67) 2 259 Mommenheim
4%
Moselle (57) 5 720 Mondelange
4%
Meuse (55) 2 031 Montmédy
4%
Bas-Rhin (67) 601 Morschwiller
4%
Haut-Rhin (68) 3 642 Morschwiller-le-Bas
4%
Ardennes (08) 2 234 Mouzon
4%
Ardennes (08) 183 Murtin-et-Bogny
4%
Haute-Marne (52) 581 Neuilly-l’Évêque
4%
Haute-Marne (52) 297 Neuilly-sur-Suize
4%
Bas-Rhin (67) 622 Neuve-Église
4%
Bas-Rhin (67) 1 253 Niedernai
4%
Meuse (55) 223 Nonsard-Lamarche
4%
Bas-Rhin (67) 2 592 Oberschaeffolsheim
4%
Haut-Rhin (68) 3 453 Orbey
4%
Aube (10) 174 Ormes
4%
Marne (51) 499 Ormes
4%
Bas-Rhin (67) 1 555 Ottrott
4%
Aube (10) 202 Petit-Mesnil
4%
Haut-Rhin (68) 10 237 Pfastatt
4%
Bas-Rhin (67) 982 Plaine
4%
Moselle (57) 606 Plaine-de-Walsch
4%
Vosges (88) 1 571 Plombières-les-Bains
4%
Meurthe-et-Moselle (54) 4 836 Pompey
4%
Meurthe-et-Moselle (54) 5 144 Pulnoy
4%
Vosges (88) 5 045 Rambervillers
4%
Bas-Rhin (67) 4 376 Reichstett
4%
Moselle (57) 2 029 Rémilly
4%
Ardennes (08) 770 Remilly-Aillicourt
4%
Ardennes (08) 259 Remilly-les-Pothées
4%
Bas-Rhin (67) 2 675 Rhinau
4%
Moselle (57) 185 Riche
4%
Haut-Rhin (68) 12 163 Riedisheim
4%
Moselle (57) 2 298 Rohrbach-lès-Bitche
4%
Bas-Rhin (67) 1 030 Roppenheim
4%
Bas-Rhin (67) 827 Saales
4%
Meurthe-et-Moselle (54) 193 Sainte-Geneviève
4%
Vosges (88) 2 271 Sainte-Marguerite
4%
Aube (10) 10 515 Sainte-Savine
4%
Haut-Rhin (68) 962 Saint-Hippolyte
4%
Meurthe-et-Moselle (54) 37 Saint-Sauveur
4%
Marne (51) 602 Saint-Thierry
4%
Moselle (57) 4 392 Sarralbe
4%
Haut-Rhin (68) 5 528 Sausheim
4%
Bas-Rhin (67) 5 050 Schweighouse-sur-Moder
4%
Haut-Rhin (68) 747 Schweighouse-Thann
4%
Meurthe-et-Moselle (54) 5 141 Seichamps
4%
Bas-Rhin (67) 3 135 Seltz
4%
Moselle (57) 1 772 Sierck-les-Bains
4%
Bas-Rhin (67) 4 788 Soufflenheim
4%
Meuse (55) 2 471 Stenay
4%
Moselle (57) 11 067 Stiring-Wendel
4%
Marne (51) 3 890 Suippes
4%
Bas-Rhin (67) 4 389 Truchtersheim
4%
Bas-Rhin (67) 5 031 Val-de-Moder
4%
Marne (51) 572 Val-des-Marais
4%
Meuse (55) 989 Val-d'Ornain
4%
Meuse (55) 1 923 Vaucouleurs
4%
Moselle (57) 2 005 Verny
4%
Ardennes (08) 297 Viel-Saint-Remy
4%
Haut-Rhin (68) 4 513 Village-Neuf
4%
Bas-Rhin (67) 532 Weyer
4%
Bas-Rhin (67) 452 Wingen
4%
Bas-Rhin (67) 1 574 Wingen-sur-Moder
4%
Haut-Rhin (68) 7 989 Wintzenheim
4%
Bas-Rhin (67) 523 Wintzenheim-Kochersberg
4%
Vosges (88) 2 579 Xertigny
4%
Ardennes (08) 246 Aire
3%
Bas-Rhin (67) 461 Albé
3%
Aube (10) 246 Amance
3%
Meurthe-et-Moselle (54) 357 Amance
3%
Haut-Rhin (68) 1 650 Ammerschwihr
3%
Meuse (55) 2 599 Ancerville
3%
Moselle (57) 301 Ancerville
3%
Haut-Rhin (68) 2 195 Andolsheim
3%
Marne (51) 287 Arcis-le-Ponsart
3%
Aube (10) 2 759 Arcis-sur-Aube
3%
Ardennes (08) 1 078 Asfeld
3%
Ardennes (08) 1 106 Attigny
3%
Vosges (88) 201 Attigny
3%
Aube (10) 117 Aulnay
3%
Marne (51) 184 Aulnay-l’Aître
3%
Marne (51) 273 Aulnay-sur-Marne
3%
Moselle (57) 2 384 Aumetz
3%
Meurthe-et-Moselle (54) 1 571 Badonviller
3%
Haut-Rhin (68) 4 102 Bartenheim
3%
Marne (51) 2 388 Bazancourt
3%
Meuse (55) 111 Bazeilles-sur-Othain
3%
Moselle (57) 6 433 Behren-lès-Forbach
3%
Moselle (57) 519 Bénestroff
3%
Haut-Rhin (68) 1 354 Bennwihr
3%
Bas-Rhin (67) 4 192 Betschdorf
3%
Bas-Rhin (67) 3 352 Bischoffsheim
3%
Meurthe-et-Moselle (54) 3 927 Blainville-sur-l’Eau
3%
Haut-Rhin (68) 4 947 Blotzheim
3%
Bas-Rhin (67) 2 412 Bœrsch
3%
Haut-Rhin (68) 4 109 Bollwiller
3%
Moselle (57) 2 450 Boulange
3%
Moselle (57) 3 231 Bousse
3%
Vosges (88) 136 Bouxières-aux-Bois
3%
Meurthe-et-Moselle (54) 1 409 Bouxières-aux-Chênes
3%
Meurthe-et-Moselle (54) 4 134 Bouxières-aux-Dames
3%
Meurthe-et-Moselle (54) 410 Bouxières-sous-Froidmont
3%
Bas-Rhin (67) 663 Breitenbach
3%
Haut-Rhin (68) 813 Breitenbach-Haut-Rhin
3%
Meuse (55) 84 Bure
3%
Haut-Rhin (68) 1 928 Burnhaupt-le-Bas
3%
Haut-Rhin (68) 1 731 Burnhaupt-le-Haut
3%
Vosges (88) 1 320 Bussang
3%
Meuse (55) 532 Buzy-Darmont
3%
Ardennes (08) 2 810 Carignan
3%
Haute-Marne (52) 71 Celles-en-Bassigny
3%
Aube (10) 483 Celles-sur-Ource
3%
Vosges (88) 764 Celles-sur-Plaine
3%
Haut-Rhin (68) 987 Chalampé
3%
Meurthe-et-Moselle (54) 2 782 Chaligny
3%
Haute-Marne (52) 2 377 Chalindrey
3%
Aube (10) 1 015 Chaource
3%
Ardennes (08) 523 Chémery-Chéhéry
3%
Moselle (57) 811 Coin-lès-Cuvry
3%
Moselle (57) 333 Coin-sur-Seille
3%
Ardennes (08) 64 Condé-lès-Autry
3%
Ardennes (08) 221 Condé-lès-Herpy
3%
Moselle (57) 707 Condé-Northen
3%
Marne (51) 747 Condé-sur-Marne
3%
Vosges (88) 3 045 Cornimont
3%
Meuse (55) 1 667 Cousances-les-Forges
3%
Meuse (55) 145 Cousances-lès-Triconville
3%
Meurthe-et-Moselle (54) 3 101 Custines
3%
Aube (10) 333 Dampierre
3%
Haute-Marne (52) 387 Dampierre
3%
Marne (51) 116 Dampierre-le-Château
3%
Marne (51) 113 Dampierre-sur-Moivre
3%
Meurthe-et-Moselle (54) 570 Dommartemont
3%
Ardennes (08) 2 166 Douzy
3%
Bas-Rhin (67) 5 292 Drusenheim
3%
Bas-Rhin (67) 1 839 Duppigheim
3%
Bas-Rhin (67) 2 903 Duttlenheim
3%
Vosges (88) 3 099 Éloyes
3%
Moselle (57) 2 262 Ennery
3%
Bas-Rhin (67) 2 246 Epfig
3%
Moselle (57) 5 316 Farébersviller
3%
Haut-Rhin (68) 827 Ferrette
3%
Marne (51) 175 Flavigny
3%
Meurthe-et-Moselle (54) 1 694 Flavigny-sur-Moselle
3%
Ardennes (08) 1 695 Flize
3%
Meurthe-et-Moselle (54) 311 Fontenoy-la-Joûte
3%
Meurthe-et-Moselle (54) 371 Fontenoy-sur-Moselle
3%
Meurthe-et-Moselle (54) 2 616 Foug
3%
Meuse (55) 165 Fresnes-au-Mont
3%
Moselle (57) 196 Fresnes-en-Saulnois
3%
Meuse (55) 663 Fresnes-en-Woëvre
3%
Haute-Marne (52) 156 Fresnes-sur-Apance
3%
Moselle (57) 164 Fribourg
3%
Ardennes (08) 3 151 Fumay
3%
Bas-Rhin (67) 1 507 Furdenheim
3%
Meurthe-et-Moselle (54) 2 648 Gondreville
3%
Moselle (57) 1 145 Gorze
3%
Marne (51) 182 Granges-sur-Aube
3%
Bas-Rhin (67) 2 303 Griesheim-près-Molsheim
3%
Bas-Rhin (67) 1 231 Griesheim-sur-Souffel
3%
Marne (51) 1 871 Gueux
3%
Haut-Rhin (68) 5 055 Habsheim
3%
Haute-Marne (52) 967 Haute-Amance
3%
Haut-Rhin (68) 2 859 Hésingue
3%
Bas-Rhin (67) 3 931 Holtzheim
3%
Meurthe-et-Moselle (54) 6 247 Homécourt
3%
Haut-Rhin (68) 568 Hunawihr
3%
Haut-Rhin (68) 2 446 Illfurth
3%
Haut-Rhin (68) 4 711 Ingersheim
3%
Aube (10) 171 Isle-Aubigny
3%
Aube (10) 475 Isle-Aumont
3%
Marne (51) 93 Isle-sur-Marne
3%
Haut-Rhin (68) 3 491 Issenheim
3%
Ardennes (08) 637 Joigny-sur-Meuse
3%
Haute-Marne (52) 971 Jonchery
3%
Marne (51) 234 Jonchery-sur-Suippe
3%
Marne (51) 1 831 Jonchery-sur-Vesle
3%
Bas-Rhin (67) 2 491 Kilstett
3%
Bas-Rhin (67) 1 745 Krautergersheim
3%
Haut-Rhin (68) 910 Kruth
3%
Vosges (88) 517 La Forge
3%
Aube (10) 214 La Fosse-Corduan
3%
Ardennes (08) 1 657 La Francheville
3%
Vosges (88) 133 La Grande-Fosse
3%
Vosges (88) 133 La Haye
3%
Aube (10) 95 La Loge-aux-Chèvres
3%
Aube (10) 64 La Loge-Pomblin
3%
Bas-Rhin (67) 3 458 Lampertheim
3%
Meurthe-et-Moselle (54) 981 Landres
3%
Vosges (88) 77 La Petite-Fosse
3%
Haut-Rhin (68) 1 862 Lapoutroie
3%
Vosges (88) 394 La Salle
3%
Haute-Marne (52) 156 Le Châtelet-sur-Meuse
3%
Ardennes (08) 774 Le Châtelet-sur-Retourne
3%
Ardennes (08) 170 Le Châtelet-sur-Sormonne
3%
Aube (10) 284 Le Chêne
3%
Haut-Rhin (68) 867 Le Haut Soultzbach
3%
Bas-Rhin (67) 1 531 Lembach
3%
Vosges (88) 833 Lépanges-sur-Vologne
3%
Vosges (88) 1 792 Les Forges
3%
Meuse (55) 712 Les Hauts-de-Chée
3%
Aube (10) 3 267 Les Noës-près-Troyes
3%
Moselle (57) 204 Lesse
3%
Moselle (57) 771 Lessy
3%
Vosges (88) 1 515 Le Tholy
3%
Vosges (88) 3 861 Le Val-d’Ajol
3%
Marne (51) 110 Le Vieil-Dampierre
3%
Meurthe-et-Moselle (54) 3 874 Lexy
3%
Haut-Rhin (68) 1 653 Lièpvre
3%
Bas-Rhin (67) 2 670 Lipsheim
3%
Meuse (55) 30 Lisle-en-Barrois
3%
Meuse (55) 470 L'Isle-en-Rigault
3%
Ardennes (08) 1 106 Lumes
3%
Haut-Rhin (68) 6 261 Lutterbach
3%
Marne (51) 543 Maisons-en-Champagne
3%
Aube (10) 169 Maisons-lès-Chaource
3%
Aube (10) 70 Maisons-lès-Soulaines
3%
Meurthe-et-Moselle (54) 834 Maron
3%
Bas-Rhin (67) 3 391 Mertzwiller
3%
Meurthe-et-Moselle (54) 1 988 Messein
3%
Haut-Rhin (68) 1 043 Metzeral
3%
Moselle (57) 2 272 Metzervisse
3%
Bas-Rhin (67) 571 Mittelschaeffolsheim
3%
Bas-Rhin (67) 1 994 Monswiller
3%
Marne (51) 3 557 Montmirail
3%
Moselle (57) 2 723 Montois-la-Montagne
3%
Aube (10) 288 Montreuil-sur-Barse
3%
Haute-Marne (52) 135 Montreuil-sur-Blaise
3%
Haute-Marne (52) 61 Montreuil-sur-Thonnance
3%
Marne (51) 763 Moussy
3%
Meurthe-et-Moselle (54) 528 Moyen
3%
Moselle (57) 7 330 Moyeuvre-Grande
3%
Moselle (57) 446 Moyeuvre-Petite
3%
Marne (51) 2 086 Muizon
3%
Meuse (55) 82 Nant-le-Grand
3%
Meuse (55) 74 Nant-le-Petit
3%
Moselle (57) 4 394 Nilvange
3%
Meurthe-et-Moselle (54) 1 135 Nomeny
3%
Vosges (88) 1 951 Nomexy
3%
Bas-Rhin (67) 1 736 Nordhouse
3%
Ardennes (08) 5 592 Nouzonville
3%
Meurthe-et-Moselle (54) 250 Noviant-aux-Prés
3%
Marne (51) 541 Orbais-l’Abbaye
3%
Haut-Rhin (68) 1 658 Ostheim
3%
Haut-Rhin (68) 1 995 Ottmarsheim
3%
Marne (51) 373 Passy-Grigny
3%
Moselle (57) 1 821 Peltre
3%
Vosges (88) 1 616 Plainfaing
3%
Marne (51) 71 Poix
3%
Ardennes (08) 882 Poix-Terron
3%
Haut-Rhin (68) 1 856 Porte du Ried
3%
Aube (10) 206 Puits-et-Nuisement
3%
Bas-Rhin (67) 5 416 Reichshoffen
3%
Moselle (57) 2 116 Richemont
3%
Haut-Rhin (68) 3 704 Richwiller
3%
Marne (51) 1 014 Rilly-la-Montagne
3%
Aube (10) 230 Rilly-Sainte-Syre
3%
Ardennes (08) 126 Rilly-sur-Aisne
3%
Haute-Marne (52) 188 Rivière-les-Fosses
3%
Meuse (55) 766 Robert-Espagne
3%
Haute-Marne (52) 538 Roches-Bettaincourt
3%
Haute-Marne (52) 574 Roches-sur-Marne
3%
Haut-Rhin (68) 2 200 Saint-Amarin
3%
Bas-Rhin (67) 246 Saint-Blaise-la-Roche
3%
Moselle (57) 773 Sainte-Barbe
3%
Vosges (88) 269 Sainte-Barbe
3%
Moselle (57) 234 Saint-Hubert
3%
Aube (10) 911 Saint-Léger-près-Troyes
3%
Aube (10) 384 Saint-Léger-sous-Brienne
3%
Aube (10) 50 Saint-Léger-sous-Margerie
3%
Aube (10) 3 201 Saint-Parres-aux-Tertres
3%
Aube (10) 1 066 Saint-Parres-lès-Vaudes
3%
Aube (10) 513 Saint-Phal
3%
Marne (51) 2 011 Sarry
3%
Haute-Marne (52) 58 Savigny
3%
Vosges (88) 195 Savigny
3%
Ardennes (08) 366 Savigny-sur-Aisne
3%
Marne (51) 262 Savigny-sur-Ardres
3%
Bas-Rhin (67) 3 153 Scherwiller
3%
Moselle (57) 2 662 Scy-Chazelles
3%
Moselle (57) 1 022 Semécourt
3%
Meuse (55) 311 Senon
3%
Marne (51) 211 Serzy-et-Prin
3%
Haut-Rhin (68) 4 145 Sierentz
3%
Ardennes (08) 1 349 Signy-l'Abbaye
3%
Ardennes (08) 1 183 Signy-le-Petit
3%
Ardennes (08) 93 Signy-Montlibert
3%
Bas-Rhin (67) 1 824 Sundhouse
3%
Marne (51) 2 187 Taissy
3%
Bas-Rhin (67) 187 Thal-Drulingen
3%
Bas-Rhin (67) 829 Thal-Marmoutier
3%
Marne (51) 511 Thillois
3%
Marne (51) 193 Trois-Fontaines-l’Abbaye
3%
Haut-Rhin (68) 2 432 Ungersheim
3%
Vosges (88) 3 878 Vagney
3%
Marne (51) 261 Valmy
3%
Ardennes (08) 202 Vandy
3%
Meurthe-et-Moselle (54) 518 Vannes-le-Châtel
3%
Meurthe-et-Moselle (54) 3 578 Varangéville
3%
Aube (10) 2 287 Vendeuvre-sur-Barse
3%
Marne (51) 289 Vert-Toulon
3%
Marne (51) 955 Verzy
3%
Haut-Rhin (68) 660 Vieux-Ferrette
3%
Moselle (57) 1 607 Vigy
3%
Meuse (55) 1 614 Void-Vacon
3%
Moselle (57) 558 Volmerange-lès-Boulay
3%
Moselle (57) 2 288 Volmerange-les-Mines
3%
Aube (10) 707 Voué
3%
Bas-Rhin (67) 645 Wangen
3%
Haute-Marne (52) 2 777 Wassy
3%
Bas-Rhin (67) 1 624 Westhouse
3%
Bas-Rhin (67) 351 Westhouse-Marmoutier
3%
Haut-Rhin (68) 1 776 Wettolsheim
3%
Bas-Rhin (67) 3 473 Weyersheim
3%
Haut-Rhin (68) 1 220 Wihr-au-Val
3%
Bas-Rhin (67) 1 696 Wœrth
3%
Haut-Rhin (68) 2 514 Zillisheim
3%
Moselle (57) 1 418 Abreschviller
2%
Bas-Rhin (67) 399 Adamswiller
2%
Ardennes (08) 1 659 Aiglemont
2%
Haut-Rhin (68) 1 125 Algolsheim
2%
Meurthe-et-Moselle (54) 491 Allain
2%
Bas-Rhin (67) 1 414 Altorf
2%
Ardennes (08) 760 Amagne
2%
Moselle (57) 2 121 Amanvillers
2%
Moselle (57) 1 490 Ancy-Dornot
2%
Moselle (57) 1 311 Angevillers
2%
Vosges (88) 3 301 Anould
2%
Moselle (57) 1 071 Apach
2%
Ardennes (08) 119 Apremont
2%
Meuse (55) 424 Apremont-la-Forêt
2%
Haute-Marne (52) 191 Aprey
2%
Vosges (88) 1 621 Arches
2%
Moselle (57) 1 330 Argancy
2%
Moselle (57) 547 Arry
2%
Bas-Rhin (67) 992 Artolsheim
2%
Haut-Rhin (68) 862 Artzenheim
2%
Haut-Rhin (68) 998 Attenschwiller
2%
Meurthe-et-Moselle (54) 883 Atton
2%
Marne (51) 254 Aubérive
2%
Haute-Marne (52) 147 Auberive
2%
Ardennes (08) 306 Aubigny-les-Pothées
2%
Meurthe-et-Moselle (54) 2 652 Auboué
2%
Ardennes (08) 982 Aubrives
2%
Haut-Rhin (68) 360 Aubure
2%
Vosges (88) 191 Autreville
2%
Meuse (55) 37 Autréville-Saint-Lambert
2%
Haute-Marne (52) 365 Autreville-sur-la-Renne
2%
Meurthe-et-Moselle (54) 264 Autreville-sur-Moselle
2%
Ardennes (08) 101 Autry
2%
Marne (51) 306 Auve
2%
Marne (51) 984 Avenay-Val-d’Or
2%
Marne (51) 1 760 Avize
2%
Bas-Rhin (67) 774 Avolsheim
2%
Moselle (57) 581 Avricourt
2%
Meurthe-et-Moselle (54) 388 Avricourt
2%
Meurthe-et-Moselle (54) 1 199 Avril
2%
Marne (51) 413 Bagneux
2%
Meurthe-et-Moselle (54) 135 Bagneux
2%
Aube (10) 173 Bagneux-la-Fosse
2%
Meurthe-et-Moselle (54) 275 Bainville-aux-Miroirs
2%
Vosges (88) 154 Bainville-aux-Saules
2%
Meurthe-et-Moselle (54) 1 448 Bainville-sur-Madon
2%
Ardennes (08) 1 022 Bairon et ses environs
2%
Ardennes (08) 1 612 Balan
2%
Bas-Rhin (67) 1 205 Baldenheim
2%
Haut-Rhin (68) 2 607 Baldersheim
2%
Haut-Rhin (68) 955 Balgau
2%
Haut-Rhin (68) 813 Ballersdorf
2%
Haut-Rhin (68) 1 618 Bantzenheim
2%
Aube (10) 1 563 Barberey-Saint-Sulpice
2%
Aube (10) 461 Barbuise
2%
Ardennes (08) 397 Barby
2%
Haut-Rhin (68) 1 566 Battenheim
2%
Marne (51) 386 Baye
2%
Meuse (55) 39 Beaulieu-en-Argonne
2%
Haut-Rhin (68) 934 Beblenheim
2%
Bas-Rhin (67) 1 914 Beinheim
2%
Bas-Rhin (67) 173 Belmont
2%
Haute-Marne (52) 51 Belmont
2%
Vosges (88) 112 Belmont-lès-Darney
2%
Vosges (88) 302 Belmont-sur-Buttant
2%
Vosges (88) 127 Belmont-sur-Vair
2%
Meuse (55) 35 Belrain
2%
Ardennes (08) 221 Belval
2%
Vosges (88) 157 Belval
2%
Ardennes (08) 27 Belval-Bois-des-Dames
2%
Marne (51) 44 Belval-en-Argonne
2%
Marne (51) 169 Belval-sous-Châtillon
2%
Bas-Rhin (67) 610 Bernolsheim
2%
Haut-Rhin (68) 1 210 Bernwiller
2%
Marne (51) 609 Berru
2%
Haut-Rhin (68) 1 257 Berrwiller
2%
Bas-Rhin (67) 2 483 Berstett
2%
Moselle (57) 2 859 Bertrange
2%
Haute-Marne (52) 1 795 Bettancourt-la-Ferrée
2%
Marne (51) 75 Bettancourt-la-Longue
2%
Moselle (57) 293 Beux
2%
Marne (51) 129 Billy-le-Grand
2%
Meuse (55) 366 Billy-sous-Mangiennes
2%
Bas-Rhin (67) 1 048 Bindernheim
2%
Haut-Rhin (68) 1 998 Bitschwiller-lès-Thann
2%
Haute-Marne (52) 81 Bize
2%
Bas-Rhin (67) 1 356 Blaesheim
2%
Marne (51) 321 Blaise-sous-Arzillières
2%
Meurthe-et-Moselle (54) 1 050 Blâmont
2%
Haut-Rhin (68) 1 972 Blodelsheim
2%
Marne (51) 229 Boissy-le-Repos
2%
Haute-Marne (52) 1 821 Bologne
2%
Moselle (57) 570 Boucheporn
2%
Aube (10) 1 076 Bouilly
2%
Marne (51) 229 Bouilly
2%
Ardennes (08) 144 Boult-aux-Bois
2%
Marne (51) 1 787 Boult-sur-Suippe
2%
Haut-Rhin (68) 551 Bourbach-le-Bas
2%
Haut-Rhin (68) 414 Bourbach-le-Haut
2%
Haute-Marne (52) 1 969 Bourbonne-les-Bains
2%
Moselle (57) 1 154 Boust
2%
Marne (51) 549 Bouy
2%
Aube (10) 252 Bouy-Luxembourg
2%
Aube (10) 53 Bouy-sur-Orvin
2%
Marne (51) 839 Bouzy
2%
Meuse (55) 677 Bras-sur-Meuse
2%
Moselle (57) 103 Bréhain
2%
Meurthe-et-Moselle (54) 445 Bréhain-la-Ville
2%
Bas-Rhin (67) 1 337 Breuschwickersheim
2%
Marne (51) 346 Broyes
2%
Haut-Rhin (68) 1 044 Bruebach
2%
Vosges (88) 1 533 Bulgnéville
2%
Moselle (57) 3 373 Carling
2%
Haut-Rhin (68) 2 083 Carspach
2%
Ardennes (08) 188 Cauroy
2%
Marne (51) 494 Cauroy-lès-Hermonville
2%
Meurthe-et-Moselle (54) 717 Chambley-Bussières
2%
Aube (10) 105 Champfleury
2%
Marne (51) 586 Champfleury
2%
Moselle (57) 775 Charly-Oradour
2%
Marne (51) 240 Charmont
2%
Aube (10) 1 025 Charmont-sous-Barbuise
2%
Haute-Marne (52) 1 543 Châteauvillain
2%
Haute-Marne (52) 96 Chatenay-Mâcheron
2%
Haute-Marne (52) 47 Chatenay-Vaudin
2%
Meurthe-et-Moselle (54) 1 702 Chavigny
2%
Moselle (57) 580 Chémery-les-Deux
2%
Moselle (57) 816 Cheminot
2%
Haute-Marne (52) 149 Cirey-lès-Mareilles
2%
Haute-Marne (52) 113 Cirey-sur-Blaise
2%
Meurthe-et-Moselle (54) 1 587 Cirey-sur-Vezouze
2%
Bas-Rhin (67) 640 Cleebourg
2%
Aube (10) 1 142 Clérey
2%
Vosges (88) 30 Clérey-la-Côte
2%
Meurthe-et-Moselle (54) 56 Clérey-sur-Brenon
2%
Meuse (55) 91 Cléry-le-Grand
2%
Meuse (55) 188 Cléry-le-Petit
2%
Moselle (57) 3 359 Clouange
2%
Meurthe-et-Moselle (54) 519 Cons-la-Grandville
2%
Marne (51) 151 Coole
2%
Vosges (88) 1 494 Corcieux
2%
Marne (51) 1 509 Cormicy
2%
Ardennes (08) 192 Corny-Machéroménil
2%
Moselle (57) 2 156 Corny-sur-Moselle
2%
Meurthe-et-Moselle (54) 2 775 Cosnes-et-Romain
2%
Marne (51) 1 247 Courcy
2%
Marne (51) 2 353 Courtisols
2%
Marne (51) 460 Courville
2%
Moselle (57) 3 799 Créhange
2%
Aube (10) 1 997 Creney-près-Troyes
2%
Haute-Marne (52) 524 Culmont
2%
Moselle (57) 987 Cuvry
2%
Bas-Rhin (67) 1 783 Dachstein
2%
Meurthe-et-Moselle (54) 3 110 Damelevières
2%
Haute-Marne (52) 200 Dammartin-sur-Meuse
2%
Meuse (55) 618 Damvillers
2%
Vosges (88) 1 056 Darney
2%
Vosges (88) 64 Darney-aux-Chênes
2%
Moselle (57) 1 151 Delme
2%
Haut-Rhin (68) 1 459 Dessenheim
2%
Bas-Rhin (67) 2 582 Dettwiller
2%
Bas-Rhin (67) 1 592 Diemeringen
2%
Haut-Rhin (68) 1 417 Dietwiller
2%
Meuse (55) 1 449 Dieue-sur-Meuse
2%
Marne (51) 1 489 Dizy
2%
Aube (10) 127 Dolancourt
2%
Vosges (88) 242 Dompierre
2%
Meuse (55) 37 Dompierre-aux-Bois
2%
Ardennes (08) 1 989 Donchery
2%
Bas-Rhin (67) 316 Dossenheim-Kochersberg
2%
Bas-Rhin (67) 1 036 Dossenheim-sur-Zinsel
2%
Bas-Rhin (67) 1 417 Drulingen
2%
Aube (10) 254 Eaux-Puiseaux
2%
Bas-Rhin (67) 2 291 Ebersheim
2%
Bas-Rhin (67) 557 Ebersmunster
2%
Bas-Rhin (67) 1 403 Eckwersheim
2%
Meurthe-et-Moselle (54) 4 442 Écrouves
2%
Vosges (88) 505 Entre-deux-Eaux
2%
Bas-Rhin (67) 1 904 Ernolsheim-Bruche
2%
Bas-Rhin (67) 601 Ernolsheim-lès-Saverne
2%
Bas-Rhin (67) 960 Eschbach
2%
Haut-Rhin (68) 373 Eschbach-au-Val
2%
Marne (51) 1 808 Esternay
2%
Vosges (88) 2 506 Étival-Clairefontaine
2%
Marne (51) 4 877 Fagnières
2%
Moselle (57) 2 550 Falck
2%
Ardennes (08) 61 Faux
2%
Marne (51) 317 Faux-Fresnay
2%
Marne (51) 241 Faux-Vésigneul
2%
Aube (10) 205 Faux-Villecerf
2%
Haut-Rhin (68) 1 000 Feldkirch
2%
Haut-Rhin (68) 1 589 Fellering
2%
Moselle (57) 658 Fénétrange
2%
Haut-Rhin (68) 1 391 Flaxlanden
2%
Ardennes (08) 2 285 Floing
2%
Meuse (55) 38 Fontaines-Saint-Clair
2%
Haute-Marne (52) 147 Fontaines-sur-Marne
2%
Moselle (57) 3 142 Fontoy
2%
Meuse (55) 123 Forges-sur-Meuse
2%
Ardennes (08) 58 Fossé
2%
Bas-Rhin (67) 358 Fouday
2%
Marne (51) 194 Francheville
2%
Meurthe-et-Moselle (54) 292 Francheville
2%
Haut-Rhin (68) 1 305 Fréland
2%
Haut-Rhin (68) 663 Friesen
2%
Moselle (57) 3 029 Gandrange
2%
Marne (51) 531 Germaine
2%
Bas-Rhin (67) 3 463 Gerstheim
2%
Bas-Rhin (67) 1 273 Gertwiller
2%
Marne (51) 284 Giffaumont-Champaubert
2%
Ardennes (08) 266 Givry
2%
Marne (51) 454 Givry-en-Argonne
2%
Marne (51) 72 Givry-lès-Loisy
2%
Meuse (55) 1 053 Gondrecourt-le-Château
2%
Bas-Rhin (67) 835 Goxwiller
2%
Aube (10) 88 Grandville
2%
Moselle (57) 810 Gravelotte
2%
Bas-Rhin (67) 1 661 Gresswiller
2%
Haut-Rhin (68) 687 Griesbach-au-Val
2%
Ardennes (08) 181 Grivy-Loisy
2%
Moselle (57) 3 297 Grosbliederstroff
2%
Haut-Rhin (68) 1 438 Guémar
2%
Haut-Rhin (68) 1 332 Guewenheim
2%
Bas-Rhin (67) 3 779 Gundershoffen
2%
Meurthe-et-Moselle (54) 279 Gye
2%
Aube (10) 470 Gyé-sur-Seine
2%
Vosges (88) 2 349 Hadol
2%
Moselle (57) 2 831 Hambach
2%
Ardennes (08) 713 Haraucourt
2%
Meurthe-et-Moselle (54) 733 Haraucourt
2%
Moselle (57) 107 Haraucourt-sur-Seille
2%
Bas-Rhin (67) 1 904 Hatten
2%
Moselle (57) 442 Haute-Vigneulles
2%
Ardennes (08) 122 Hauteville
2%
Marne (51) 237 Hauteville
2%
Ardennes (08) 1 819 Haybes
2%
Haut-Rhin (68) 3 386 Hégenheim
2%
Bas-Rhin (67) 2 626 Hilsenheim
2%
Bas-Rhin (67) 1 539 Hindisheim
2%
Bas-Rhin (67) 1 006 Hipsheim
2%
Haut-Rhin (68) 2 120 Hirsingue
2%
Haut-Rhin (68) 2 177 Hochstatt
2%
Bas-Rhin (67) 1 142 Hoffen
2%
Bas-Rhin (67) 621 Hunspach
2%
Haut-Rhin (68) 503 Husseren-les-Châteaux
2%
Haut-Rhin (68) 1 042 Husseren-Wesserling
2%
Bas-Rhin (67) 2 697 Huttenheim
2%
Meurthe-et-Moselle (54) 117 Igney
2%
Vosges (88) 1 152 Igney
2%
Moselle (57) 1 799 Illange
2%
Haut-Rhin (68) 723 Illhaeusern
2%
Haut-Rhin (68) 1 244 Illtal
2%
Bas-Rhin (67) 357 Ingolsheim
2%
Bas-Rhin (67) 1 221 Innenheim
2%
Vosges (88) 1 112 Jeanménil
2%
Haut-Rhin (68) 1 348 Jebsheim
2%
Ardennes (08) 1 239 Juniville
2%
Moselle (57) 1 338 Jury
2%
Moselle (57) 452 Jussy
2%
Marne (51) 938 Juvigny
2%
Meuse (55) 138 Juvigny-en-Perthois
2%
Meuse (55) 258 Juvigny-sur-Loison
2%
Bas-Rhin (67) 2 478 Kaltenhouse
2%
Moselle (57) 1 222 Kanfen
2%
Moselle (57) 1 071 Kédange-sur-Canner
2%
Bas-Rhin (67) 1 493 Keskastel
2%
Bas-Rhin (67) 537 Kirrwiller
2%
Moselle (57) 3 202 Knutange
2%
Moselle (57) 2 260 Kœnigsmacker
2%
Bas-Rhin (67) 1 241 Kogenheim
2%
Haut-Rhin (68) 1 835 Kunheim
2%
Bas-Rhin (67) 1 082 Kurtzenhouse
2%
Haut-Rhin (68) 2 116 Labaroche
2%
Bas-Rhin (67) 2 595 La Broque
2%
Marne (51) 770 La Chaussée-sur-Marne
2%
Ardennes (08) 778 La Grandville
2%
Aube (10) 365 La Motte-Tilly
2%
Haut-Rhin (68) 1 642 Landser
2%
Haut-Rhin (68) 1 477 Lautenbach
2%
Aube (10) 934 Lavau
2%
Haute-Marne (52) 232 Laville-aux-Bois
2%
Meuse (55) 236 Lemmes
2%
Marne (51) 666 L’Épine
2%
Vosges (88) 307 Le Saulcy
2%
Marne (51) 282 Les Grandes-Loges
2%
Ardennes (08) 1 318 Les Hautes-Rivières
2%
Marne (51) 487 Les Petites-Loges
2%
Aube (10) 1 197 Les Riceys
2%
Vosges (88) 80 Les Rouges-Eaux
2%
Vosges (88) 1 876 Le Syndicat
2%
Moselle (57) 815 Le Val-de-Guéblange
2%
Vosges (88) 74 Le Valtin
2%
Vosges (88) 2 118 Liffol-le-Grand
2%
Haute-Marne (52) 317 Liffol-le-Petit
2%
Bas-Rhin (67) 686 Limersheim
2%
Haut-Rhin (68) 586 Linthal
2%
Meuse (55) 175 Lion-devant-Dun
2%
Marne (51) 1 092 Livry-Louvercy
2%
Meurthe-et-Moselle (54) 324 Loisy
2%
Marne (51) 174 Loisy-en-Brie
2%
Marne (51) 1 119 Loisy-sur-Marne
2%
Haute-Marne (52) 59 Longchamp
2%
Vosges (88) 461 Longchamp
2%
Vosges (88) 82 Longchamp-sous-Châtenois
2%
Aube (10) 367 Longchamp-sur-Aujon
2%
Moselle (57) 1 731 Lorry-lès-Metz
2%
Moselle (57) 671 Lorry-Mardigny
2%
Moselle (57) 881 Louvigny
2%
Moselle (57) 231 Lucy
2%
Aube (10) 2 244 Lusigny-sur-Barse
2%
Moselle (57) 564 Lutzelbourg
2%
Bas-Rhin (67) 1 907 Lutzelhouse
2%
Haute-Marne (52) 72 Maâtz
2%
Marne (51) 1 693 Magenta
2%
Meurthe-et-Moselle (54) 557 Mairy-Mainville
2%
Meurthe-et-Moselle (54) 1 677 Marbache
2%
Haute-Marne (52) 225 Marcilly-en-Bassigny
2%
Aube (10) 719 Marcilly-le-Hayer
2%
Marne (51) 620 Marcilly-sur-Seine
2%
Ardennes (08) 92 Marcq
2%
Marne (51) 290 Mareuil-en-Brie
2%
Marne (51) 1 151 Mareuil-le-Port
2%
Marne (51) 113 Marigny
2%
Aube (10) 1 756 Marigny-le-Châtel
2%
Vosges (88) 797 Martigny-les-Bains
2%
Vosges (88) 113 Martigny-les-Gerbonvaux
2%
Bas-Rhin (67) 1 490 Matzenheim
2%
Moselle (57) 652 Meisenthal
2%
Marne (51) 67 Méry-Prémecy
2%
Aube (10) 1 465 Méry-sur-Seine
2%
Moselle (57) 276 Métairies-Saint-Quirin
2%
Meurthe-et-Moselle (54) 2 288 Mexy
2%
Haut-Rhin (68) 2 016 Meyenheim
2%
Haut-Rhin (68) 705 Michelbach-le-Bas
2%
Haut-Rhin (68) 605 Michelbach-le-Haut
2%
Bas-Rhin (67) 598 Mittelbergheim
2%
Marne (51) 57 Moivre
2%
Meurthe-et-Moselle (54) 613 Moncel-lès-Lunéville
2%
Meurthe-et-Moselle (54) 530 Moncel-sur-Seille
2%
Ardennes (08) 2 170 Monthermé
2%
Aube (10) 220 Montier-en-l'Isle
2%
Aube (10) 148 Montmorency-Beaufort
2%
Marne (51) 637 Montmort-Lucy
2%
Meurthe-et-Moselle (54) 53 Montreux
2%
Haut-Rhin (68) 371 Montreux-Jeune
2%
Haut-Rhin (68) 914 Montreux-Vieux
2%
Haut-Rhin (68) 1 617 Moosch
2%
Bas-Rhin (67) 680 Morsbronn-les-Bains
2%
Vosges (88) 181 Mortagne
2%
Bas-Rhin (67) 1 915 Mothern
2%
Aube (10) 658 Moussey
2%
Moselle (57) 562 Moussey
2%
Vosges (88) 556 Moussey
2%
Meurthe-et-Moselle (54) 102 Mousson
2%
Meurthe-et-Moselle (54) 1 579 Moutiers
2%
Vosges (88) 3 037 Moyenmoutier
2%
Haut-Rhin (68) 1 557 Munchhouse
2%
Haut-Rhin (68) 1 283 Muntzenheim
2%
Aube (10) 975 Mussy-sur-Seine
2%
Bas-Rhin (67) 2 228 Muttersholtz
2%
Bas-Rhin (67) 528 Natzwiller
2%
Moselle (57) 2 621 Neufchef
2%
Marne (51) 271 Neuvy
2%
Haut-Rhin (68) 503 Neuwiller
2%
Bas-Rhin (67) 1 105 Neuwiller-lès-Saverne
2%
Bas-Rhin (67) 1 394 Niederhaslach
2%
Haut-Rhin (68) 1 157 Niederhergheim
2%
Haut-Rhin (68) 560 Niedermorschwihr
2%
Haut-Rhin (68) 970 Niffer
2%
Aube (10) 108 Noé-les-Mallets
2%
Bas-Rhin (67) 940 Nordheim
2%
Vosges (88) 212 Norroy
2%
Meurthe-et-Moselle (54) 415 Norroy-le-Sec
2%
Meurthe-et-Moselle (54) 1 173 Norroy-lès-Pont-à-Mousson
2%
Moselle (57) 1 013 Norroy-le-Veneur
2%
Ardennes (08) 2 226 Nouvion-sur-Meuse
2%
Moselle (57) 1 858 Novéant-sur-Moselle
2%
Marne (51) 386 Nuisement-sur-Coole
2%
Bas-Rhin (67) 1 358 Obenheim
2%
Bas-Rhin (67) 1 462 Oberbronn
2%
Bas-Rhin (67) 1 753 Oberhaslach
2%
Haut-Rhin (68) 1 296 Oberhergheim
2%
Bas-Rhin (67) 316 Oberhoffen-lès-Wissembourg
2%
Bas-Rhin (67) 3 764 Oberhoffen-sur-Moder
2%
Bas-Rhin (67) 1 740 Obermodern-Zutzendorf
2%
Haut-Rhin (68) 392 Obermorschwihr
2%
Haute-Marne (52) 168 Occey
2%
Haut-Rhin (68) 1 242 Oderen
2%
Bas-Rhin (67) 2 493 Offendorf
2%
Meurthe-et-Moselle (54) 517 Onville
2%
Bas-Rhin (67) 615 Orschwiller
2%
Bas-Rhin (67) 934 Osthouse
2%
Meurthe-et-Moselle (54) 40 Othe
2%
Moselle (57) 3 065 Ottange
2%
Moselle (57) 873 Pange
2%
Marne (51) 485 Pargny-lès-Reims
2%
Vosges (88) 179 Pargny-sous-Mureau
2%
Marne (51) 1 714 Pargny-sur-Saulx
2%
Ardennes (08) 304 Perthes
2%
Haute-Marne (52) 504 Perthes
2%
Aube (10) 65 Perthes-lès-Brienne
2%
Moselle (57) 6 216 Petite-Rosselle
2%
Haut-Rhin (68) 823 Petit-Landau
2%
Haut-Rhin (68) 1 348 Pfaffenheim
2%
Meurthe-et-Moselle (54) 2 460 Piennes
2%
Marne (51) 1 237 Pierry
2%
Moselle (57) 2 028 Plappeville
2%
Haute-Marne (52) 617 Poissons
2%
Marne (51) 1 740 Pontfaverger-Moronvilliers
2%
Marne (51) 127 Possesse
2%
Moselle (57) 827 Pouilly
2%
Meuse (55) 171 Pouilly-sur-Meuse
2%
Vosges (88) 667 Poussay
2%
Vosges (88) 1 959 Pouxeux
2%
Ardennes (08) 1 351 Prix-lès-Mézières
2%
Vosges (88) 1 316 Provenchères-et-Colroy
2%
Marne (51) 1 027 Prunay
2%
Haut-Rhin (68) 3 080 Pulversheim
2%
Bas-Rhin (67) 767 Quatzenheim
2%
Haut-Rhin (68) 790 Ranspach
2%
Haut-Rhin (68) 626 Ranspach-le-Bas
2%
Haut-Rhin (68) 627 Ranspach-le-Haut
2%
Meurthe-et-Moselle (54) 230 Raucourt
2%
Ardennes (08) 817 Raucourt-et-Flaba
2%
Moselle (57) 2 334 Réding
2%
Meurthe-et-Moselle (54) 3 793 Réhon
2%
Haut-Rhin (68) 1 951 Reiningue
2%
Meuse (55) 2 702 Revigny-sur-Ornain
2%
Moselle (57) 126 Rhodes
2%
Meurthe-et-Moselle (54) 2 335 Richardménil
2%
Moselle (57) 1 287 Rodemack
2%
Bas-Rhin (67) 2 272 Rœschwoog
2%
Marne (51) 318 Romain
2%
Meurthe-et-Moselle (54) 69 Romain
2%
Haute-Marne (52) 87 Romain-sur-Meuse
2%
Bas-Rhin (67) 1 188 Romanswiller
2%
Haut-Rhin (68) 2 380 Rosenau
2%
Bas-Rhin (67) 1 491 Rothau
2%
Bas-Rhin (67) 468 Rott
2%
Bas-Rhin (67) 1 976 Rountzenheim-Auenheim
2%
Moselle (57) 1 526 Roussy-le-Village
2%
Meuse (55) 590 Rouvres-en-Woëvre
2%
Vosges (88) 265 Rouvres-en-Xaintois
2%
Vosges (88) 452 Rouvres-la-Chétive
2%
Aube (10) 113 Rouvres-les-Vignes
2%
Haute-Marne (52) 70 Rouvres-sur-Aube
2%
Marne (51) 3 Rouvroy-Ripont
2%
Ardennes (08) 566 Rouvroy-sur-Audry
2%
Haute-Marne (52) 372 Rouvroy-sur-Marne
2%
Haut-Rhin (68) 1 058 Rumersheim-le-Haut
2%
Moselle (57) 2 374 Rurange-lès-Thionville
2%
Bas-Rhin (67) 1 237 Russ
2%
Ardennes (08) 153 Saint-Aignan
2%
Vosges (88) 2 151 Saint-Amé
2%
Vosges (88) 445 Sainte-Hélène
2%
Aube (10) 1 766 Sainte-Maure
2%
Meurthe-et-Moselle (54) 288 Saint-Firmin
2%
Vosges (88) 136 Saint-Genest
2%
Aube (10) 2 870 Saint-Lyé
2%
Meurthe-et-Moselle (54) 101 Saint-Mard
2%
Marne (51) 156 Saint-Mard-lès-Rouffy
2%
Marne (51) 64 Saint-Mard-sur-Auve
2%
Marne (51) 115 Saint-Mard-sur-le-Mont
2%
Moselle (57) 107 Saint-Médard
2%
Marne (51) 5 434 Saint-Memmie
2%
Vosges (88) 121 Saint-Menge
2%
Vosges (88) 3 993 Saint-Nabord
2%
Aube (10) 136 Saint-Nabord-sur-Aube
2%
Moselle (57) 703 Saint-Quirin
2%
Aube (10) 547 Saint-Thibault
2%
Haute-Marne (52) 616 Saint-Urbain-Maconcourt
2%
Bas-Rhin (67) 1 408 Sand
2%
Meuse (55) 91 Sassey-sur-Meuse
2%
Aube (10) 63 Saulcy
2%
Vosges (88) 2 319 Saulcy-sur-Meurthe
2%
Moselle (57) 1 559 Saulny
2%
Ardennes (08) 1 928 Sault-lès-Rethel
2%
Ardennes (08) 211 Sault-Saint-Remy
2%
Meurthe-et-Moselle (54) 87 Saxon-Sion
2%
Bas-Rhin (67) 1 280 Scharrachbergheim-Irmstett
2%
Bas-Rhin (67) 2 272 Schirrhein
2%
Bas-Rhin (67) 1 759 Schwindratzheim
2%
Bas-Rhin (67) 1 646 Seebach
2%
Vosges (88) 2 364 Senones
2%
Haut-Rhin (68) 1 548 Sentheim
2%
Haut-Rhin (68) 1 408 Seppois-le-Bas
2%
Haut-Rhin (68) 504 Seppois-le-Haut
2%
Moselle (57) 4 174 Serémange-Erzange
2%
Marne (51) 1 761 Sermaize-les-Bains
2%
Bas-Rhin (67) 2 314 Sessenheim
2%
Haut-Rhin (68) 493 Sewen
2%
Marne (51) 1 836 Sillery
2%
Marne (51) 478 Sommesous
2%
Haut-Rhin (68) 724 Soultzbach-les-Bains
2%
Haut-Rhin (68) 1 121 Soultzeren
2%
Haut-Rhin (68) 2 432 Soultzmatt
2%
Haut-Rhin (68) 4 061 Staffelfelden
2%
Bas-Rhin (67) 1 926 Steinbourg
2%
Bas-Rhin (67) 1 806 Still
2%
Haut-Rhin (68) 1 333 Stosswihr
2%
Haut-Rhin (68) 347 Strueth
2%
Haut-Rhin (68) 1 949 Sundhoffen
2%
Bas-Rhin (67) 1 717 Surbourg
2%
Ardennes (08) 882 Tagnon
2%
Ardennes (08) 162 Tannay-le-Mont-Dieu
2%
Haut-Rhin (68) 463 Thannenkirch
2%
Meurthe-et-Moselle (54) 1 117 Thiaucourt-Regniéville
2%
Meuse (55) 3 179 Thierville-sur-Meuse
2%
Ardennes (08) 223 This
2%
Aube (10) 449 Torcy-le-Grand
2%
Aube (10) 75 Torcy-le-Petit
2%
Moselle (57) 1 002 Trémery
2%
Moselle (57) 2 383 Tressange
2%
Meurthe-et-Moselle (54) 2 638 Trieux
2%
Moselle (57) 1 250 Troisfontaines
2%
Haute-Marne (52) 433 Troisfontaines-la-Ville
2%
Marne (51) 152 Trois-Puits
2%
Meurthe-et-Moselle (54) 197 Tronville
2%
Meuse (55) 1 331 Tronville-en-Barrois
2%
Haut-Rhin (68) 1 649 Uffholtz
2%
Haut-Rhin (68) 438 Urbès
2%
Bas-Rhin (67) 1 448 Urmatt
2%
Bas-Rhin (67) 572 Uttenheim
2%
Bas-Rhin (67) 1 369 Valff
2%
Moselle (57) 2 945 Valmont
2%
Marne (51) 298 Vandières
2%
Meurthe-et-Moselle (54) 935 Vandières
2%
Marne (51) 150 Vatry
2%
Meurthe-et-Moselle (54) 282 Velaine-sous-Amance
2%
Vosges (88) 828 Ventron
2%
Marne (51) 842 Verneuil
2%
Meuse (55) 209 Verneuil-Grand
2%
Meuse (55) 111 Verneuil-Petit
2%
Aube (10) 1 854 Verrières
2%
Ardennes (08) 32 Verrières
2%
Marne (51) 390 Verrières
2%
Marne (51) 1 015 Verzenay
2%
Meurthe-et-Moselle (54) 1 364 Vézelise
2%
Marne (51) 166 Vienne-la-Ville
2%
Marne (51) 515 Vienne-le-Château
2%
Meurthe-et-Moselle (54) 232 Vigneulles
2%
Meuse (55) 1 574 Vigneulles-lès-Hattonchâtel
2%
Meuse (55) 81 Vigneul-sous-Montmédy
2%
Haute-Marne (52) 66 Villars-en-Azois
2%
Haute-Marne (52) 77 Villars-Santenoge
2%
Meurthe-et-Moselle (54) 418 Villey-le-Sec
2%
Meurthe-et-Moselle (54) 1 015 Villey-Saint-Étienne
2%
Vosges (88) 2 112 Vincey
2%
Ardennes (08) 1 459 Vireux-Molhain
2%
Ardennes (08) 1 894 Vireux-Wallerand
2%
Ardennes (08) 2 892 Vivier-au-Court
2%
Haut-Rhin (68) 633 Vogelgrun
2%
Haut-Rhin (68) 2 702 Volgelsheim
2%
Moselle (57) 2 057 Volstroff
2%
Ardennes (08) 3 540 Vrigne aux Bois
2%
Ardennes (08) 332 Vrigne-Meuse
2%
Haut-Rhin (68) 482 Wahlbach
2%
Bas-Rhin (67) 931 Walbourg
2%
Moselle (57) 1 476 Walscheid
2%
Bas-Rhin (67) 1 337 Wangenbourg-Engenthal
2%
Ardennes (08) 1 253 Warcq
2%
Meuse (55) 184 Warcq
2%
Marne (51) 2 669 Warmeriville
2%
Bas-Rhin (67) 1 693 Westhoffen
2%
Bas-Rhin (67) 2 073 Wisches
2%
Haut-Rhin (68) 1 059 Zimmersheim
2%
Moselle (57) 1 262 Zoufftgen
2%
Meuse (55) 285 Abainville
1%
Meurthe-et-Moselle (54) 236 Abbéville-lès-Conflans
1%
Marne (51) 165 Ablancourt
1%
Moselle (57) 321 Aboncourt
1%
Meurthe-et-Moselle (54) 91 Aboncourt
1%
Moselle (57) 65 Aboncourt-sur-Seille
1%
Ardennes (08) 492 Acy-Romance
1%
Haute-Marne (52) 315 Ageville
1%
Meurthe-et-Moselle (54) 449 Agincourt
1%
Marne (51) 283 Aigny
1%
Aube (10) 227 Ailleville
1%
Meurthe-et-Moselle (54) 537 Aingeray
1%
Moselle (57) 614 Albestroff
1%
Ardennes (08) 160 Alincourt
1%
Ardennes (08) 262 Alland'Huy-et-Sausseuil
1%
Vosges (88) 205 Allarmont
1%
Marne (51) 176 Allemant
1%
Marne (51) 150 Alliancelles
1%
Meurthe-et-Moselle (54) 641 Allondrelle-la-Malmaison
1%
Moselle (57) 2 499 Alsting
1%
Bas-Rhin (67) 858 Alteckendorf
1%
Haut-Rhin (68) 384 Altenach
1%
Bas-Rhin (67) 228 Altenheim
1%
Moselle (57) 546 Altviller
1%
Bas-Rhin (67) 375 Altwiller
1%
Moselle (57) 396 Alzing
1%
Meuse (55) 237 Ambly-sur-Meuse
1%
Marne (51) 958 Ambonnay
1%
Marne (51) 212 Ambrières
1%
Moselle (57) 121 Amelécourt
1%
Meuse (55) 147 Amel-sur-l'Étang
1%
Meuse (55) 535 Ancemont
1%
Ardennes (08) 213 Anchamps
1%
Haute-Marne (52) 863 Andelot-Blancheville
1%
Meurthe-et-Moselle (54) 286 Andilly
1%
Haute-Marne (52) 105 Andilly-en-Bassigny
1%
Ardennes (08) 387 Angecourt
1%
Marne (51) 797 Anglure
1%
Ardennes (08) 134 Annelles
1%
Haute-Marne (52) 94 Annéville-la-Prairie
1%
Meurthe-et-Moselle (54) 443 Anthelupt
1%
Marne (51) 71 Anthenay
1%
Ardennes (08) 100 Antheny
1%
Moselle (57) 191 Antilly
1%
Moselle (57) 496 Anzeling
1%
Ardennes (08) 209 Aouste
1%
Haut-Rhin (68) 583 Appenwihr
1%
Vosges (88) 1 107 Archettes
1%
Ardennes (08) 77 Ardeuil-et-Montfauxelles
1%
Aube (10) 114 Argançon
1%
Marne (51) 109 Argers
1%
Meurthe-et-Moselle (54) 558 Arnaville
1%
Ardennes (08) 152 Arnicourt
1%
Meuse (55) 464 Arrancy-sur-Crusnes
1%
Aube (10) 198 Arrentières
1%
Ardennes (08) 331 Arreux
1%
Marne (51) 240 Arrigny
1%
Ardennes (08) 64 Artaise-le-Vivier
1%
Moselle (57) 531 Arzviller
1%
Bas-Rhin (67) 646 Aschbach
1%
Aube (10) 140 Assenay
1%
Bas-Rhin (67) 271 Asswiller
1%
Marne (51) 892 Athis
1%
Haute-Marne (52) 276 Attancourt
1%
Marne (51) 52 Aubilly
1%
Ardennes (08) 96 Auboncourt-Vauzelles
1%
Meuse (55) 358 Aubréville
1%
Ardennes (08) 83 Auflance
1%
Ardennes (08) 58 Auge
1%
Vosges (88) 172 Aulnois
1%
Meuse (55) 479 Aulnois-en-Perthois
1%
Moselle (57) 299 Aulnois-sur-Seille
1%
Haute-Marne (52) 55 Aulnoy-sur-Aube
1%
Marne (51) 1 106 Auménancourt
1%
Ardennes (08) 40 Aure
1%
Ardennes (08) 225 Aussonce
1%
Ardennes (08) 92 Authe
1%
Vosges (88) 141 Autigny-la-Tour
1%
Haute-Marne (52) 131 Autigny-le-Grand
1%
Haute-Marne (52) 53 Autigny-le-Petit
1%
Ardennes (08) 334 Autrecourt-et-Pourron
1%
Meuse (55) 115 Autrécourt-sur-Aire
1%
Meurthe-et-Moselle (54) 192 Autrey
1%
Vosges (88) 277 Autrey
1%
Ardennes (08) 53 Autruche
1%
Ardennes (08) 896 Auvillers-les-Forges
1%
Aube (10) 982 Auxon
1%
Ardennes (08) 350 Avançon
1%
Aube (10) 499 Avant-lès-Marcilly
1%
Aube (10) 153 Avant-lès-Ramerupt
1%
Ardennes (08) 496 Avaux
1%
Meurthe-et-Moselle (54) 135 Avillers
1%
Vosges (88) 85 Avillers
1%
Meuse (55) 74 Avillers-Sainte-Croix
1%
Meuse (55) 130 Avioth
1%
Aube (10) 201 Avon-la-Pèze
1%
Meurthe-et-Moselle (54) 215 Avrainville
1%
Vosges (88) 120 Avrainville
1%
Meurthe-et-Moselle (54) 422 Azelot
1%
Meurthe-et-Moselle (54) 758 Azerailles
1%
Moselle (57) 114 Azoudange
1%
Meuse (55) 276 Baâlon
1%
Ardennes (08) 206 Baâlons
1%
Marne (51) 283 Baconnes
1%
Bas-Rhin (67) 299 Baerendorf
1%
Moselle (57) 746 Baerenthal
1%
Haute-Marne (52) 139 Bailly-aux-Forges
1%
Aube (10) 37 Bailly-le-Franc
1%
Bas-Rhin (67) 673 Balbronn
1%
Ardennes (08) 159 Balham
1%
Ardennes (08) 250 Ballay
1%
Aube (10) 115 Balnot-la-Grange
1%
Aube (10) 154 Balnot-sur-Laignes
1%
Haut-Rhin (68) 743 Balschwiller
1%
Haut-Rhin (68) 558 Baltzenheim
1%
Moselle (57) 1 034 Bambiderstroff
1%
Marne (51) 22 Bannay
1%
Moselle (57) 71 Bannay
1%
Marne (51) 244 Bannes
1%
Haute-Marne (52) 366 Bannes
1%
Ardennes (08) 162 Banogne-Recouvrance
1%
Ardennes (08) 109 Barbaise
1%
Marne (51) 490 Barbonne-Fayel
1%
Bas-Rhin (67) 826 Barembach
1%
Aube (10) 285 Baroville
1%
Meurthe-et-Moselle (54) 524 Baslieux
1%
Marne (51) 344 Baslieux-lès-Fismes
1%
Marne (51) 178 Baslieux-sous-Châtillon
1%
Bas-Rhin (67) 223 Bassemberg
1%
Moselle (57) 523 Basse-Rentgen
1%
Marne (51) 93 Bassu
1%
Marne (51) 243 Bassuet
1%
Meurthe-et-Moselle (54) 1 300 Batilly
1%
Bas-Rhin (67) 983 Batzendorf
1%
Moselle (57) 180 Baudrecourt
1%
Haute-Marne (52) 86 Baudrecourt
1%
Haute-Marne (52) 1 277 Bayard-sur-Marne
1%
Aube (10) 743 Bayel
1%
Ardennes (08) 70 Bayonville
1%
Meurthe-et-Moselle (54) 329 Bayonville-sur-Mad
1%
Meuse (55) 144 Bazincourt-sur-Saulx
1%
Vosges (88) 605 Bazoilles-sur-Meuse
1%
Moselle (57) 541 Bazoncourt
1%
Meuse (55) 133 Beaufort-en-Argonne
1%
Marne (51) 103 Beaunay
1%
Moselle (57) 188 Bébing
1%
Moselle (57) 606 Béchy
1%
Ardennes (08) 41 Beffu-et-le-Morthomme
1%
Meuse (55) 607 Behonne
1%
Marne (51) 990 Beine-Nauroy
1%
Meurthe-et-Moselle (54) 749 Belleau
1%
Vosges (88) 968 Bellefontaine
1%
Bas-Rhin (67) 170 Bellefosse
1%
Haut-Rhin (68) 148 Bellemagny
1%
Meurthe-et-Moselle (54) 589 Bénaménil
1%
Haut-Rhin (68) 248 Bendorf
1%
Meuse (55) 133 Beney-en-Woëvre
1%
Moselle (57) 1 136 Béning-lès-Saint-Avold
1%
Meurthe-et-Moselle (54) 647 Benney
1%
Aube (10) 427 Bercenay-en-Othe
1%
Aube (10) 194 Bercenay-le-Hayer
1%
Haut-Rhin (68) 340 Berentzwiller
1%
Bas-Rhin (67) 732 Bergbieten
1%
Aube (10) 112 Bergères
1%
Marne (51) 582 Bergères-lès-Vertus
1%
Marne (51) 139 Bergères-sous-Montmirail
1%
Haut-Rhin (68) 1 108 Bergholtz
1%
Haut-Rhin (68) 401 Bergholtzzell
1%
Ardennes (08) 300 Bergnicourt
1%
Moselle (57) 278 Berling
1%
Marne (51) 255 Berméricourt
1%
Bas-Rhin (67) 1 459 Bernardswiller
1%
Bas-Rhin (67) 202 Bernardvillé
1%
Bas-Rhin (67) 490 Berstheim
1%
Moselle (57) 510 Berthelming
1%
Meurthe-et-Moselle (54) 317 Bertrambois
1%
Meurthe-et-Moselle (54) 1 076 Bertrichamps
1%
Aube (10) 118 Bessy
1%
Marne (51) 1 280 Bétheniville
1%
Marne (51) 235 Bethon
1%
Moselle (57) 246 Bettange
1%
Moselle (57) 388 Bettborn
1%
Moselle (57) 622 Bettelainville
1%
Haut-Rhin (68) 454 Bettendorf
1%
Moselle (57) 861 Betting
1%
Haut-Rhin (68) 307 Bettlach
1%
Bas-Rhin (67) 305 Bettwiller
1%
Aube (10) 178 Beurey
1%
Meuse (55) 424 Beurey-sur-Saulx
1%
Meurthe-et-Moselle (54) 500 Beuvillers
1%
Moselle (57) 504 Beyren-lès-Sierck
1%
Meurthe-et-Moselle (54) 163 Bezange-la-Grande
1%
Moselle (57) 95 Bezange-la-Petite
1%
Moselle (57) 440 Bibiche
1%
Bas-Rhin (67) 357 Biblisheim
1%
Meurthe-et-Moselle (54) 927 Bicqueley
1%
Haut-Rhin (68) 327 Biederthal
1%
Meurthe-et-Moselle (54) 37 Bienville-la-Petite
1%
Ardennes (08) 312 Biermes
1%
Haute-Marne (52) 1 325 Biesles
1%
Bas-Rhin (67) 308 Bietlenheim
1%
Ardennes (08) 46 Bièvres
1%
Ardennes (08) 67 Bignicourt
1%
Marne (51) 372 Bignicourt-sur-Marne
1%
Marne (51) 159 Bignicourt-sur-Saulx
1%
Haut-Rhin (68) 480 Biltzheim
1%
Bas-Rhin (67) 539 Bilwisheim
1%
Meurthe-et-Moselle (54) 116 Bionville
1%
Moselle (57) 393 Bionville-sur-Nied
1%
Bas-Rhin (67) 252 Bischholtz
1%
Haut-Rhin (68) 1 169 Bischwihr
1%
Haut-Rhin (68) 542 Bisel
1%
Bas-Rhin (67) 156 Bissert
1%
Bas-Rhin (67) 460 Bitschhoffen
1%
Marne (51) 618 Blacy
1%
Ardennes (08) 1 097 Blagny
1%
Haute-Marne (52) 67 Blaisy
1%
Bas-Rhin (67) 31 Blancherupt
1%
Ardennes (08) 383 Blanzy-la-Salonnaise
1%
Bas-Rhin (67) 308 Blienschwiller
1%
Moselle (57) 991 Bliesbruck
1%
Moselle (57) 603 Blies-Ébersing
1%
Moselle (57) 650 Blies-Guersviller
1%
Aube (10) 161 Bligny
1%
Marne (51) 116 Bligny
1%
Ardennes (08) 133 Blombay
1%
Bas-Rhin (67) 320 Bœsenbiesen
1%
Bas-Rhin (67) 574 Bolsenheim
1%
Meurthe-et-Moselle (54) 172 Boncourt
1%
Meuse (55) 321 Boncourt-sur-Meuse
1%
Meurthe-et-Moselle (54) 178 Bonviller
1%
Bas-Rhin (67) 1 384 Boofzheim
1%
Bas-Rhin (67) 790 Bootzheim
1%
Bas-Rhin (67) 383 Bossendorf
1%
Ardennes (08) 94 Bossus-lès-Rumigny
1%
Ardennes (08) 57 Bouconville
1%
Meuse (55) 105 Bouconville-sur-Madt
1%
Meurthe-et-Moselle (54) 355 Boucq
1%
Meuse (55) 2 435 Bouligny
1%
Ardennes (08) 976 Boulzicourt
1%
Ardennes (08) 53 Bourcq
1%
Bas-Rhin (67) 635 Bourgheim
1%
Haute-Marne (52) 760 Bourmont-entre-Meuse-et-Mouzon
1%
Moselle (57) 1 208 Bousbach
1%
Marne (51) 175 Bouvancourt
1%
Ardennes (08) 122 Bouvellemont
1%
Vosges (88) 49 Bouzemont
1%
Meuse (55) 104 Brabant-en-Argonne
1%
Meuse (55) 224 Brabant-le-Roi
1%
Meuse (55) 117 Brabant-sur-Meuse
1%
Aube (10) 228 Bragelogne-Beauvoir
1%
Meurthe-et-Moselle (54) 169 Brainville
1%
Haute-Marne (52) 69 Brainville-sur-Meuse
1%
Aube (10) 112 Braux
1%
Haute-Marne (52) 132 Braux-le-Châtel
1%
Marne (51) 94 Braux-Sainte-Cohière
1%
Marne (51) 81 Braux-Saint-Remy
1%
Marne (51) 82 Bréban
1%
Haut-Rhin (68) 405 Bréchaumont
1%
Ardennes (08) 78 Brécy-Brières
1%
Moselle (57) 834 Breistroff-la-Grande
1%
Bas-Rhin (67) 335 Breitenau
1%
Haute-Marne (52) 383 Brethenay
1%
Haut-Rhin (68) 188 Bretten
1%
Marne (51) 328 Breuil-sur-Vesle
1%
Haute-Marne (52) 672 Breuvannes-en-Bassigny
1%
Meuse (55) 264 Breux
1%
Aube (10) 3 034 Bréviandes
1%
Ardennes (08) 363 Brévilly
1%
Aube (10) 661 Brévonnes
1%
Haute-Marne (52) 425 Bricon
1%
Aube (10) 198 Briel-sur-Barse
1%
Ardennes (08) 225 Brieulles-sur-Bar
1%
Meuse (55) 303 Brieulles-sur-Meuse
1%
Meuse (55) 704 Brillon-en-Barrois
1%
Marne (51) 453 Brimont
1%
Haut-Rhin (68) 415 Brinckheim
1%
Ardennes (08) 88 Briquenay
1%
Ardennes (08) 135 Brognon
1%
Moselle (57) 511 Bronvaux
1%
Haute-Marne (52) 633 Brousseval
1%
Marne (51) 315 Broussy-le-Grand
1%
Marne (51) 134 Broussy-le-Petit
1%
Meurthe-et-Moselle (54) 126 Brouville
1%
Marne (51) 440 Brugny-Vaudancourt
1%
Meurthe-et-Moselle (54) 617 Bruley
1%
Aube (10) 437 Bucey-en-Othe
1%
Aube (10) 1 895 Buchères
1%
Moselle (57) 96 Buchy
1%
Moselle (57) 574 Buding
1%
Haut-Rhin (68) 256 Buethwiller
1%
Meurthe-et-Moselle (54) 529 Bulligny
1%
Ardennes (08) 135 Bulson
1%
Vosges (88) 304 Bult
1%
Bas-Rhin (67) 277 Burbach
1%
Meurthe-et-Moselle (54) 64 Bures
1%
Haut-Rhin (68) 1 060 Buschwiller
1%
Bas-Rhin (67) 470 Bust
1%
Bas-Rhin (67) 286 Buswiller
1%
Bas-Rhin (67) 662 Butten
1%
Haute-Marne (52) 26 Buxières-lès-Clefmont
1%
Haute-Marne (52) 210 Buxières-lès-Villiers
1%
Meuse (55) 274 Buxières-sous-les-Côtes
1%
Aube (10) 15 Buxières-sur-Arce
1%
Moselle (57) 682 Cappel
1%
Marne (51) 695 Caurel
1%
Meurthe-et-Moselle (54) 932 Ceintrey
1%
Ardennes (08) 55 Cernion
1%
Meurthe-et-Moselle (54) 550 Cerville
1%
Ardennes (08) 175 Chagny
1%
Moselle (57) 415 Chailly-lès-Ennery
1%
Ardennes (08) 718 Chalandry-Elaire
1%
Ardennes (08) 430 Challerange
1%
Vosges (88) 450 Chamagne
1%
Moselle (57) 319 Chambrey
1%
Marne (51) 447 Chamery
1%
Haute-Marne (52) 744 Chamouilley
1%
Marne (51) 122 Champaubert
1%
Meurthe-et-Moselle (54) 1 561 Champenoux
1%
Meurthe-et-Moselle (54) 321 Champey-sur-Moselle
1%
Aube (10) 258 Champignol-lez-Mondeville
1%
Marne (51) 507 Champillon
1%
Ardennes (08) 72 Champlin
1%
Haute-Marne (52) 1 016 Chancenay
1%
Marne (51) 117 Changy
1%
Meurthe-et-Moselle (54) 2 136 Chanteheux
1%
Marne (51) 49 Chantemerle
1%
Vosges (88) 3 177 Chantraine
1%
Aube (10) 350 Chappes
1%
Ardennes (08) 85 Chappes
1%
Ardennes (08) 220 Charbogne
1%
Meurthe-et-Moselle (54) 607 Charency-Vezin
1%
Meurthe-et-Moselle (54) 194 Charmois
1%
Vosges (88) 380 Charmois-devant-Bruyères
1%
Vosges (88) 585 Charmois-l’Orgueilleux
1%
Aube (10) 66 Charmoy
1%
Ardennes (08) 71 Charnois
1%
Aube (10) 249 Charny-le-Bachot
1%
Meuse (55) 525 Charny-sur-Meuse
1%
Aube (10) 703 Châtres
1%
Haute-Marne (52) 343 Chaudenay
1%
Meurthe-et-Moselle (54) 728 Chaudeney-sur-Moselle
1%
Aube (10) 129 Chauffour-lès-Bailly
1%
Meuse (55) 229 Chauvency-le-Château
1%
Meuse (55) 223 Chauvency-Saint-Hubert
1%
Meuse (55) 434 Chauvoncourt
1%
Aube (10) 593 Chavanges
1%
Haut-Rhin (68) 673 Chavannes-sur-l’Étang
1%
Vosges (88) 1 368 Chavelot
1%
Marne (51) 334 Chavot-Courcourt
1%
Marne (51) 596 Cheminon
1%
Marne (51) 224 Chenay
1%
Meurthe-et-Moselle (54) 486 Chenevières
1%
Vosges (88) 1 245 Cheniménil
1%
Meuse (55) 155 Cheppy
1%
Marne (51) 449 Chepy
1%
Moselle (57) 280 Chérisey
1%
Marne (51) 83 Cherville
1%
Ardennes (08) 161 Chesnois-Auboncourt
1%
Moselle (57) 565 Chesny
1%
Aube (10) 527 Chessy-les-Prés
1%
Ardennes (08) 466 Cheveuges
1%
Haute-Marne (52) 1 312 Chevillon
1%
Moselle (57) 419 Chieulles
1%
Marne (51) 530 Chigny-les-Roses
1%
Ardennes (08) 133 Chilly
1%
Meurthe-et-Moselle (54) 706 Choloy-Ménillot
1%
Marne (51) 1 049 Chouilly
1%
Ardennes (08) 343 Clavy-Warby
1%
Marne (51) 620 Clesles
1%
Bas-Rhin (67) 459 Climbach
1%
Ardennes (08) 414 Cliron
1%
Moselle (57) 3 359 Cocheren
1%
Moselle (57) 328 Coincy
1%
Moselle (57) 564 Colligny-Maizery
1%
Moselle (57) 206 Colmen
1%
Bas-Rhin (67) 471 Colroy-la-Roche
1%
Meuse (55) 775 Combles-en-Barrois
1%
Marne (51) 1 329 Compertrix
1%
Marne (51) 1 017 Connantre
1%
Meuse (55) 299 Consenvoye
1%
Meuse (55) 779 Contrisson
1%
Moselle (57) 519 Contz-les-Bains
1%
Marne (51) 225 Coolus
1%
Marne (51) 98 Corbeil
1%
Ardennes (08) 67 Cornay
1%
Marne (51) 144 Corroy
1%
Bas-Rhin (67) 575 Cosswiller
1%
Ardennes (08) 521 Coucy
1%
Ardennes (08) 74 Coulommes-et-Marqueny
1%
Marne (51) 206 Coulommes-la-Montagne
1%
Moselle (57) 612 Coume
1%
Marne (51) 296 Courlandon
1%
Aube (10) 102 Coursan-en-Othe
1%
Haut-Rhin (68) 347 Courtavon
1%
Aube (10) 578 Courteranges
1%
Vosges (88) 710 Coussey
1%
Marne (51) 807 Couvrot
1%
Meurthe-et-Moselle (54) 154 Coyviller
1%
Marne (51) 872 Cramant
1%
Aube (10) 704 Crancey
1%
Bas-Rhin (67) 281 Crastatt
1%
Meurthe-et-Moselle (54) 384 Crépey
1%
Meurthe-et-Moselle (54) 365 Crévéchamps
1%
Meurthe-et-Moselle (54) 953 Crévic
1%
Bas-Rhin (67) 178 Crœttwiller
1%
Marne (51) 667 Crugny
1%
Meurthe-et-Moselle (54) 1 562 Crusnes
1%
Marne (51) 369 Cuis
1%
Marne (51) 745 Cumières
1%
Meuse (55) 0 Cumières-le-Mort-Homme
1%
Aube (10) 174 Cunfin
1%
Meurthe-et-Moselle (54) 1 053 Cutry
1%
Bas-Rhin (67) 784 Dahlenheim
1%
Ardennes (08) 357 Daigny
1%
Moselle (57) 701 Dalem
1%
Bas-Rhin (67) 1 221 Dalhunden
1%
Moselle (57) 381 Dalstein
1%
Marne (51) 1 335 Damery
1%
Meuse (55) 374 Dammarie-sur-Saulx
1%
Ardennes (08) 438 Damouzy
1%
Bas-Rhin (67) 697 Dangolsheim
1%
Moselle (57) 504 Dannelbourg
1%
Bas-Rhin (67) 428 Daubensand
1%
Bas-Rhin (67) 1 448 Dauendorf
1%
Meuse (55) 509 Demange-Baudignécourt
1%
Meurthe-et-Moselle (54) 395 Deuxville
1%
Ardennes (08) 1 044 Deville
1%
Vosges (88) 1 353 Deyvillers
1%
Moselle (57) 235 Diane-Capelle
1%
Moselle (57) 1 673 Diebling
1%
Bas-Rhin (67) 670 Diebolsheim
1%
Bas-Rhin (67) 344 Diedendorf
1%
Bas-Rhin (67) 641 Dieffenbach-au-Val
1%
Bas-Rhin (67) 347 Dieffenbach-lès-Wœrth
1%
Bas-Rhin (67) 249 Dieffenthal
1%
Haut-Rhin (68) 296 Diefmatten
1%
Aube (10) 834 Dienville
1%
Meuse (55) 193 Dieppe-sous-Douaumont
1%
Aube (10) 270 Dierrey-Saint-Julien
1%
Aube (10) 310 Dierrey-Saint-Pierre
1%
Moselle (57) 1 043 Diesen
1%
Bas-Rhin (67) 325 Dimbsthal
1%
Bas-Rhin (67) 1 222 Dingsheim
1%
Vosges (88) 643 Dinozé
1%
Bas-Rhin (67) 1 501 Dinsheim-sur-Bruche
1%
Moselle (57) 1 836 Distroff
1%
Vosges (88) 864 Docelles
1%
Vosges (88) 1 503 Dogneville
1%
Haut-Rhin (68) 472 Dolleren
1%
Meurthe-et-Moselle (54) 405 Domèvre-en-Haye
1%
Vosges (88) 59 Domèvre-sous-Montfort
1%
Vosges (88) 426 Domèvre-sur-Avière
1%
Vosges (88) 265 Domèvre-sur-Durbion
1%
Meurthe-et-Moselle (54) 316 Domèvre-sur-Vezouze
1%
Bas-Rhin (67) 278 Domfessel
1%
Meurthe-et-Moselle (54) 1 149 Domgermain
1%
Meurthe-et-Moselle (54) 83 Dommarie-Eulmont
1%
Meuse (55) 738 Dommary-Baroncourt
1%
Ardennes (08) 185 Dommery
1%
Vosges (88) 1 087 Dompaire
1%
Vosges (88) 342 Domptail
1%
Meurthe-et-Moselle (54) 71 Domptail-en-l’Air
1%
Meuse (55) 60 Doncourt-aux-Templiers
1%
Meurthe-et-Moselle (54) 1 136 Doncourt-lès-Conflans
1%
Meurthe-et-Moselle (54) 291 Doncourt-lès-Longuyon
1%
Haute-Marne (52) 38 Doncourt-sur-Meuse
1%
Moselle (57) 94 Donjeux
1%
Haute-Marne (52) 381 Donjeux
1%
Bas-Rhin (67) 363 Donnenheim
1%
Marne (51) 258 Dontrien
1%
Haute-Marne (52) 775 Doulaincourt-Saucourt
1%
Haute-Marne (52) 364 Doulevant-le-Château
1%
Haute-Marne (52) 17 Doulevant-le-Petit
1%
Ardennes (08) 103 Doux
1%
Bas-Rhin (67) 591 Drachenbronn-Birlenbach
1%
Ardennes (08) 90 Draize
1%
Marne (51) 204 Drosnay
1%
Aube (10) 348 Droupt-Saint-Basle
1%
Aube (10) 249 Droupt-Sainte-Marie
1%
Meuse (55) 1 283 Dugny-sur-Meuse
1%
Bas-Rhin (67) 656 Duntzenheim
1%
Haut-Rhin (68) 534 Durlinsdorf
1%
Haut-Rhin (68) 827 Durmenach
1%
Bas-Rhin (67) 676 Durningen
1%
Bas-Rhin (67) 1 106 Durrenbach
1%
Haut-Rhin (68) 1 048 Durrenentzen
1%
Bas-Rhin (67) 421 Durstel
1%
Bas-Rhin (67) 429 Eberbach-Seltz
1%
Bas-Rhin (67) 425 Eckartswiller
1%
Haute-Marne (52) 2 014 Éclaron-Braucourt-Sainte-Livière
1%
Ardennes (08) 167 Écly
1%
Ardennes (08) 294 Écordal
1%
Marne (51) 334 Écueil
1%
Marne (51) 60 Écury-le-Repos
1%
Marne (51) 480 Écury-sur-Coole
1%
Haut-Rhin (68) 372 Eglingen
1%
Bas-Rhin (67) 513 Eichhoffen
1%
Meurthe-et-Moselle (54) 361 Einvaux
1%
Meurthe-et-Moselle (54) 1 081 Einville-au-Jard
1%
Meuse (55) 261 Eix
1%
Haut-Rhin (68) 263 Elbach
1%
Bas-Rhin (67) 802 Elsenheim
1%
Moselle (57) 683 Elzange
1%
Haut-Rhin (68) 310 Emlingen
1%
Bas-Rhin (67) 478 Engwiller
1%
Moselle (57) 1 215 Entrange
1%
Marne (51) 415 Époye
1%
Bas-Rhin (67) 293 Erckartswiller
1%
Bas-Rhin (67) 1 455 Ergersheim
1%
Meuse (55) 179 Érize-la-Brûlée
1%
Meuse (55) 44 Érize-la-Petite
1%
Meuse (55) 190 Érize-Saint-Dizier
1%
Meurthe-et-Moselle (54) 682 Errouville
1%
Aube (10) 1 113 Ervy-le-Châtel
1%
Bas-Rhin (67) 461 Eschbourg
1%
Haut-Rhin (68) 1 493 Eschentzwiller
1%
Moselle (57) 693 Escherange
1%
Ardennes (08) 344 Escombres-et-le-Chesnois
1%
Aube (10) 714 Essoyes
1%
Aube (10) 1 830 Estissac
1%
Ardennes (08) 98 Étalle
1%
Ardennes (08) 482 Éteignières
1%
Haut-Rhin (68) 389 Eteimbes
1%
Marne (51) 441 Étoges
1%
Meuse (55) 208 Éton
1%
Ardennes (08) 281 Étrépigny
1%
Bas-Rhin (67) 751 Ettendorf
1%
Moselle (57) 715 Etting
1%
Moselle (57) 1 147 Etzling
1%
Meurthe-et-Moselle (54) 1 112 Eulmont
1%
Haute-Marne (52) 2 029 Eurville-Bienville
1%
Meuse (55) 1 639 Euville
1%
Ardennes (08) 190 Évigny
1%
Moselle (57) 220 Évrange
1%
Bas-Rhin (67) 276 Eywiller
1%
Ardennes (08) 344 Fagnon
1%
Moselle (57) 540 Failly
1%
Meuse (55) 2 090 Fains-Véel
1%
Ardennes (08) 259 Faissault
1%
Ardennes (08) 341 Falaise
1%
Haut-Rhin (68) 210 Falkwiller
1%
Moselle (57) 1 332 Farschviller
1%
Meurthe-et-Moselle (54) 1 374 Faulx
1%
Haute-Marne (52) 95 Faverolles
1%
Marne (51) 583 Faverolles-et-Coëmy
1%
Meurthe-et-Moselle (54) 590 Favières
1%
Haute-Marne (52) 1 284 Fayl-Billot
1%
Haute-Marne (52) 65 Fays
1%
Vosges (88) 215 Fays
1%
Aube (10) 130 Fays-la-Chapelle
1%
Haut-Rhin (68) 468 Feldbach
1%
Ardennes (08) 247 Fépin
1%
Vosges (88) 725 Ferdrupt
1%
Haute-Marne (52) 53 Ferrière-et-Lafolie
1%
Meurthe-et-Moselle (54) 327 Ferrières
1%
Aube (10) 331 Feuges
1%
Moselle (57) 1 203 Fèves
1%
Moselle (57) 770 Filstroff
1%
Haut-Rhin (68) 392 Fislis
1%
Moselle (57) 402 Fixem
1%
Ardennes (08) 222 Fleigneux
1%
Moselle (57) 574 Flévy
1%
Bas-Rhin (67) 483 Flexbourg
1%
Ardennes (08) 166 Fligny
1%
Meurthe-et-Moselle (54) 387 Flin
1%
Ardennes (08) 252 Foisches
1%
Haut-Rhin (68) 915 Folgensbourg
1%
Moselle (57) 1 374 Folkling
1%
Moselle (57) 3 957 Folschviller
1%
Aube (10) 178 Fontette
1%
Aube (10) 712 Fontvannes
1%
Bas-Rhin (67) 793 Forstfeld
1%
Bas-Rhin (67) 597 Forstheim
1%
Haut-Rhin (68) 1 155 Fortschwihr
1%
Aube (10) 516 Fouchères
1%
Meuse (55) 128 Fouchères-aux-Bois
1%
Bas-Rhin (67) 636 Fouchy
1%
Haute-Marne (52) 689 Foulain
1%
Vosges (88) 126 Frain
1%
Ardennes (08) 589 Francheval
1%
Meurthe-et-Moselle (54) 64 Franconville
1%
Haut-Rhin (68) 375 Franken
1%
Moselle (57) 1 020 Freistroff
1%
Aube (10) 50 Fresnay
1%
Aube (10) 300 Fresnoy-le-Château
1%
Vosges (88) 1 691 Fresse-sur-Moselle
1%
Bas-Rhin (67) 269 Friedolsheim
1%
Bas-Rhin (67) 614 Friesenheim
1%
Marne (51) 1 789 Frignicourt
1%
Haut-Rhin (68) 849 Frœningen
1%
Bas-Rhin (67) 495 Frœschwiller
1%
Bas-Rhin (67) 159 Frohmuhl
1%
Meurthe-et-Moselle (54) 709 Frolois
1%
Ardennes (08) 1 037 Fromelennes
1%
Ardennes (08) 85 Fromy
1%
Haute-Marne (52) 1 387 Froncles
1%
Meurthe-et-Moselle (54) 124 Froville
1%
Haut-Rhin (68) 338 Fulleren
1%
Bas-Rhin (67) 406 Furchhausen
1%
Haut-Rhin (68) 811 Galfingue
1%
Moselle (57) 490 Garrebourg
1%
Moselle (57) 581 Gavisse
1%
Marne (51) 598 Gaye
1%
Haut-Rhin (68) 432 Geishouse
1%
Haut-Rhin (68) 509 Geispitzen
1%
Haut-Rhin (68) 317 Geiswasser
1%
Bas-Rhin (67) 387 Geiswiller-Zœbersdorf
1%
Aube (10) 333 Géraudot
1%
Vosges (88) 353 Gerbamont
1%
Moselle (57) 74 Gerbécourt
1%
Meurthe-et-Moselle (54) 238 Gerbécourt-et-Haplemont
1%
Vosges (88) 558 Gerbépal
1%
Meurthe-et-Moselle (54) 1 321 Gerbéviller
1%
Marne (51) 186 Germinon
1%
Ardennes (08) 316 Gernelle
1%
Ardennes (08) 980 Gespunsart
1%
Bas-Rhin (67) 2 675 Geudertheim
1%
Haut-Rhin (68) 261 Gildwiller
1%
Vosges (88) 882 Girancourt
1%
Meurthe-et-Moselle (54) 1 359 Giraumont
1%
Vosges (88) 249 Girmont-Val-d’Ajol
1%
Vosges (88) 872 Gironcourt-sur-Vraine
1%
Ardennes (08) 1 056 Givonne
1%
Ardennes (08) 826 Glaire
1%
Bas-Rhin (67) 199 Gœrlingen
1%
Bas-Rhin (67) 1 054 Gœrsdorf
1%
Moselle (57) 1 444 Goetzenbruck
1%
Moselle (57) 348 Goin
1%
Haut-Rhin (68) 273 Goldbach-Altenbach
1%
Moselle (57) 467 Gomelange
1%
Haut-Rhin (68) 383 Gommersdorf
1%
Moselle (57) 505 Gondrexange
1%
Meurthe-et-Moselle (54) 2 965 Gorcy
1%
Bas-Rhin (67) 373 Gottenhouse
1%
Bas-Rhin (67) 353 Gottesheim
1%
Bas-Rhin (67) 543 Gougenheim
1%
Meurthe-et-Moselle (54) 426 Goviller
1%
Ardennes (08) 94 Grandchamp
1%
Haute-Marne (52) 75 Grandchamp
1%
Meurthe-et-Moselle (54) 368 Grand-Failly
1%
Bas-Rhin (67) 384 Grandfontaine
1%
Ardennes (08) 508 Grandpré
1%
Bas-Rhin (67) 255 Grassendorf
1%
Bas-Rhin (67) 1 224 Grendelbruch
1%
Vosges (88) 138 Greux
1%
Meurthe-et-Moselle (54) 273 Gripport
1%
Moselle (57) 635 Grostenquin
1%
Vosges (88) 217 Gruey-lès-Surance
1%
Haut-Rhin (68) 796 Grussenheim
1%
Haut-Rhin (68) 843 Gueberschwihr
1%
Haut-Rhin (68) 147 Guevenatten
1%
Ardennes (08) 271 Guignicourt-sur-Vence
1%
Bas-Rhin (67) 1 128 Gumbrechtshoffen
1%
Haut-Rhin (68) 735 Gundolsheim
1%
Bas-Rhin (67) 285 Gungwiller
1%
Haut-Rhin (68) 872 Gunsbach
1%
Bas-Rhin (67) 625 Gunstett
1%
Bas-Rhin (67) 652 Haegen
1%
Haut-Rhin (68) 759 Hagenbach
1%
Haut-Rhin (68) 1 325 Hagenthal-le-Bas
1%
Haut-Rhin (68) 732 Hagenthal-le-Haut
1%
Vosges (88) 85 Hagnéville-et-Roncourt
1%
Meuse (55) 572 Haironville
1%
Haute-Marne (52) 245 Hallignicourt
1%
Bas-Rhin (67) 277 Handschuheim
1%
Bas-Rhin (67) 1 740 Hangenbieten
1%
Ardennes (08) 132 Hannappes
1%
Ardennes (08) 451 Hannogne-Saint-Martin
1%
Ardennes (08) 112 Hannogne-Saint-Rémy
1%
Meuse (55) 536 Hannonville-sous-les-Côtes
1%
Meurthe-et-Moselle (54) 251 Hannonville-Suzémont
1%
Marne (51) 130 Hans
1%
Ardennes (08) 503 Harcy
1%
Ardennes (08) 471 Hargnies
1%
Vosges (88) 645 Harol
1%
Meurthe-et-Moselle (54) 509 Haroué
1%
Haute-Marne (52) 270 Harréville-les-Chanteurs
1%
Bas-Rhin (67) 888 Harskirchen
1%
Haut-Rhin (68) 657 Hartmannswiller
1%
Moselle (57) 937 Hartzviller
1%
Moselle (57) 308 Haselbourg
1%
Moselle (57) 204 Hattigny
1%
Bas-Rhin (67) 652 Hattmatt
1%
Haut-Rhin (68) 834 Hattstatt
1%
Moselle (57) 592 Hauconcourt
1%
Meurthe-et-Moselle (54) 3 458 Haucourt-Moulaine
1%
Meuse (55) 936 Haudainville
1%
Ardennes (08) 87 Haulmé
1%
Haut-Rhin (68) 374 Hausgauen
1%
Moselle (57) 358 Haut-Clocher
1%
Moselle (57) 568 Haute-Kontz
1%
Marne (51) 649 Hautvillers
1%
Ardennes (08) 329 Hauviné
1%
Moselle (57) 451 Havange
1%
Haut-Rhin (68) 532 Hecken
1%
Bas-Rhin (67) 439 Hegeney
1%
Bas-Rhin (67) 564 Heidolsheim
1%
Haut-Rhin (68) 670 Heidwiller
1%
Bas-Rhin (67) 703 Heiligenberg
1%
Bas-Rhin (67) 938 Heiligenstein
1%
Marne (51) 236 Heiltz-le-Hutier
1%
Marne (51) 437 Heiltz-le-Maurupt
1%
Marne (51) 279 Heiltz-l’Évêque
1%
Haut-Rhin (68) 655 Heimersdorf
1%
Haut-Rhin (68) 1 336 Heimsbrunn
1%
Haut-Rhin (68) 1 066 Heiteren
1%
Haut-Rhin (68) 171 Heiwiller
1%
Haut-Rhin (68) 733 Helfrantzkirch
1%
Moselle (57) 487 Helstroff
1%
Moselle (57) 495 Héming
1%
Bas-Rhin (67) 195 Hengwiller
1%
Aube (10) 151 Herbisse
1%
Bas-Rhin (67) 1 842 Herbitzheim
1%
Bas-Rhin (67) 954 Herbsheim
1%
Meurthe-et-Moselle (54) 920 Hériménil
1%
Marne (51) 1 398 Hermonville
1%
Moselle (57) 522 Herny
1%
Ardennes (08) 209 Herpy-l'Arlésienne
1%
Meurthe-et-Moselle (54) 4 253 Herserange
1%
Moselle (57) 554 Hesse
1%
Bas-Rhin (67) 622 Hessenheim
1%
Haut-Rhin (68) 335 Hettenschlag
1%
Meuse (55) 166 Heudicourt-sous-les-Côtes
1%
Marne (51) 490 Heutrégiville
1%
Ardennes (08) 165 Hierges
1%
Haut-Rhin (68) 615 Hindlingen
1%
Bas-Rhin (67) 297 Hirschland
1%
Haut-Rhin (68) 1 458 Hirtzbach
1%
Haut-Rhin (68) 1 317 Hirtzfelden
1%
Bas-Rhin (67) 409 Hochstett
1%
Bas-Rhin (67) 536 Hohengœft
1%
Bas-Rhin (67) 278 Hohfrankenheim
1%
Haut-Rhin (68) 366 Hohrod
1%
Moselle (57) 824 Hommarting
1%
Moselle (57) 580 Hoste
1%
Ardennes (08) 395 Houldizy
1%
Vosges (88) 488 Housseras
1%
Haute-Marne (52) 748 Humbécourt
1%
Haute-Marne (52) 585 Humes-Jorquenay
1%
Moselle (57) 1 349 Hundling
1%
Haut-Rhin (68) 358 Hundsbach
1%
Vosges (88) 300 Hurbache
1%
Bas-Rhin (67) 1 017 Hurtigheim
1%
Meurthe-et-Moselle (54) 3 880 Hussigny-Godbrange
1%
Bas-Rhin (67) 494 Huttendorf
1%
Bas-Rhin (67) 383 Ichtratzheim
1%
Haute-Marne (52) 202 Illoud
1%
Ardennes (08) 415 Illy
1%
Moselle (57) 720 Imling
1%
Bas-Rhin (67) 359 Ingenheim
1%
Moselle (57) 405 Inglange
1%
Moselle (57) 597 Insming
1%
Moselle (57) 794 Ippling
1%
Vosges (88) 172 Isches
1%
Marne (51) 963 Isles-sur-Suippe
1%
Ardennes (08) 391 Issancourt-et-Rumel
1%
Bas-Rhin (67) 224 Itterswiller
1%
Marne (51) 550 Jâlons
1%
Meuse (55) 261 Jametz
1%
Ardennes (08) 302 Jandun
1%
Vosges (88) 459 Jarménil
1%
Meurthe-et-Moselle (54) 181 Jaulny
1%
Meurthe-et-Moselle (54) 786 Jeandelaincourt
1%
Bas-Rhin (67) 195 Jetterswiller
1%
Haut-Rhin (68) 495 Jettingen
1%
Vosges (88) 671 Jeuxey
1%
Meurthe-et-Moselle (54) 1 004 Jezainville
1%
Meurthe-et-Moselle (54) 891 Jolivet
1%
Meurthe-et-Moselle (54) 1 114 Joudreville
1%
Aube (10) 209 Jully-sur-Sarce
1%
Haut-Rhin (68) 910 Jungholtz
1%
Ardennes (08) 165 Justine-Herbigny
1%
Moselle (57) 788 Kalhausen
1%
Haut-Rhin (68) 575 Kappelen
1%
Haut-Rhin (68) 527 Katzenthal
1%
Bas-Rhin (67) 204 Keffenach
1%
Moselle (57) 1 215 Kerbach
1%
Bas-Rhin (67) 1 190 Kertzfeld
1%
Bas-Rhin (67) 445 Kesseldorf
1%
Bas-Rhin (67) 542 Kienheim
1%
Haut-Rhin (68) 238 Kiffis
1%
Bas-Rhin (67) 645 Kindwiller
1%
Haut-Rhin (68) 715 Kirchberg
1%
Bas-Rhin (67) 704 Kirchheim
1%
Moselle (57) 216 Klang
1%
Haut-Rhin (68) 374 Knœringue
1%
Bas-Rhin (67) 192 Knœrsheim
1%
Haut-Rhin (68) 501 Kœstlach
1%
Haut-Rhin (68) 582 Kœtzingue
1%
Meuse (55) 162 Kœur-la-Grande
1%
Meuse (55) 258 Kœur-la-Petite
1%
Bas-Rhin (67) 1 002 Kolbsheim
1%
Bas-Rhin (67) 230 Krautwiller
1%
Bas-Rhin (67) 782 Kriegsheim
1%
Moselle (57) 1 362 Kuntzig
1%
Bas-Rhin (67) 646 Kuttolsheim
1%
Bas-Rhin (67) 921 Kutzenhausen
1%
Vosges (88) 612 La Baffe
1%
Ardennes (08) 37 La Berlière
1%
Ardennes (08) 134 La Besace
1%
Meurthe-et-Moselle (54) 1 575 Labry
1%
Marne (51) 103 La Caure
1%
Meuse (55) 279 Lachaussée
1%
Marne (51) 323 La Cheppe
1%
Moselle (57) 183 Lagarde
1%
Meurthe-et-Moselle (54) 497 Lagney
1%
Ardennes (08) 416 Laifour
1%
Meuse (55) 426 Laimont
1%
Meurthe-et-Moselle (54) 359 Laître-sous-Amance
1%
Bas-Rhin (67) 487 Lalaye
1%
Moselle (57) 487 Lambach
1%
Bas-Rhin (67) 702 Lampertsloch
1%
Bas-Rhin (67) 190 Landersheim
1%
Aube (10) 384 Landreville
1%
Ardennes (08) 132 Landrichamps
1%
Meurthe-et-Moselle (54) 436 Laneuvelotte
1%
Moselle (57) 605 Langatte
1%
Bas-Rhin (67) 911 Langensoultzbach
1%
Marne (51) 393 La Noue
1%
Moselle (57) 1 268 Laquenexy
1%
Haut-Rhin (68) 330 Largitzen
1%
Haute-Marne (52) 123 Larivière-Arnoncourt
1%
Ardennes (08) 131 La Romagne
1%
Marne (51) 271 Larzicourt
1%
Meuse (55) 91 Latour-en-Woëvre
1%
Haute-Marne (52) 282 Latrecey-Ormoy-sur-Aube
1%
Bas-Rhin (67) 316 Laubach
1%
Ardennes (08) 683 Launois-sur-Vence
1%
Haut-Rhin (68) 952 Lautenbachzell
1%
Haut-Rhin (68) 906 Lauw
1%
Vosges (88) 123 La Vacheresse-et-la-Rouillie
1%
Meuse (55) 91 Lavallée
1%
Bas-Rhin (67) 400 La Vancelle
1%
Marne (51) 563 Lavannes
1%
Vosges (88) 576 Laveline-devant-Bruyères
1%
Vosges (88) 202 Laveline-du-Houx
1%
Marne (51) 601 La Veuve
1%
Haute-Marne (52) 58 Lavilleneuve
1%
Vosges (88) 664 La Voivre
1%
Marne (51) 376 Le Breuil
1%
Marne (51) 87 Le Buisson
1%
Ardennes (08) 138 L'Échelle
1%
Ardennes (08) 189 Leffincourt
1%
Marne (51) 503 Le Gault-Soigny
1%
Vosges (88) 63 Légéville-et-Bonfays
1%
Bas-Rhin (67) 501 Le Hohwald
1%
Haut-Rhin (68) 923 Leimbach
1%
Moselle (57) 1 418 Lemberg
1%
Marne (51) 303 Le Meix-Saint-Epoing
1%
Marne (51) 166 Le Meix-Tiercelin
1%
Moselle (57) 531 Lemud
1%
Meurthe-et-Moselle (54) 591 Lenoncourt
1%
Meuse (55) 1 403 Lérouville
1%
Vosges (88) 452 Lerrain
1%
Ardennes (08) 870 Les Ayvelles
1%
Aube (10) 530 Les Bordes-Aumont
1%
Marne (51) 236 Les Essarts-lès-Sézanne
1%
Marne (51) 136 Les Essarts-le-Vicomte
1%
Moselle (57) 403 Les Étangs
1%
Ardennes (08) 56 Les Grandes-Armoises
1%
Aube (10) 397 Les Grandes-Chapelles
1%
Marne (51) 91 Les Istres-et-Bury
1%
Haute-Marne (52) 125 Les Loges
1%
Aube (10) 216 Les Loges-Margueron
1%
Ardennes (08) 867 Les Mazures
1%
Meurthe-et-Moselle (54) 495 Lesménils
1%
Marne (51) 934 Les Mesneux
1%
Aube (10) 302 Lesmont
1%
Ardennes (08) 59 Les Petites-Armoises
1%
Marne (51) 160 Les Rivières-Henruel
1%
Vosges (88) 121 Les Vallois
1%
Vosges (88) 290 Les Voivres
1%
Ardennes (08) 111 Létanne
1%
Ardennes (08) 368 Le Thour
1%
Bas-Rhin (67) 830 Leutenheim
1%
Vosges (88) 73 Le Vermont
1%
Haut-Rhin (68) 250 Levoncourt
1%
Meuse (55) 60 Levoncourt
1%
Haut-Rhin (68) 1 254 Leymen
1%
Meurthe-et-Moselle (54) 907 Leyr
1%
Moselle (57) 91 Lezey
1%
Ardennes (08) 607 Liart
1%
Bas-Rhin (67) 539 Lichtenberg
1%
Haut-Rhin (68) 175 Liebenswiller
1%
Haut-Rhin (68) 295 Liebsdorf
1%
Aube (10) 221 Lignières
1%
Meuse (55) 55 Lignières-sur-Aire
1%
Haut-Rhin (68) 314 Ligsdorf
1%
Meurthe-et-Moselle (54) 307 Limey-Remenauville
1%
Ardennes (08) 221 Linay
1%
Haut-Rhin (68) 338 Linsdorf
1%
Moselle (57) 142 Liocourt
1%
Ardennes (08) 87 Liry
1%
Marne (51) 109 Lisse-en-Champagne
1%
Bas-Rhin (67) 302 Littenheim
1%
Bas-Rhin (67) 372 Lixhausen
1%
Moselle (57) 577 Lixheim
1%
Moselle (57) 822 Lixing-lès-Rouhling
1%
Moselle (57) 670 Lixing-lès-Saint-Avold
1%
Bas-Rhin (67) 656 Lobsann
1%
Aube (10) 346 Loches-sur-Ource
1%
Bas-Rhin (67) 390 Lochwiller
1%
Haut-Rhin (68) 910 Logelheim
1%
Bas-Rhin (67) 492 Lohr
1%
Meuse (55) 119 Loison
1%
Marne (51) 1 409 Loivre
1%
Moselle (57) 360 Lommerange
1%
Haute-Marne (52) 704 Longeau-Percey
1%
Meurthe-et-Moselle (54) 2 374 Longlaville
1%
Aube (10) 129 Longueville-sur-Aube
1%
Ardennes (08) 69 Longwé
1%
Ardennes (08) 618 Lonny
1%
Bas-Rhin (67) 235 Lorentzen
1%
Moselle (57) 1 135 Lorquin
1%
Moselle (57) 895 Loupershouse
1%
Meuse (55) 162 Louppy-le-Château
1%
Meuse (55) 112 Louppy-sur-Loison
1%
Haute-Marne (52) 693 Louvemont
1%
Meuse (55) 0 Louvemont-Côte-du-Poivre
1%
Vosges (88) 245 Lubine
1%
Haut-Rhin (68) 32 Lucelle
1%
Meurthe-et-Moselle (54) 623 Lucey
1%
Ardennes (08) 574 Lucquy
1%
Marne (51) 685 Ludes
1%
Haut-Rhin (68) 748 Luemschwiller
1%
Meurthe-et-Moselle (54) 421 Lupcourt
1%
Moselle (57) 581 Luppy
1%
Bas-Rhin (67) 820 Lupstein
1%
Vosges (88) 369 Lusse
1%
Moselle (57) 928 Luttange
1%
Haut-Rhin (68) 766 Luttenbach-près-Munster
1%
Marne (51) 453 Luxémont-et-Villotte
1%
Meuse (55) 112 Luzy-Saint-Martin
1%
Haute-Marne (52) 278 Luzy-sur-Marne
1%
Aube (10) 990 Macey
1%
Ardennes (08) 503 Machault
1%
Moselle (57) 2 802 Macheren
1%
Bas-Rhin (67) 775 Mackenheim
1%
Bas-Rhin (67) 539 Mackwiller
1%
Bas-Rhin (67) 239 Maennolsheim
1%
Marne (51) 268 Magneux
1%
Haute-Marne (52) 157 Magneux
1%
Haut-Rhin (68) 506 Magstatt-le-Bas
1%
Haut-Rhin (68) 299 Magstatt-le-Haut
1%
Meurthe-et-Moselle (54) 1 512 Maidières
1%
Marne (51) 564 Mairy-sur-Marne
1%
Bas-Rhin (67) 793 Maisonsgoutte
1%
Meurthe-et-Moselle (54) 408 Maixe
1%
Moselle (57) 415 Maizeroy
1%
Meuse (55) 163 Maizey
1%
Meuse (55) 69 Malancourt
1%
Meurthe-et-Moselle (54) 992 Malleloy
1%
Moselle (57) 664 Malling
1%
Haut-Rhin (68) 492 Malmerspach
1%
Moselle (57) 351 Malroy
1%
Meurthe-et-Moselle (54) 337 Mamey
1%
Marne (51) 238 Mancy
1%
Moselle (57) 602 Manderen-Ritzing
1%
Meurthe-et-Moselle (54) 194 Mandres-aux-Quatre-Tours
1%
Meuse (55) 115 Mandres-en-Barrois
1%
Haute-Marne (52) 561 Mandres-la-Côte
1%
Vosges (88) 438 Mandres-sur-Vair
1%
Meuse (55) 404 Mangiennes
1%
Meurthe-et-Moselle (54) 338 Manoncourt-en-Vermois
1%
Meurthe-et-Moselle (54) 251 Manoncourt-en-Woëvre
1%
Meurthe-et-Moselle (54) 238 Manonville
1%
Ardennes (08) 103 Manre
1%
Haut-Rhin (68) 532 Manspach
1%
Moselle (57) 245 Many
1%
Vosges (88) 97 Marainville-sur-Madon
1%
Marne (51) 1 469 Mardeuil
1%
Vosges (88) 68 Marey
1%
Marne (51) 175 Margerie-Hancourt
1%
Ardennes (08) 211 Margny
1%
Marne (51) 128 Margny
1%
Ardennes (08) 718 Margut
1%
Moselle (57) 700 Marieulles
1%
Haute-Marne (52) 345 Marnay-sur-Marne
1%
Aube (10) 235 Marnay-sur-Seine
1%
Marne (51) 827 Marolles
1%
Aube (10) 115 Marolles-lès-Bailly
1%
Aube (10) 352 Marolles-sous-Lignières
1%
Moselle (57) 239 Marsal
1%
Marne (51) 278 Marson
1%
Meuse (55) 54 Marson-sur-Barboure
1%
Meurthe-et-Moselle (54) 91 Martincourt
1%
Meuse (55) 70 Martincourt-sur-Meuse
1%
Meuse (55) 518 Marville
1%
Marne (51) 153 Matignicourt-Goncourt
1%
Marne (51) 628 Matougues
1%
Vosges (88) 800 Mattaincourt
1%
Ardennes (08) 454 Matton-et-Clémency
1%
Ardennes (08) 1 026 Maubert-Fontaine
1%
Vosges (88) 216 Maxey-sur-Meuse
1%
Meuse (55) 283 Maxey-sur-Vaise
1%
Ardennes (08) 127 Mazerny
1%
Meurthe-et-Moselle (54) 286 Mazerulles
1%
Moselle (57) 1 206 Mécleuves
1%
Bas-Rhin (67) 1 503 Meistratzheim
1%
Bas-Rhin (67) 567 Melsheim
1%
Bas-Rhin (67) 324 Memmelshoffen
1%
Bas-Rhin (67) 622 Menchhoffen
1%
Meurthe-et-Moselle (54) 1 280 Mercy-le-Bas
1%
Meurthe-et-Moselle (54) 271 Mercy-le-Haut
1%
Meurthe-et-Moselle (54) 1 288 Méréville
1%
Marne (51) 598 Merfy
1%
Aube (10) 671 Mergey
1%
Bas-Rhin (67) 925 Merkwiller-Pechelbronn
1%
Haute-Marne (52) 90 Merrey
1%
Aube (10) 325 Merrey-sur-Arce
1%
Moselle (57) 1 460 Merten
1%
Haut-Rhin (68) 192 Mertzen
1%
Haut-Rhin (68) 1 285 Merxheim
1%
Ardennes (08) 596 Messincourt
1%
Aube (10) 469 Messon
1%
Moselle (57) 441 Metting
1%
Moselle (57) 978 Metzeresche
1%
Moselle (57) 670 Metzing
1%
Haute-Marne (52) 131 Meures
1%
Aube (10) 155 Meurville
1%
Bas-Rhin (67) 677 Mietesheim
1%
Meurthe-et-Moselle (54) 604 Millery
1%
Meuse (55) 147 Milly-sur-Bradon
1%
Bas-Rhin (67) 684 Minversheim
1%
Moselle (57) 658 Mittelbronn
1%
Haut-Rhin (68) 846 Mittelwihr
1%
Moselle (57) 588 Mittersheim
1%
Haut-Rhin (68) 336 Mittlach
1%
Haut-Rhin (68) 381 Mitzach
1%
Haut-Rhin (68) 516 Mœrnach
1%
Marne (51) 315 Mœurs-Verdey
1%
Ardennes (08) 236 Mogues
1%
Meurthe-et-Moselle (54) 1 077 Moineville
1%
Ardennes (08) 137 Moiry
1%
Meurthe-et-Moselle (54) 527 Moivrons
1%
Haut-Rhin (68) 338 Mollau
1%
Bas-Rhin (67) 887 Mollkirch
1%
Marne (51) 88 Moncetz-l’Abbaye
1%
Marne (51) 555 Moncetz-Longevas
1%
Moselle (57) 555 Mondorff
1%
Meurthe-et-Moselle (54) 1 086 Montauville
1%
Marne (51) 367 Montbré
1%
Moselle (57) 1 587 Montbronn
1%
Aube (10) 251 Montceaux-lès-Vaudes
1%
Ardennes (08) 300 Montcornet
1%
Ardennes (08) 1 585 Montcy-Notre-Dame
1%
Moselle (57) 86 Montdidier
1%
Moselle (57) 481 Montenach
1%
Meuse (55) 290 Montfaucon-d'Argonne
1%
Aube (10) 390 Montgueux
1%
Ardennes (08) 395 Monthois
1%
Vosges (88) 169 Monthureux-le-Sec
1%
Vosges (88) 885 Monthureux-sur-Saône
1%
Meuse (55) 367 Montiers-sur-Saulx
1%
Meuse (55) 77 Montsec
1%
Haut-Rhin (68) 409 Mooslargue
1%
Moselle (57) 2 666 Morsbach
1%
Vosges (88) 44 Morville
1%
Moselle (57) 116 Morville-sur-Nied
1%
Meurthe-et-Moselle (54) 162 Morville-sur-Seille
1%
Ardennes (08) 70 Mouron
1%
Meuse (55) 656 Mouzay
1%
Moselle (57) 335 Moyenvic
1%
Haut-Rhin (68) 931 Muespach
1%
Haut-Rhin (68) 1 110 Muespach-le-Haut
1%
Bas-Rhin (67) 643 Muhlbach-sur-Bruche
1%
Haut-Rhin (68) 806 Muhlbach-sur-Munster
1%
Bas-Rhin (67) 443 Mulhausen
1%
Bas-Rhin (67) 812 Munchhausen
1%
Haut-Rhin (68) 456 Munwiller
1%
Haut-Rhin (68) 164 Murbach
1%
Haute-Marne (52) 386 Mussey-sur-Marne
1%
Bas-Rhin (67) 1 139 Mussig
1%
Bas-Rhin (67) 460 Mutzenhouse
1%
Meuse (55) 152 Naives-en-Blois
1%
Meuse (55) 807 Naives-Rosières
1%
Haut-Rhin (68) 579 Nambsheim
1%
Marne (51) 299 Nanteuil-la-Forêt
1%
Ardennes (08) 148 Nanteuil-sur-Aisne
1%
Haute-Marne (52) 221 Narcy
1%
Vosges (88) 774 Nayemont-les-Fosses
1%
Bas-Rhin (67) 662 Neewiller-près-Lauterbourg
1%
Bas-Rhin (67) 658 Neubois
1%
Ardennes (08) 845 Neuflize
1%
Ardennes (08) 72 Neufmaison
1%
Ardennes (08) 990 Neufmanil
1%
Bas-Rhin (67) 786 Neugartheim-Ittlenheim
1%
Bas-Rhin (67) 390 Neuhaeusel
1%
Moselle (57) 330 Neunkirchen-lès-Bouzonville
1%
Bas-Rhin (67) 328 Neuviller-la-Roche
1%
Meurthe-et-Moselle (54) 94 Neuviller-lès-Badonviller
1%
Vosges (88) 354 Neuvillers-sur-Fave
1%
Meurthe-et-Moselle (54) 252 Neuviller-sur-Moselle
1%
Moselle (57) 1 172 Niderviller
1%
Haut-Rhin (68) 756 Niederentzen
1%
Bas-Rhin (67) 945 Niederlauterbach
1%
Bas-Rhin (67) 893 Niedermodern
1%
Bas-Rhin (67) 905 Niederrœdern
1%
Bas-Rhin (67) 298 Niedersoultzbach
1%
Bas-Rhin (67) 115 Niedersteinbach
1%
Moselle (57) 500 Nitting
1%
Moselle (57) 1 097 Noisseville
1%
Vosges (88) 524 Nompatelize
1%
Bas-Rhin (67) 440 Nothalten
1%
Ardennes (08) 113 Nouart
1%
Moselle (57) 720 Nouilly
1%
Moselle (57) 155 Nousseviller-lès-Bitche
1%
Moselle (57) 1 188 Nousseviller-Saint-Nabor
1%
Ardennes (08) 509 Novion-Porcien
1%
Ardennes (08) 772 Novy-Chevrières
1%
Haute-Marne (52) 95 Noyers
1%
Meuse (55) 275 Noyers-Auzécourt
1%
Ardennes (08) 667 Noyers-Pont-Maugis
1%
Haut-Rhin (68) 391 Oberbruck
1%
Bas-Rhin (67) 411 Oberdorf-Spachbach
1%
Haut-Rhin (68) 698 Oberentzen
1%
Haut-Rhin (68) 137 Oberlarg
1%
Bas-Rhin (67) 551 Oberlauterbach
1%
Haut-Rhin (68) 406 Obermorschwiller
1%
Bas-Rhin (67) 516 Oberrœdern
1%
Haut-Rhin (68) 1 032 Obersaasheim
1%
Bas-Rhin (67) 393 Obersoultzbach
1%
Bas-Rhin (67) 233 Obersteinbach
1%
Ardennes (08) 37 Oches
1%
Meurthe-et-Moselle (54) 523 Ochey
1%
Bas-Rhin (67) 1 114 Oermingen
1%
Moselle (57) 2 674 Œting
1%
Marne (51) 626 Œuilly
1%
Bas-Rhin (67) 805 Offwiller
1%
Moselle (57) 1 762 Ogy-Montoy-Flanville
1%
Bas-Rhin (67) 1 343 Ohlungen
1%
Bas-Rhin (67) 1 147 Ohnenheim
1%
Marne (51) 888 Oiry
1%
Marne (51) 144 Olizy
1%
Ardennes (08) 229 Olizy-Primat
1%
Meuse (55) 197 Olizy-sur-Chiers
1%
Haut-Rhin (68) 672 Oltingue
1%
Bas-Rhin (67) 496 Olwisheim
1%
Marne (51) 200 Omey
1%
Ardennes (08) 75 Omont
1%
Aube (10) 262 Onjon
1%
Marne (51) 368 Orconte
1%
Haute-Marne (52) 343 Orges
1%
Aube (10) 600 Origny-le-Sec
1%
Meuse (55) 7 Ornes
1%
Moselle (57) 388 Orny
1%
Haut-Rhin (68) 1 031 Orschwihr
1%
Haut-Rhin (68) 825 Osenbach
1%
Haute-Marne (52) 256 Osne-le-Val
1%
Ardennes (08) 230 Osnes
1%
Aube (10) 597 Ossey-les-Trois-Maisons
1%
Bas-Rhin (67) 802 Osthoffen
1%
Bas-Rhin (67) 808 Ottersthal
1%
Bas-Rhin (67) 1 303 Otterswiller
1%
Bas-Rhin (67) 250 Ottwiller
1%
Moselle (57) 736 Oudrenne
1%
Vosges (88) 494 Padoux
1%
Vosges (88) 497 Pair-et-Grandrupt
1%
Meurthe-et-Moselle (54) 177 Pannes
1%
Meuse (55) 113 Pareid
1%
Meurthe-et-Moselle (54) 245 Parey-Saint-Césaire
1%
Vosges (88) 167 Parey-sous-Montfort
1%
Aube (10) 46 Pars-lès-Chavanges
1%
Aube (10) 823 Pars-lès-Romilly
1%
Ardennes (08) 198 Pauvres
1%
Aube (10) 1 384 Payns
1%
Marne (51) 65 Péas
1%
Aube (10) 153 Périgny-la-Rose
1%
Bas-Rhin (67) 669 Petersbach
1%
Meurthe-et-Moselle (54) 91 Petit-Failly
1%
Marne (51) 217 Pévy
1%
Haut-Rhin (68) 948 Pfetterhouse
1%
Bas-Rhin (67) 1 297 Pfulgriesheim
1%
Moselle (57) 608 Philippsbourg
1%
Meurthe-et-Moselle (54) 43 Phlin
1%
Moselle (57) 966 Piblange
1%
Vosges (88) 117 Pierrefitte
1%
Meuse (55) 313 Pierrefitte-sur-Aire
1%
Meurthe-et-Moselle (54) 839 Pierrepont
1%
Vosges (88) 139 Pierrepont-sur-l’Arentèle
1%
Meurthe-et-Moselle (54) 298 Pierreville
1%
Moselle (57) 1 478 Pierrevillers
1%
Aube (10) 1 447 Piney
1%
Aube (10) 263 Plaines-Saint-Lange
1%
Aube (10) 231 Planty
1%
Moselle (57) 792 Plesnois
1%
Aube (10) 179 Plessis-Barbuise
1%
Marne (51) 827 Pleurs
1%
Marne (51) 746 Plivot
1%
Marne (51) 917 Pogny
1%
Ardennes (08) 173 Poilcourt-Sydney
1%
Aube (10) 59 Poligny
1%
Marne (51) 508 Pomacle
1%
Moselle (57) 718 Pommérieux
1%
Moselle (57) 587 Pontoy
1%
Moselle (57) 2 472 Porcelette
1%
Marne (51) 513 Pouillon
1%
Marne (51) 195 Pourcy
1%
Moselle (57) 619 Pournoy-la-Chétive
1%
Ardennes (08) 233 Pouru-aux-Bois
1%
Ardennes (08) 1 142 Pouru-Saint-Remy
1%
Aube (10) 86 Praslin
1%
Aube (10) 72 Précy-Notre-Dame
1%
Aube (10) 182 Précy-Saint-Martin
1%
Meurthe-et-Moselle (54) 366 Prény
1%
Bas-Rhin (67) 895 Preuschdorf
1%
Ardennes (08) 131 Prez
1%
Haute-Marne (52) 275 Prez-sous-Lafauche
1%
Marne (51) 481 Prosnes
1%
Marne (51) 549 Prouilly
1%
Vosges (88) 147 Provenchères-lès-Darney
1%
Bas-Rhin (67) 368 Puberg
1%
Ardennes (08) 217 Puilly-et-Charbeaux
1%
Marne (51) 439 Puisieulx
1%
Meurthe-et-Moselle (54) 1 146 Pulligny
1%
Ardennes (08) 551 Pure
1%
Moselle (57) 170 Puzieux
1%
Vosges (88) 145 Puzieux
1%
Ardennes (08) 72 Quilly
1%
Meuse (55) 131 Quincy-Landzécourt
1%
Haut-Rhin (68) 492 Raedersdorf
1%
Haut-Rhin (68) 1 145 Raedersheim
1%
Aube (10) 411 Ramerupt
1%
Haut-Rhin (68) 228 Rammersmatt
1%
Vosges (88) 1 842 Ramonchamp
1%
Ardennes (08) 714 Rancennes
1%
Bas-Rhin (67) 195 Rangen
1%
Moselle (57) 883 Ranguevaux
1%
Bas-Rhin (67) 303 Ranrupt
1%
Haut-Rhin (68) 800 Rantzwiller
1%
Bas-Rhin (67) 216 Rauwiller
1%
Vosges (88) 477 Raves
1%
Moselle (57) 253 Raville
1%
Meurthe-et-Moselle (54) 103 Raville-sur-Sânon
1%
Vosges (88) 284 Rebeuville
1%
Meurthe-et-Moselle (54) 64 Réchicourt-la-Petite
1%
Moselle (57) 559 Réchicourt-le-Château
1%
Marne (51) 1 060 Recy
1%
Moselle (57) 1 004 Rédange
1%
Ardennes (08) 386 Regniowez
1%
Haut-Rhin (68) 2 023 Réguisheim
1%
Meurthe-et-Moselle (54) 1 051 Rehainviller
1%
Bas-Rhin (67) 443 Reinhardsmunster
1%
Bas-Rhin (67) 844 Reipertswiller
1%
Moselle (57) 1 338 Rémelfing
1%
Meurthe-et-Moselle (54) 623 Réméréville
1%
Marne (51) 58 Remicourt
1%
Vosges (88) 64 Remicourt
1%
Meurthe-et-Moselle (54) 42 Remoncourt
1%
Vosges (88) 569 Remoncourt
1%
Ardennes (08) 198 Renneville
1%
Ardennes (08) 1 637 Renwez
1%
Meuse (55) 382 Resson
1%
Moselle (57) 1 338 Retonfey
1%
Bas-Rhin (67) 275 Retschwiller
1%
Moselle (57) 822 Rettel
1%
Haut-Rhin (68) 696 Retzwiller
1%
Bas-Rhin (67) 395 Reutenbourg
1%
Moselle (57) 495 Rezonville-Vionville
1%
Moselle (57) 122 Richeval
1%
Bas-Rhin (67) 368 Richtolsheim
1%
Bas-Rhin (67) 1 126 Riedseltz
1%
Haut-Rhin (68) 638 Riespach
1%
Marne (51) 195 Rieux
1%
Aube (10) 156 Rigny-la-Nonneuse
1%
Meuse (55) 366 Rigny-la-Salle
1%
Aube (10) 321 Rigny-le-Ferron
1%
Meuse (55) 50 Rigny-Saint-Martin
1%
Haut-Rhin (68) 203 Rimbach-près-Guebwiller
1%
Haut-Rhin (68) 435 Rimbach-près-Masevaux
1%
Haut-Rhin (68) 192 Rimbachzell
1%
Ardennes (08) 1 330 Rimogne
1%
Bas-Rhin (67) 472 Ringendorf
1%
Bas-Rhin (67) 910 Rittershoffen
1%
Haute-Marne (52) 69 Rivières-le-Bois
1%
Vosges (88) 103 Robécourt
1%
Haute-Marne (52) 64 Rochefort-sur-la-Côte
1%
Vosges (88) 679 Rochesson
1%
Moselle (57) 195 Rochonvillers
1%
Ardennes (08) 662 Rocquigny
1%
Haut-Rhin (68) 909 Roderen
1%
Haut-Rhin (68) 390 Rodern
1%
Haut-Rhin (68) 461 Roggenhouse
1%
Bas-Rhin (67) 1 603 Rohrwiller
1%
Ardennes (08) 221 Roizy
1%
Haute-Marne (52) 1 380 Rolampont
1%
Meuse (55) 122 Romagne-sous-les-Côtes
1%
Meuse (55) 181 Romagne-sous-Montfaucon
1%
Haut-Rhin (68) 278 Romagny
1%
Haut-Rhin (68) 780 Rombach-le-Franc
1%
Moselle (57) 1 039 Roncourt
1%
Haut-Rhin (68) 675 Roppentzwiller
1%
Moselle (57) 49 Rorbach-lès-Dieuze
1%
Haut-Rhin (68) 363 Rorschwihr
1%
Moselle (57) 739 Rosbruck
1%
Bas-Rhin (67) 647 Rosenwiller
1%
Marne (51) 382 Rosnay
1%
Aube (10) 164 Rosnay-l'Hôpital
1%
Moselle (57) 2 485 Rosselange
1%
Bas-Rhin (67) 1 030 Rossfeld
1%
Bas-Rhin (67) 488 Rosteig
1%
Bas-Rhin (67) 469 Rothbach
1%
Bas-Rhin (67) 288 Rottelsheim
1%
Moselle (57) 1 978 Rouhling
1%
Aube (10) 388 Rouilly-Sacey
1%
Aube (10) 528 Rouilly-Saint-Loup
1%
Meuse (55) 202 Rouvrois-sur-Meuse
1%
Meuse (55) 192 Rouvrois-sur-Othain
1%
Meurthe-et-Moselle (54) 752 Roville-devant-Bayon
1%
Meurthe-et-Moselle (54) 186 Rozelieures
1%
Moselle (57) 1 326 Rozérieulles
1%
Ardennes (08) 66 Rubigny
1%
Haut-Rhin (68) 399 Ruederbach
1%
Haut-Rhin (68) 2 453 Ruelisheim
1%
Ardennes (08) 276 Rumigny
1%
Aube (10) 573 Rumilly-lès-Vaudes
1%
Moselle (57) 1 262 Russange
1%
Haut-Rhin (68) 927 Rustenhart
1%
Bas-Rhin (67) 583 Saasenheim
1%
Ardennes (08) 178 Sachy
1%
Marne (51) 371 Sacy
1%
Bas-Rhin (67) 599 Saessolsheim
1%
Ardennes (08) 248 Sailly
1%
Haute-Marne (52) 33 Sailly
1%
Moselle (57) 311 Sailly-Achâtel
1%
Meurthe-et-Moselle (54) 410 Saint-Ail
1%
Haute-Marne (52) 340 Saint-Blin
1%
Marne (51) 97 Saint-Bon
1%
Haute-Marne (52) 69 Saint-Broingt-le-Bois
1%
Haute-Marne (52) 235 Saint-Broingt-les-Fosses
1%
Marne (51) 63 Saint-Chéron
1%
Haute-Marne (52) 180 Saint-Ciergues
1%
Haut-Rhin (68) 79 Saint-Cosme
1%
Marne (51) 135 Sainte-Gemme
1%
Moselle (57) 174 Saint-Epvre
1%
Moselle (57) 588 Sainte-Ruffine
1%
Marne (51) 420 Saint-Eulien
1%
Marne (51) 244 Saint-Euphraise-et-Clairizet
1%
Ardennes (08) 87 Sainte-Vaubourg
1%
Ardennes (08) 215 Saint-Fergeux
1%
Aube (10) 295 Saint-Flavy
1%
Ardennes (08) 816 Saint-Germainmont
1%
Marne (51) 543 Saint-Gibrien
1%
Vosges (88) 373 Saint-Gorgon
1%
Marne (51) 320 Saint-Imoges
1%
Moselle (57) 279 Saint-Jure
1%
Ardennes (08) 101 Saint-Juvin
1%
Ardennes (08) 137 Saint-Lambert-et-Mont-de-Jeux
1%
Marne (51) 267 Saint-Lumier-en-Champagne
1%
Marne (51) 41 Saint-Lumier-la-Populeuse
1%
Aube (10) 228 Saint-Lupien
1%
Ardennes (08) 346 Saint-Marceau
1%
Aube (10) 639 Saint-Mards-en-Othe
1%
Marne (51) 511 Saint-Masmes
1%
Ardennes (08) 938 Saint-Menges
1%
Aube (10) 898 Saint-Mesmin
1%
Ardennes (08) 185 Saint-Morel
1%
Aube (10) 318 Saint-Oulph
1%
Meurthe-et-Moselle (54) 308 Saint-Pancré
1%
Ardennes (08) 72 Saint-Pierremont
1%
Vosges (88) 152 Saint-Pierremont
1%
Aube (10) 994 Saint-Pouange
1%
Moselle (57) 1 885 Saint-Privat-la-Montagne
1%
Meurthe-et-Moselle (54) 335 Saint-Remimont
1%
Vosges (88) 215 Saint-Remimont
1%
Marne (51) 48 Saint-Saturnin
1%
Haute-Marne (52) 1 096 Saints-Geosmes
1%
Marne (51) 123 Saint-Souplet-sur-Py
1%
Vosges (88) 72 Saint-Stail
1%
Haute-Marne (52) 242 Saint-Thiébault
1%
Haut-Rhin (68) 308 Saint-Ulrich
1%
Aube (10) 70 Saint-Usage
1%
Marne (51) 74 Saint-Utin
1%
Vosges (88) 99 Saint-Vallier
1%
Haute-Marne (52) 173 Saint-Vallier-sur-Marne
1%
Marne (51) 224 Saint-Vrain
1%
Meurthe-et-Moselle (54) 1 460 Saizerais
1%
Bas-Rhin (67) 587 Salmbach
1%
Aube (10) 126 Salon
1%
Meuse (55) 697 Sampigny
1%
Vosges (88) 943 Sanchey
1%
Meurthe-et-Moselle (54) 349 Sancy
1%
Moselle (57) 515 Sanry-lès-Vigy
1%
Moselle (57) 389 Sanry-sur-Nied
1%
Vosges (88) 128 Sans-Vallois
1%
Marne (51) 409 Sapignicourt
1%
Ardennes (08) 516 Sapogne-et-Feuchères
1%
Ardennes (08) 144 Sapogne-sur-Marche
1%
Vosges (88) 632 Sapois
1%
Marne (51) 268 Sarcy
1%
Moselle (57) 786 Sarraltroff
1%
Moselle (57) 1 234 Sarreinsming
1%
Bas-Rhin (67) 827 Sarrewerden
1%
Ardennes (08) 223 Saulces-Champenoises
1%
Ardennes (08) 838 Saulces-Monclin
1%
Meurthe-et-Moselle (54) 2 312 Saulnes
1%
Ardennes (08) 238 Sauville
1%
Vosges (88) 174 Sauville
1%
Meuse (55) 472 Savonnières-devant-Bar
1%
Meuse (55) 400 Savonnières-en-Perthois
1%
Bas-Rhin (67) 804 Schaeffersheim
1%
Bas-Rhin (67) 552 Schaffhouse-près-Seltz
1%
Bas-Rhin (67) 338 Schalkendorf
1%
Bas-Rhin (67) 864 Scheibenhard
1%
Bas-Rhin (67) 419 Schillersdorf
1%
Bas-Rhin (67) 762 Schirrhoffen
1%
Bas-Rhin (67) 1 393 Schleithal
1%
Haut-Rhin (68) 1 281 Schlierbach
1%
Bas-Rhin (67) 1 804 Schnersheim
1%
Bas-Rhin (67) 628 Schœnau
1%
Bas-Rhin (67) 379 Schœnbourg
1%
Moselle (57) 2 450 Schœneck
1%
Bas-Rhin (67) 703 Schœnenbourg
1%
Bas-Rhin (67) 743 Schwenheim
1%
Haut-Rhin (68) 225 Schwoben
1%
Bas-Rhin (67) 327 Schwobsheim
1%
Ardennes (08) 59 Séchault
1%
Ardennes (08) 562 Sécheval
1%
Moselle (57) 1 717 Seingbouse
1%
Ardennes (08) 175 Semide
1%
Haute-Marne (52) 723 Semoutiers-Montsaon
1%
Ardennes (08) 88 Semuy
1%
Meuse (55) 102 Senoncourt-les-Maujouy
1%
Ardennes (08) 154 Senuc
1%
Bas-Rhin (67) 961 Sermersheim
1%
Marne (51) 567 Sermiers
1%
Meurthe-et-Moselle (54) 246 Serres
1%
Meurthe-et-Moselle (54) 666 Serrouville
1%
Moselle (57) 499 Servigny-lès-Raville
1%
Moselle (57) 472 Servigny-lès-Sainte-Barbe
1%
Ardennes (08) 324 Sery
1%
Ardennes (08) 178 Seuil
1%
Meuse (55) 517 Seuil-d'Argonne
1%
Ardennes (08) 277 Sévigny-la-Forêt
1%
Ardennes (08) 220 Sévigny-Waleppe
1%
Meurthe-et-Moselle (54) 730 Sexey-aux-Forges
1%
Haut-Rhin (68) 329 Sickert
1%
Bas-Rhin (67) 508 Siegen
1%
Bas-Rhin (67) 379 Siewiller
1%
Moselle (57) 609 Sillegny
1%
Moselle (57) 34 Silly-en-Saulnois
1%
Moselle (57) 704 Silly-sur-Nied
1%
Bas-Rhin (67) 620 Siltzheim
1%
Ardennes (08) 135 Singly
1%
Meurthe-et-Moselle (54) 238 Sivry
1%
Marne (51) 177 Sivry-Ante
1%
Meuse (55) 277 Sivry-la-Perche
1%
Meuse (55) 335 Sivry-sur-Meuse
1%
Marne (51) 111 Sogny-aux-Moulins
1%
Marne (51) 80 Sogny-en-l’Angle
1%
Moselle (57) 1 131 Solgne
1%
Ardennes (08) 129 Sommauthe
1%
Meuse (55) 974 Sommedieue
1%
Marne (51) 651 Sommepy-Tahure
1%
Bas-Rhin (67) 1 524 Sommerau
1%
Marne (51) 266 Sompuis
1%
Vosges (88) 43 Soncourt
1%
Haute-Marne (52) 341 Soncourt-sur-Marne
1%
Haut-Rhin (68) 597 Sondernach
1%
Haut-Rhin (68) 315 Sondersdorf
1%
Marne (51) 269 Songy
1%
Haut-Rhin (68) 779 Soppe-le-Bas
1%
Meuse (55) 238 Sorbey
1%
Moselle (57) 389 Sorbey
1%
Ardennes (08) 213 Sorbon
1%
Ardennes (08) 145 Sorcy-Bauthémont
1%
Meuse (55) 1 049 Sorcy-Saint-Martin
1%
Ardennes (08) 525 Sormonne
1%
Marne (51) 258 Souain-Perthes-lès-Hurlus
1%
Marne (51) 154 Soudé
1%
Meuse (55) 439 Souilly
1%
Aube (10) 419 Soulaines-Dhuys
1%
Vosges (88) 657 Soulosse-sous-Saint-Élophe
1%
Haut-Rhin (68) 1 392 Spechbach
1%
Moselle (57) 3 218 Spicheren
1%
Meuse (55) 818 Spincourt
1%
Aube (10) 149 Spoy
1%
Meuse (55) 379 Stainville
1%
Bas-Rhin (67) 751 Stattmatten
1%
Bas-Rhin (67) 620 Steige
1%
Haut-Rhin (68) 1 343 Steinbach
1%
Haut-Rhin (68) 851 Steinbrunn-le-Bas
1%
Haut-Rhin (68) 650 Steinbrunn-le-Haut
1%
Bas-Rhin (67) 607 Steinseltz
1%
Haut-Rhin (68) 755 Steinsoultz
1%
Haut-Rhin (68) 149 Sternenberg
1%
Haut-Rhin (68) 341 Stetten
1%
Ardennes (08) 38 Stonne
1%
Haut-Rhin (68) 192 Storckensohn
1%
Bas-Rhin (67) 1 090 Stotzheim
1%
Bas-Rhin (67) 221 Struth
1%
Moselle (57) 1 396 Stuckange
1%
Bas-Rhin (67) 497 Stundwiller
1%
Moselle (57) 170 Sturzelbronn
1%
Bas-Rhin (67) 1 647 Stutzheim-Offenheim
1%
Ardennes (08) 97 Sugny
1%
Moselle (57) 97 Suisse
1%
Ardennes (08) 100 Sury
1%
Ardennes (08) 58 Suzanne
1%
Haut-Rhin (68) 976 Tagolsheim
1%
Haut-Rhin (68) 304 Tagsdorf
1%
Ardennes (08) 404 Taillette
1%
Ardennes (08) 177 Tailly
1%
Vosges (88) 1 477 Taintrux
1%
Meurthe-et-Moselle (54) 653 Tantonville
1%
Ardennes (08) 126 Tarzy
1%
Vosges (88) 506 Tendon
1%
Moselle (57) 1 046 Tenteling
1%
Ardennes (08) 128 Tétaigne
1%
Moselle (57) 773 Téterchen
1%
Moselle (57) 1 262 Teting-sur-Nied
1%
Bas-Rhin (67) 609 Thanvillé
1%
Moselle (57) 2 441 Théding
1%
Ardennes (08) 409 Thelonne
1%
Aube (10) 330 Thennelières
1%
Vosges (88) 125 They-sous-Montfort
1%
Meurthe-et-Moselle (54) 18 They-sous-Vaudemont
1%
Meurthe-et-Moselle (54) 594 Thiaville-sur-Meurthe
1%
Marne (51) 512 Thiéblemont-Farémont
1%
Vosges (88) 573 Thiéfosse
1%
Ardennes (08) 1 007 Thilay
1%
Meuse (55) 210 Thillot
1%
Haute-Marne (52) 33 Thol-lès-Millières
1%
Haute-Marne (52) 685 Thonnance-lès-Joinville
1%
Haute-Marne (52) 111 Thonnance-les-Moulins
1%
Meuse (55) 354 Thonne-la-Long
1%
Meuse (55) 125 Thonne-les-Près
1%
Meuse (55) 276 Thonne-le-Thil
1%
Meurthe-et-Moselle (54) 129 Thorey-Lyautey
1%
Ardennes (08) 256 Thugny-Trugny
1%
Meurthe-et-Moselle (54) 421 Thuilley-aux-Groseilles
1%
Bas-Rhin (67) 248 Tieffenbach
1%
Meurthe-et-Moselle (54) 645 Tiercelet
1%
Marne (51) 233 Tilloy-et-Bellay
1%
Meuse (55) 279 Tilly-sur-Meuse
1%
Moselle (57) 173 Tincry
1%
Ardennes (08) 99 Toges
1%
Meurthe-et-Moselle (54) 658 Tonnoy
1%
Aube (10) 1 042 Torvilliers
1%
Ardennes (08) 230 Tournavaux
1%
Ardennes (08) 1 056 Tournes
1%
Ardennes (08) 179 Tourteron
1%
Bas-Rhin (67) 653 Traenheim
1%
Vosges (88) 101 Trampot
1%
Haut-Rhin (68) 445 Traubach-le-Bas
1%
Haut-Rhin (68) 625 Traubach-le-Haut
1%
Marne (51) 92 Trécon
1%
Ardennes (08) 139 Tremblois-lès-Carignan
1%
Ardennes (08) 154 Tremblois-lès-Rocroi
1%
Marne (51) 443 Trépail
1%
Bas-Rhin (67) 434 Triembach-au-Val
1%
Marne (51) 589 Trigny
1%
Bas-Rhin (67) 582 Trimbach
1%
Meurthe-et-Moselle (54) 521 Trondes
1%
Meuse (55) 474 Troussey
1%
Meuse (55) 233 Troyon
1%
Meurthe-et-Moselle (54) 2 430 Tucquegnieux
1%
Moselle (57) 10 Turquestein-Blancrupt
1%
Vosges (88) 167 Ubexy
1%
Haut-Rhin (68) 357 Ueberstrass
1%
Haut-Rhin (68) 1 040 Uffheim
1%
Meurthe-et-Moselle (54) 689 Ugny
1%
Meuse (55) 110 Ugny-sur-Meuse
1%
Bas-Rhin (67) 682 Uhlwiller
1%
Bas-Rhin (67) 708 Uhrwiller
1%
Marne (51) 186 Unchair
1%
Bas-Rhin (67) 317 Urbeis
1%
Haut-Rhin (68) 784 Urschenheim
1%
Aube (10) 117 Urville
1%
Vosges (88) 55 Urville
1%
Vosges (88) 2 265 Uxegney
1%
Vosges (88) 1 045 Uzemain
1%
Marne (51) 234 Vadenay
1%
Meuse (55) 257 Vadonville
1%
Aube (10) 303 Vailly
1%
Moselle (57) 540 Val-de-Bride
1%
Marne (51) 598 Val de Livre
1%
Marne (51) 966 Val-de-Vesle
1%
Haut-Rhin (68) 427 Valdieu-Lutran
1%
Haute-Marne (52) 25 Valleroy
1%
Meurthe-et-Moselle (54) 2 335 Valleroy
1%
Vosges (88) 254 Valleroy-aux-Saules
1%
Vosges (88) 183 Valleroy-le-Sec
1%
Meurthe-et-Moselle (54) 135 Vallois
1%
Moselle (57) 340 Valmestroff
1%
Marne (51) 168 Vanault-le-Châtel
1%
Marne (51) 370 Vanault-les-Dames
1%
Marne (51) 165 Vandeuil
1%
Moselle (57) 813 Vantoux
1%
Moselle (57) 465 Vany
1%
Moselle (57) 498 Varize-Vaudoncourt
1%
Moselle (57) 970 Varsberg
1%
Meuse (55) 313 Vaubecourt
1%
Marne (51) 336 Vaudemange
1%
Meurthe-et-Moselle (54) 67 Vaudémont
1%
Aube (10) 722 Vaudes
1%
Meurthe-et-Moselle (54) 153 Vaudeville
1%
Vosges (88) 192 Vaudéville
1%
Meuse (55) 52 Vaudeville-le-Haut
1%
Meuse (55) 530 Vavincourt
1%
Moselle (57) 643 Veckring
1%
Vosges (88) 856 Vecoux
1%
Meuse (55) 903 Velaines
1%
Meurthe-et-Moselle (54) 313 Velle-sur-Moselle
1%
Ardennes (08) 471 Vendresse
1%
Moselle (57) 673 Vernéville
1%
Ardennes (08) 65 Verpel
1%
Meuse (55) 86 Véry
1%
Vosges (88) 147 Vexaincourt
1%
Vosges (88) 174 Vicherey
1%
Moselle (57) 247 Vieux-Lixheim
1%
Haute-Marne (52) 335 Viéville
1%
Meurthe-et-Moselle (54) 139 Viéville-en-Haye
1%
Haute-Marne (52) 70 Vignes-la-Côte
1%
Haute-Marne (52) 224 Vignory
1%
Meuse (55) 1 288 Vignot
1%
Moselle (57) 389 Vigny
1%
Aube (10) 947 Villechétif
1%
Haute-Marne (52) 987 Villegusien-le-Lac
1%
Aube (10) 734 Villemoyenne
1%
Aube (10) 2 645 Villenauxe-la-Grande
1%
Meuse (55) 54 Villeroy-sur-Méholle
1%
Meurthe-et-Moselle (54) 187 Villette
1%
Aube (10) 250 Villette-sur-Aube
1%
Vosges (88) 131 Villotte
1%
Meuse (55) 163 Villotte-devant-Louppy
1%
Meuse (55) 217 Villotte-sur-Aire
1%
Moselle (57) 347 Vilsberg
1%
Marne (51) 541 Vinay
1%
Marne (51) 320 Vincelles
1%
Aube (10) 597 Virey-sous-Bar
1%
Meurthe-et-Moselle (54) 740 Viterne
1%
Meurthe-et-Moselle (54) 191 Vitrey
1%
Meurthe-et-Moselle (54) 390 Vitrimont
1%
Moselle (57) 386 Vittoncourt
1%
Moselle (57) 125 Viviers
1%
Vosges (88) 189 Viviers-le-Gras
1%
Vosges (88) 30 Viviers-lès-Offroicourt
1%
Aube (10) 122 Viviers-sur-Artaut
1%
Meurthe-et-Moselle (54) 659 Viviers-sur-Chiers
1%
Haut-Rhin (68) 475 Vœgtlinshoffen
1%
Bas-Rhin (67) 419 Vœllerdingen
1%
Moselle (57) 771 Volmunster
1%
Ardennes (08) 213 Voncq
1%
Meuse (55) 41 Vouthon-Bas
1%
Meuse (55) 83 Vouthon-Haut
1%
Moselle (57) 453 Voyer
1%
Marne (51) 461 Vraux
1%
Vosges (88) 350 Vrécourt
1%
Marne (51) 246 Vrigny
1%
Moselle (57) 624 Vry
1%
Aube (10) 225 Vulaines
1%
Ardennes (08) 451 Wadelincourt
1%
Ardennes (08) 116 Wagnon
1%
Bas-Rhin (67) 606 Wahlenheim
1%
Haut-Rhin (68) 916 Walbach
1%
Bas-Rhin (67) 625 Waldhambach
1%
Haut-Rhin (68) 1 551 Waldighofen
1%
Bas-Rhin (67) 561 Waldolwisheim
1%
Moselle (57) 515 Waldweistroff
1%
Moselle (57) 809 Waldwisse
1%
Haut-Rhin (68) 885 Walheim
1%
Moselle (57) 237 Waltembourg
1%
Haut-Rhin (68) 513 Waltenheim
1%
Bas-Rhin (67) 664 Waltenheim-sur-Zorn
1%
Ardennes (08) 382 Warnécourt
1%
Ardennes (08) 298 Wasigny
1%
Haut-Rhin (68) 471 Wasserbourg
1%
Meurthe-et-Moselle (54) 434 Waville
1%
Haut-Rhin (68) 696 Weckolsheim
1%
Haut-Rhin (68) 318 Wegscheid
1%
Bas-Rhin (67) 462 Weinbourg
1%
Bas-Rhin (67) 549 Weislingen
1%
Bas-Rhin (67) 2 719 Weitbruch
1%
Bas-Rhin (67) 517 Weiterswiller
1%
Haut-Rhin (68) 783 Wentzwiller
1%
Haut-Rhin (68) 625 Werentzhouse
1%
Haut-Rhin (68) 1 004 Westhalten
1%
Haut-Rhin (68) 699 Wickerschwihr
1%
Bas-Rhin (67) 388 Wickersheim-Wilshausen
1%
Haut-Rhin (68) 1 202 Widensolen
1%
Haut-Rhin (68) 161 Wildenstein
1%
Bas-Rhin (67) 1 073 Willgottheim
1%
Bas-Rhin (67) 747 Wilwisheim
1%
Bas-Rhin (67) 1 049 Wimmenau
1%
Bas-Rhin (67) 168 Windstein
1%
Bas-Rhin (67) 2 338 Wingersheim les Quatre Bans
1%
Haut-Rhin (68) 294 Winkel
1%
Moselle (57) 263 Wintersbourg
1%
Bas-Rhin (67) 854 Wintershouse
1%
Bas-Rhin (67) 528 Wintzenbach
1%
Vosges (88) 425 Wisembach
1%
Bas-Rhin (67) 498 Witternheim
1%
Haut-Rhin (68) 787 Wittersdorf
1%
Bas-Rhin (67) 710 Wittersheim
1%
Bas-Rhin (67) 2 076 Wittisheim
1%
Moselle (57) 743 Wittring
1%
Bas-Rhin (67) 872 Wiwersheim
1%
Meuse (55) 208 Woël
1%
Haut-Rhin (68) 364 Wolfersdorf
1%
Haut-Rhin (68) 1 123 Wolfgantzen
1%
Bas-Rhin (67) 344 Wolfskirchen
1%
Bas-Rhin (67) 313 Wolschheim
1%
Haut-Rhin (68) 436 Wolschwiller
1%
Bas-Rhin (67) 965 Wolxheim
1%
Moselle (57) 2 854 Woustviller
1%
Haut-Rhin (68) 779 Wuenheim
1%
Meurthe-et-Moselle (54) 173 Xammes
1%
Moselle (57) 109 Xanrey
1%
Vosges (88) 109 Xaronval
1%
Meurthe-et-Moselle (54) 565 Xermaménil
1%
Meurthe-et-Moselle (54) 965 Xeuilley
1%
Meurthe-et-Moselle (54) 268 Xivry-Circourt
1%
Meurthe-et-Moselle (54) 107 Xonville
1%
Moselle (57) 312 Xouaxange
1%
Ardennes (08) 90 Yoncq
1%
Haut-Rhin (68) 386 Zaessingue
1%
Bas-Rhin (67) 248 Zehnacker
1%
Bas-Rhin (67) 218 Zeinheim
1%
Haut-Rhin (68) 324 Zellenberg
1%
Bas-Rhin (67) 808 Zellwiller
1%
Moselle (57) 849 Zetting
1%
Moselle (57) 280 Zilling
1%
Haut-Rhin (68) 828 Zimmerbach
1%
Moselle (57) 703 Zimming
1%
Bas-Rhin (67) 725 Zinswiller
1%
Meurthe-et-Moselle (54) 317 Abaucourt
0%
Meuse (55) 99 Abaucourt-Hautecourt
0%
Moselle (57) 79 Achain
0%
Moselle (57) 131 Adaincourt
0%
Moselle (57) 210 Adelange
0%
Meurthe-et-Moselle (54) 179 Affléville
0%
Meurthe-et-Moselle (54) 112 Affracourt
0%
Vosges (88) 70 Ahéville
0%
Haute-Marne (52) 26 Aigremont
0%
Haute-Marne (52) 144 Aillianville
0%
Meuse (55) 81 Aincreville
0%
Vosges (88) 61 Aingeville
0%
Haute-Marne (52) 10 Aingoulaincourt
0%
Vosges (88) 132 Ainvelle
0%
Haute-Marne (52) 30 Aizanville
0%
Moselle (57) 103 Ajoncourt
0%
Moselle (57) 159 Alaincourt-la-Côte
0%
Meurthe-et-Moselle (54) 163 Allamont
0%
Meurthe-et-Moselle (54) 496 Allamps
0%
Marne (51) 116 Allemanche-Launay-et-Soyer
0%
Aube (10) 213 Allibaudières
0%
Haute-Marne (52) 360 Allichamps
0%
Moselle (57) 369 Altrippe
0%
Meuse (55) 35 Amanty
0%
Vosges (88) 279 Ambacourt
0%
Haute-Marne (52) 88 Ambonville
0%
Meurthe-et-Moselle (54) 86 Amenoncourt
0%
Vosges (88) 48 Ameuvelle
0%
Meurthe-et-Moselle (54) 252 Ancerviller
0%
Meuse (55) 249 Andernay
0%
Meurthe-et-Moselle (54) 256 Anderny
0%
Vosges (88) 161 Anglemont
0%
Meurthe-et-Moselle (54) 74 Angomont
0%
Haute-Marne (52) 29 Annonville
0%
Meurthe-et-Moselle (54) 272 Anoux
0%
Haute-Marne (52) 123 Anrosey
0%
Meurthe-et-Moselle (54) 77 Ansauville
0%
Marne (51) 100 Aougny
0%
Vosges (88) 201 Aouze
0%
Haute-Marne (52) 84 Arbigny-sous-Varennes
0%
Haute-Marne (52) 67 Arbot
0%
Aube (10) 105 Arconville
0%
Meurthe-et-Moselle (54) 236 Armaucourt
0%
Haute-Marne (52) 86 Arnancourt
0%
Vosges (88) 90 Aroffe
0%
Meurthe-et-Moselle (54) 250 Arracourt
0%
Moselle (57) 121 Arraincourt
0%
Aube (10) 85 Arrelles
0%
Aube (10) 46 Arrembécourt
0%
Vosges (88) 184 Arrentès-de-Corcieux
0%
Moselle (57) 217 Arriance
0%
Aube (10) 295 Arsonval
0%
Aube (10) 187 Assencières
0%
Moselle (57) 114 Assenoncourt
0%
Meurthe-et-Moselle (54) 172 Athienville
0%
Vosges (88) 200 Attignéville
0%
Moselle (57) 100 Attilloncourt
0%
Haute-Marne (52) 184 Aubepierre-sur-Aube
0%
Aube (10) 385 Aubeterre
0%
Haute-Marne (52) 84 Audeloncourt
0%
Haute-Marne (52) 69 Aujeurres
0%
Meurthe-et-Moselle (54) 80 Autrepierre
0%
Vosges (88) 224 Auzainvilliers
0%
Aube (10) 201 Avirey-Lingey
0%
Meuse (55) 121 Avocourt
0%
Vosges (88) 70 Avranville
0%
Haute-Marne (52) 109 Avrecourt
0%
Aube (10) 169 Avreuil
0%
Vosges (88) 995 Aydoilles
0%
Meuse (55) 161 Azannes-et-Soumazannes
0%
Moselle (57) 112 Bacourt
0%
Vosges (88) 139 Badménil-aux-Bois
0%
Meuse (55) 128 Badonvilliers-Gérauvilliers
0%
Haute-Marne (52) 177 Baissey
0%
Aube (10) 58 Balignicourt
0%
Vosges (88) 101 Balléville
0%
Meuse (55) 161 Bannoncourt
0%
Meuse (55) 106 Bantheville
0%
Meurthe-et-Moselle (54) 199 Barbas
0%
Vosges (88) 144 Barbey-Seroux
0%
Meurthe-et-Moselle (54) 429 Barbonville
0%
Moselle (57) 109 Barchain
0%
Meurthe-et-Moselle (54) 393 Barisey-au-Plain
0%
Meurthe-et-Moselle (54) 263 Barisey-la-Côte
0%
Moselle (57) 372 Baronville
0%
Moselle (57) 573 Barst
0%
Vosges (88) 85 Barville
0%
Moselle (57) 109 Bassing
0%
Haute-Marne (52) 63 Bassoncourt
0%
Meurthe-et-Moselle (54) 68 Bathelémont
0%
Vosges (88) 36 Battexey
0%
Meurthe-et-Moselle (54) 151 Battigny
0%
Marne (51) 99 Baudement
0%
Meuse (55) 376 Baudonvilliers
0%
Meuse (55) 43 Baudrémont
0%
Vosges (88) 333 Baudricourt
0%
Meuse (55) 19 Baulny
0%
Meurthe-et-Moselle (54) 155 Bauzemont
0%
Vosges (88) 238 Bayecourt
0%
Meurthe-et-Moselle (54) 146 Bazailles
0%
Vosges (88) 100 Bazegney
0%
Vosges (88) 80 Bazien
0%
Haute-Marne (52) 110 Beauchemin
0%
Meuse (55) 94 Beauclair
0%
Vosges (88) 88 Beaufremont
0%
Vosges (88) 133 Beauménil
0%
Meuse (55) 255 Beausite
0%
Meurthe-et-Moselle (54) 84 Béchamps
0%
Vosges (88) 143 Begnécourt
0%
Moselle (57) 55 Bellange
0%
Meuse (55) 507 Belleray
0%
Moselle (57) 233 Belles-Forêts
0%
Vosges (88) 92 Belrupt
0%
Meuse (55) 545 Belrupt-en-Verdunois
0%
Moselle (57) 215 Bérig-Vintrange
0%
Moselle (57) 207 Bermering
0%
Meurthe-et-Moselle (54) 173 Bernécourt
0%
Aube (10) 164 Bernon
0%
Aube (10) 51 Bertignolles
0%
Ardennes (08) 126 Bertoncourt
0%
Vosges (88) 309 Bertrimoutier
0%
Aube (10) 196 Bérulle
0%
Moselle (57) 460 Berviller-en-Moselle
0%
Marne (51) 73 Berzieux
0%
Meuse (55) 160 Béthelainville
0%
Meuse (55) 43 Béthincourt
0%
Aube (10) 32 Bétignicourt
0%
Meurthe-et-Moselle (54) 398 Bettainvillers
0%
Vosges (88) 163 Bettegney-Saint-Brice
0%
Vosges (88) 94 Bettoncourt
0%
Moselle (57) 814 Bettviller
0%
Haute-Marne (52) 102 Beurville
0%
Meurthe-et-Moselle (54) 773 Beuveille
0%
Meurthe-et-Moselle (54) 89 Beuvezin
0%
Meurthe-et-Moselle (54) 260 Bezaumont
0%
Meuse (55) 0 Bezonvaux
0%
Moselle (57) 84 Bickenholtz
0%
Moselle (57) 126 Bidestroff
0%
Moselle (57) 341 Biding
0%
Vosges (88) 92 Biécourt
0%
Meuse (55) 116 Biencourt-sur-Orge
0%
Vosges (88) 394 Biffontaine
0%
Marne (51) 91 Binarville
0%
Moselle (57) 1 184 Bining
0%
Moselle (57) 300 Bioncourt
0%
Meuse (55) 62 Bislée
0%
Moselle (57) 253 Bisten-en-Lorraine
0%
Moselle (57) 306 Bistroff
0%
Aube (10) 103 Blaincourt-sur-Aube
0%
Meuse (55) 13 Blanzée
0%
Haute-Marne (52) 119 Blécourt
0%
Meurthe-et-Moselle (54) 55 Blémerey
0%
Vosges (88) 32 Blémerey
0%
Marne (51) 200 Blesme
0%
Haute-Marne (52) 180 Blessonville
0%
Vosges (88) 289 Bleurville
0%
Vosges (88) 93 Blevaincourt
0%
Aube (10) 42 Blignicourt
0%
Haute-Marne (52) 101 Blumeray
0%
Vosges (88) 134 Bocquegney
0%
Meuse (55) 78 Boinville-en-Woëvre
0%
Meurthe-et-Moselle (54) 417 Boismont
0%
Haute-Marne (52) 144 Bonnecourt
0%
Meuse (55) 186 Bonnet
0%
Vosges (88) 278 Bonvillet
0%
Meuse (55) 360 Bonzée
0%
Meurthe-et-Moselle (54) 87 Borville
0%
Aube (10) 194 Bossancourt
0%
Bas-Rhin (67) 171 Bosselshausen
0%
Marne (51) 205 Bouchy-Saint-Genest
0%
Meurthe-et-Moselle (54) 148 Bouillonville
0%
Aube (10) 223 Boulages
0%
Vosges (88) 65 Boulaincourt
0%
Marne (51) 226 Bouleuse
0%
Meuse (55) 113 Bouquemont
0%
Aube (10) 615 Bouranton
0%
Aube (10) 117 Bourdenay
0%
Moselle (57) 241 Bourdonnay
0%
Haute-Marne (52) 294 Bourdons-sur-Rognon
0%
Meuse (55) 115 Boureuilles
0%
Moselle (57) 231 Bourgaltroff
0%
Aube (10) 255 Bourguignons
0%
Marne (51) 421 Boursault
0%
Moselle (57) 175 Bourscheid
0%
Moselle (57) 118 Bousseviller
0%
Moselle (57) 151 Boustroff
0%
Meurthe-et-Moselle (54) 227 Bouvron
0%
Vosges (88) 178 Bouxurulles
0%
Haute-Marne (52) 68 Bouzancourt
0%
Meurthe-et-Moselle (54) 64 Bouzanville
0%
Meuse (55) 127 Bovée-sur-Barboure
0%
Meuse (55) 98 Boviolles
0%
Haute-Marne (52) 66 Brachay
0%
Meurthe-et-Moselle (54) 173 Bralleville
0%
Meuse (55) 178 Brandeville
0%
Marne (51) 194 Brandonvillers
0%
Marne (51) 323 Branscourt
0%
Vosges (88) 204 Brantigny
0%
Meuse (55) 106 Braquis
0%
Meurthe-et-Moselle (54) 47 Bratte
0%
Meuse (55) 170 Brauvilliers
0%
Vosges (88) 60 Brechainville
0%
Meuse (55) 180 Bréhéville
0%
Moselle (57) 312 Breidenbach
0%
Meurthe-et-Moselle (54) 96 Bréménil
0%
Meurthe-et-Moselle (54) 166 Brémoncourt
0%
Haute-Marne (52) 119 Brennes
0%
Moselle (57) 426 Brettnach
0%
Marne (51) 214 Breuvery-sur-Coole
0%
Haute-Marne (52) 173 Briaucourt
0%
Aube (10) 84 Brillecourt
0%
Meuse (55) 78 Brixey-aux-Chanoines
0%
Meuse (55) 61 Brizeaux
0%
Meuse (55) 46 Brocourt-en-Argonne
0%
Moselle (57) 82 Brouck
0%
Moselle (57) 971 Brouderdorff
0%
Meuse (55) 156 Brouennes
0%
Marne (51) 64 Brouillet
0%
Meuse (55) 56 Broussey-en-Blois
0%
Meuse (55) 287 Broussey-Raulecourt
0%
Vosges (88) 421 Brouvelieures
0%
Moselle (57) 428 Brouviller
0%
Moselle (57) 97 Brulange
0%
Marne (51) 184 Brusson
0%
Meurthe-et-Moselle (54) 220 Bruville
0%
Moselle (57) 162 Budling
0%
Haute-Marne (52) 155 Bugnières
0%
Meurthe-et-Moselle (54) 255 Buissoncourt
0%
Meuse (55) 156 Burey-en-Vaux
0%
Meuse (55) 87 Burey-la-Côte
0%
Meurthe-et-Moselle (54) 72 Buriville
0%
Moselle (57) 114 Burlioncourt
0%
Meurthe-et-Moselle (54) 150 Burthecourt-aux-Chênes
0%
Moselle (57) 225 Burtoncourt
0%
Haute-Marne (52) 43 Busson
0%
Aube (10) 116 Buxeuil
0%
Haute-Marne (52) 659 Ceffonds
0%
Haute-Marne (52) 96 Celsoy
0%
Haute-Marne (52) 85 Cerisières
0%
Marne (51) 127 Cernon
0%
Vosges (88) 215 Certilleux
0%
Meuse (55) 108 Cesse
0%
Aube (10) 53 Chacenay
0%
Meuse (55) 109 Chaillon
0%
Marne (51) 342 Chaintrix-Bierges
0%
Meuse (55) 308 Chalaines
0%
Haute-Marne (52) 111 Chalancey
0%
Aube (10) 123 Chalette-sur-Voire
0%
Marne (51) 58 Chaltrait
0%
Haute-Marne (52) 192 Chalvraines
0%
Haute-Marne (52) 1 029 Chamarandes-Choignes
0%
Marne (51) 148 Chambrecy
0%
Haute-Marne (52) 49 Chambroncourt
0%
Aube (10) 502 Chamoy
0%
Vosges (88) 190 Champdray
0%
Marne (51) 286 Champguyon
0%
Marne (51) 149 Champlat-et-Boujacourt
0%
Meuse (55) 123 Champneuville
0%
Meuse (55) 81 Champougny
0%
Haute-Marne (52) 729 Champsevraine
0%
Marne (51) 252 Champvoisy
0%
Haute-Marne (52) 293 Changey
0%
Aube (10) 124 Channes
0%
Haute-Marne (52) 123 Chanoy
0%
Meuse (55) 187 Chanteraine
0%
Haute-Marne (52) 209 Chantraines
0%
Moselle (57) 148 Chanville
0%
Meurthe-et-Moselle (54) 114 Chaouilley
0%
Marne (51) 54 Chapelaine
0%
Ardennes (08) 59 Chardeny
0%
Meuse (55) 300 Chardogne
0%
Meurthe-et-Moselle (54) 90 Charey
0%
Meuse (55) 22 Charpentry
0%
Aube (10) 48 Chaserey
0%
Meuse (55) 79 Chassey-Beaupré
0%
Haute-Marne (52) 251 Chassigny
0%
Vosges (88) 37 Châtas
0%
Marne (51) 247 Châtelraould-Saint-Louvent
0%
Haute-Marne (52) 271 Chatonrupt-Sommermont
0%
Marne (51) 36 Châtrices
0%
Meuse (55) 176 Chattancourt
0%
Aube (10) 225 Chauchigny
0%
Marne (51) 313 Chaudefontaine
0%
Aube (10) 138 Chaudrey
0%
Vosges (88) 42 Chauffecourt
0%
Haute-Marne (52) 181 Chauffourt
0%
Aube (10) 106 Chaumesnil
0%
Vosges (88) 903 Chaumousey
0%
Marne (51) 362 Chaumuzy
0%
Meurthe-et-Moselle (54) 47 Chazelles-sur-Albe
0%
Vosges (88) 46 Chef-Haut
0%
Meurthe-et-Moselle (54) 218 Chenicourt
0%
Meurthe-et-Moselle (54) 610 Chenières
0%
Marne (51) 115 Cheniers
0%
Aube (10) 458 Chennegy
0%
Moselle (57) 82 Chenois
0%
Marne (51) 144 Cheppes-la-Prairie
0%
Vosges (88) 90 Chermisey
0%
Aube (10) 153 Chervey
0%
Aube (10) 304 Chesley
0%
Ardennes (08) 45 Chevières
0%
Haute-Marne (52) 77 Chézeaux
0%
Marne (51) 171 Chichey
0%
Moselle (57) 89 Chicourt
0%
Haute-Marne (52) 155 Choilley-Dardenay
0%
Haute-Marne (52) 78 Choiseul
0%
Meuse (55) 205 Chonville-Malaumont
0%
Ardennes (08) 67 Chuffilly-Roche
0%
Meuse (55) 45 Cierges-sous-Montfaucon
0%
Vosges (88) 82 Circourt
0%
Vosges (88) 182 Circourt-sur-Mouzon
0%
Haute-Marne (52) 187 Cirfontaines-en-Azois
0%
Haute-Marne (52) 83 Cirfontaines-en-Ornois
0%
Marne (51) 220 Clamanges
0%
Vosges (88) 214 Claudon
0%
Meurthe-et-Moselle (54) 176 Clayeures
0%
Haute-Marne (52) 159 Clefmont
0%
Meurthe-et-Moselle (54) 494 Clémery
0%
Vosges (88) 643 Cleurie
0%
Vosges (88) 221 Clézentaine
0%
Haute-Marne (52) 70 Clinchamp
0%
Marne (51) 123 Cloyes-sur-Marne
0%
Aube (10) 172 Coclois
0%
Haute-Marne (52) 214 Cohons
0%
Haute-Marne (52) 86 Coiffy-le-Bas
0%
Haute-Marne (52) 105 Coiffy-le-Haut
0%
Vosges (88) 349 Coinches
0%
Meurthe-et-Moselle (54) 114 Coincourt
0%
Marne (51) 85 Coizard-Joches
0%
Meurthe-et-Moselle (54) 241 Colmey
0%
Haute-Marne (52) 22 Colmier-le-Bas
0%
Haute-Marne (52) 64 Colmier-le-Haut
0%
Meuse (55) 112 Combres-sous-les-Côtes
0%
Vosges (88) 136 Combrimont
0%
Haute-Marne (52) 294 Condes
0%
Marne (51) 260 Congy
0%
Marne (51) 143 Connantray-Vaurefroy
0%
Haute-Marne (52) 75 Consigny
0%
Marne (51) 66 Contault
0%
Moselle (57) 145 Conthil
0%
Ardennes (08) 84 Contreuve
0%
Marne (51) 110 Corfélix
0%
Aube (10) 299 Cormost
0%
Marne (51) 127 Cormoyeux
0%
Marne (51) 63 Corribert
0%
Marne (51) 210 Corrobert
0%
Haute-Marne (52) 119 Coublanc
0%
Marne (51) 81 Coupetz
0%
Marne (51) 166 Coupéville
0%
Haute-Marne (52) 164 Coupray
0%
Meurthe-et-Moselle (54) 381 Courbesseaux
0%
Marne (51) 88 Courcemain
0%
Aube (10) 144 Courceroy
0%
Marne (51) 385 Courdemanges
0%
Marne (51) 281 Courgivaux
0%
Marne (51) 48 Courjeonnet
0%
Marne (51) 214 Courmas
0%
Meuse (55) 39 Courouvre
0%
Marne (51) 72 Courtagnon
0%
Aube (10) 85 Courtaoult
0%
Marne (51) 61 Courtémont
0%
Aube (10) 219 Courtenot
0%
Aube (10) 102 Courteron
0%
Marne (51) 345 Courthiézy
0%
Aube (10) 179 Coussegrey
0%
Meuse (55) 83 Couvertpuis
0%
Aube (10) 198 Couvignon
0%
Meuse (55) 151 Couvonges
0%
Moselle (57) 234 Craincourt
0%
Vosges (88) 178 Crainvilliers
0%
Meurthe-et-Moselle (54) 151 Crantenoy
0%
Aube (10) 314 Crésantignes
0%
Aube (10) 136 Crespy-le-Neuf
0%
Meurthe-et-Moselle (54) 292 Crézilles
0%
Meurthe-et-Moselle (54) 109 Crion
0%
Meurthe-et-Moselle (54) 639 Croismare
0%
Marne (51) 408 Cuchery
0%
Marne (51) 122 Cuisles
0%
Meuse (55) 48 Cuisy
0%
Meuse (55) 125 Culey
0%
Meuse (55) 20 Cunel
0%
Marne (51) 223 Cuperly
0%
Haute-Marne (52) 407 Curel
0%
Haute-Marne (52) 11 Curmont
0%
Haute-Marne (52) 282 Cusey
0%
Aube (10) 199 Cussangy
0%
Moselle (57) 103 Cutting
0%
Haute-Marne (52) 26 Cuves
0%
Meuse (55) 84 Dagonville
0%
Haute-Marne (52) 62 Daillancourt
0%
Haute-Marne (52) 72 Daillecourt
0%
Meuse (55) 122 Dainville-Bertheléville
0%
Moselle (57) 101 Dalhain
0%
Vosges (88) 272 Damas-aux-Bois
0%
Vosges (88) 382 Damas-et-Bettegney
0%
Vosges (88) 254 Damblain
0%
Meuse (55) 124 Damloup
0%
Meurthe-et-Moselle (54) 56 Dampvitoux
0%
Haute-Marne (52) 197 Damrémont
0%
Haute-Marne (52) 197 Dancevoir
0%
Meuse (55) 194 Dannevoux
0%
Haute-Marne (52) 253 Darmannes
0%
Vosges (88) 1 370 Darnieulles
0%
Aube (10) 220 Davrey
0%
Bas-Rhin (67) 347 Dehlingen
0%
Vosges (88) 56 Deinvillers
0%
Meuse (55) 120 Delut
0%
Meurthe-et-Moselle (54) 470 Deneuvre
0%
Vosges (88) 248 Denipaire
0%
Moselle (57) 278 Denting
0%
Vosges (88) 104 Derbamont
0%
Moselle (57) 101 Desseling
0%
Vosges (88) 243 Destord
0%
Moselle (57) 105 Destry
0%
Vosges (88) 304 Deycimont
0%
Meurthe-et-Moselle (54) 473 Diarville
0%
Moselle (57) 356 Diffembach-lès-Hellimer
0%
Vosges (88) 209 Dignonville
0%
Haute-Marne (52) 64 Dinteville
0%
Vosges (88) 96 Dolaincourt
0%
Meurthe-et-Moselle (54) 145 Dolcourt
0%
Moselle (57) 343 Dolving
0%
Haute-Marne (52) 80 Domblain
0%
Meuse (55) 138 Dombras
0%
Vosges (88) 361 Dombrot-le-Sec
0%
Vosges (88) 242 Dombrot-sur-Vair
0%
Vosges (88) 212 Domfaing
0%
Meurthe-et-Moselle (54) 262 Domjevin
0%
Vosges (88) 175 Domjulien
0%
Haute-Marne (52) 172 Dommarien
0%
Moselle (57) 91 Domnom-lès-Dieuze
0%
Meuse (55) 358 Dompcevrin
0%
Marne (51) 120 Dompremy
0%
Meurthe-et-Moselle (54) 98 Domprix
0%
Vosges (88) 98 Domvallier
0%
Vosges (88) 148 Doncières
0%
Moselle (57) 187 Donnelay
0%
Aube (10) 73 Donnement
0%
Aube (10) 313 Dosches
0%
Aube (10) 99 Dosnon
0%
Meuse (55) 426 Doulcon
0%
Ardennes (08) 73 Doumely-Bégny
0%
Vosges (88) 866 Dounoux
0%
Ardennes (08) 76 Dricourt
0%
Marne (51) 143 Drouilly
0%
Meurthe-et-Moselle (54) 223 Drouville
0%
Meuse (55) 45 Duzey
0%
Moselle (57) 956 Ébersviller
0%
Moselle (57) 360 Éblange
0%
Aube (10) 87 Échemines
0%
Haute-Marne (52) 92 Échenay
0%
Marne (51) 90 Éclaires
0%
Aube (10) 92 Éclance
0%
Marne (51) 61 Écollemont
0%
Haute-Marne (52) 41 Ecot-la-Combe
0%
Meuse (55) 524 Écouviez
0%
Marne (51) 167 Écriennes
0%
Meuse (55) 115 Écurey-en-Verdunois
0%
Haute-Marne (52) 57 Effincourt
0%
Moselle (57) 434 Éguelshardt
0%
Aube (10) 114 Éguilly-sous-Bois
0%
Moselle (57) 224 Eincheville
0%
Marne (51) 82 Élise-Daucourt
0%
Moselle (57) 419 Elvange
0%
Meurthe-et-Moselle (54) 251 Emberménil
0%
Moselle (57) 1 214 Enchenberg
0%
Haute-Marne (52) 68 Enfonvelle
0%
Aube (10) 31 Engente
0%
Aube (10) 137 Épagne
0%
Marne (51) 121 Épense
0%
Meurthe-et-Moselle (54) 200 Épiez-sur-Chiers
0%
Meuse (55) 38 Épiez-sur-Meuse
0%
Meuse (55) 74 Épinonville
0%
Haute-Marne (52) 158 Épizon
0%
Meurthe-et-Moselle (54) 301 Éply
0%
Aube (10) 156 Épothémont
0%
Moselle (57) 561 Epping
0%
Meurthe-et-Moselle (54) 69 Erbéviller-sur-Amezule
0%
Moselle (57) 419 Erching
0%
Moselle (57) 508 Ernestviller
0%
Meuse (55) 141 Erneville-aux-Bois
0%
Moselle (57) 190 Erstroff
0%
Marne (51) 67 Escardes
0%
Bas-Rhin (67) 180 Eschwiller
0%
Marne (51) 639 Esclavolles-Lurey
0%
Vosges (88) 401 Escles
0%
Vosges (88) 178 Esley
0%
Meuse (55) 136 Esnes-en-Argonne
0%
Haute-Marne (52) 297 Esnouveaux
0%
Vosges (88) 742 Essegney
0%
Ardennes (08) 83 Estrebay
0%
Vosges (88) 102 Estrennes
0%
Aube (10) 152 Étourvy
0%
Meuse (55) 37 Étraye
0%
Marne (51) 105 Étréchy
0%
Aube (10) 156 Étrelles-sur-Aube
0%
Marne (51) 117 Étrepy
0%
Meurthe-et-Moselle (54) 59 Étreval
0%
Haute-Marne (52) 299 Euffigneix
0%
Ardennes (08) 110 Euilly-et-Lombut
0%
Meurthe-et-Moselle (54) 109 Euvezin
0%
Marne (51) 79 Euvy
0%
Meuse (55) 89 Èvres
0%
Ardennes (08) 35 Exermont
0%
Haute-Marne (52) 35 Farincourt
0%
Vosges (88) 229 Faucompierre
0%
Vosges (88) 136 Fauconcourt
0%
Marne (51) 222 Favresse
0%
Meurthe-et-Moselle (54) 109 Fécocourt
0%
Meurthe-et-Moselle (54) 104 Fenneviller
0%
Marne (51) 145 Fèrebrianges
0%
Aube (10) 407 Ferreux-Quincey
0%
Marne (51) 389 Festigny
0%
Vosges (88) 49 Fignévelle
0%
Meurthe-et-Moselle (54) 518 Fillières
0%
Vosges (88) 226 Fiménil
0%
Haute-Marne (52) 72 Flagey
0%
Ardennes (08) 93 Flaignes-Havys
0%
Meurthe-et-Moselle (54) 175 Flainval
0%
Haute-Marne (52) 70 Flammerécourt
0%
Meuse (55) 44 Flassigny
0%
Moselle (57) 355 Flastroff
0%
Moselle (57) 140 Fleisheim
0%
Moselle (57) 886 Flétrange
0%
Meurthe-et-Moselle (54) 161 Flirey
0%
Moselle (57) 123 Flocourt
0%
Vosges (88) 475 Florémont
0%
Marne (51) 221 Florent-en-Argonne
0%
Meuse (55) 224 Foameix-Ornel
0%
Vosges (88) 143 Fomerey
0%
Moselle (57) 141 Fonteny
0%
Meurthe-et-Moselle (54) 149 Forcelles-Saint-Gorgon
0%
Meurthe-et-Moselle (54) 90 Forcelles-sous-Gugney
0%
Haute-Marne (52) 62 Forcey
0%
Moselle (57) 189 Fossieux
0%
Meuse (55) 61 Foucaucourt-sur-Thabas
0%
Vosges (88) 42 Fouchécourt
0%
Moselle (57) 151 Foulcrey
0%
Moselle (57) 193 Fouligny
0%
Moselle (57) 99 Foville
0%
Ardennes (08) 178 Fraillicourt
0%
Meurthe-et-Moselle (54) 379 Fraimbois
0%
Meurthe-et-Moselle (54) 89 Fraisnes-en-Saintois
0%
Aube (10) 91 Fralignes
0%
Haute-Marne (52) 155 Frampas
0%
Moselle (57) 769 Francaltroff
0%
Vosges (88) 200 Frapelle
0%
Moselle (57) 86 Fraquelfing
0%
Moselle (57) 600 Frauenberg
0%
Aube (10) 36 Fravaux
0%
Vosges (88) 346 Frebécourt
0%
Haute-Marne (52) 92 Frécourt
0%
Meurthe-et-Moselle (54) 219 Fréménil
0%
Meuse (55) 124 Frémeréville-sous-les-Côtes
0%
Moselle (57) 88 Frémery
0%
Moselle (57) 304 Frémestroff
0%
Vosges (88) 428 Fremifontaine
0%
Meurthe-et-Moselle (54) 202 Frémonville
0%
Vosges (88) 104 Frenelle-la-Grande
0%
Vosges (88) 47 Frenelle-la-Petite
0%
Vosges (88) 51 Frénois
0%
Meurthe-et-Moselle (54) 410 Fresnois-la-Montagne
0%
Vosges (88) 130 Fréville
0%
Moselle (57) 435 Freybouse
0%
Meurthe-et-Moselle (54) 373 Friauville
0%
Vosges (88) 496 Frizon
0%
Meuse (55) 86 Froidos
0%
Marne (51) 377 Fromentières
0%
Meuse (55) 209 Fromeréville-les-Vallons
0%
Meuse (55) 63 Fromezey
0%
Haute-Marne (52) 305 Fronville
0%
Aube (10) 41 Fuligny
0%
Meuse (55) 142 Futeau
0%
Meurthe-et-Moselle (54) 177 Gélacourt
0%
Aube (10) 713 Gélannes
0%
Meurthe-et-Moselle (54) 51 Gélaucourt
0%
Meurthe-et-Moselle (54) 82 Gellenoncourt
0%
Moselle (57) 221 Gelucourt
0%
Vosges (88) 107 Gelvécourt-et-Adompt
0%
Vosges (88) 149 Gemaingoutte
0%
Vosges (88) 131 Gemmelaincourt
0%
Meurthe-et-Moselle (54) 76 Gémonville
0%
Vosges (88) 103 Gendreville
0%
Haute-Marne (52) 126 Genevrières
0%
Meuse (55) 292 Génicourt-sur-Meuse
0%
Meuse (55) 115 Gercourt-et-Drillancourt
0%
Haute-Marne (52) 52 Germaines
0%
Haute-Marne (52) 85 Germainvilliers
0%
Haute-Marne (52) 49 Germay
0%
Marne (51) 180 Germigny
0%
Meurthe-et-Moselle (54) 198 Germiny
0%
Haute-Marne (52) 18 Germisay
0%
Ardennes (08) 51 Germont
0%
Meurthe-et-Moselle (54) 126 Germonville
0%
Meuse (55) 52 Géry
0%
Meuse (55) 55 Gesnes-en-Argonne
0%
Meuse (55) 612 Geville
0%
Meurthe-et-Moselle (54) 181 Gézoncourt
0%
Meurthe-et-Moselle (54) 174 Gibeaumeix
0%
Haute-Marne (52) 143 Giey-sur-Aujon
0%
Vosges (88) 77 Gignéville
0%
Vosges (88) 56 Gigney
0%
Haute-Marne (52) 123 Gillancourt
0%
Haute-Marne (52) 32 Gillaumé
0%
Haute-Marne (52) 66 Gilley
0%
Meuse (55) 39 Gimécourt
0%
Meuse (55) 62 Gincrey
0%
Meuse (55) 84 Girauvoisin
0%
Vosges (88) 193 Gircourt-lès-Viéville
0%
Vosges (88) 355 Girecourt-sur-Durbion
0%
Meurthe-et-Moselle (54) 70 Giriviller
0%
Ardennes (08) 161 Girondelle
0%
Meuse (55) 274 Givrauval
0%
Ardennes (08) 91 Givron
0%
Moselle (57) 89 Givrycourt
0%
Marne (51) 117 Gizaucourt
0%
Marne (51) 186 Glannes
0%
Moselle (57) 262 Glatigny
0%
Meurthe-et-Moselle (54) 368 Glonville
0%
Vosges (88) 114 Godoncourt
0%
Meurthe-et-Moselle (54) 55 Gogney
0%
Ardennes (08) 322 Gomont
0%
Meurthe-et-Moselle (54) 33 Gondrexon
0%
Vosges (88) 170 Gorhey
0%
Moselle (57) 569 Gosselming
0%
Meuse (55) 67 Gouraincourt
0%
Marne (51) 145 Gourgançon
0%
Meuse (55) 118 Goussaincourt
0%
Haute-Marne (52) 202 Graffigny-Chemin
0%
Ardennes (08) 37 Grandham
0%
Vosges (88) 76 Grandrupt
0%
Vosges (88) 73 Grandrupt-de-Bains
0%
Vosges (88) 731 Grandvillers
0%
Marne (51) 23 Gratreuil
0%
Marne (51) 617 Grauves
0%
Moselle (57) 102 Grémecey
0%
Meuse (55) 42 Gremilly
0%
Haute-Marne (52) 151 Grenant
0%
Moselle (57) 115 Gréning
0%
Vosges (88) 46 Grignoncourt
0%
Meuse (55) 100 Grimaucourt-en-Woëvre
0%
Meuse (55) 88 Grimaucourt-près-Sampigny
0%
Meurthe-et-Moselle (54) 104 Grimonviller
0%
Moselle (57) 314 Grindorff-Bizing
0%
Meurthe-et-Moselle (54) 139 Griscourt
0%
Moselle (57) 1 299 Gros-Réderching
0%
Meurthe-et-Moselle (54) 53 Grosrouvres
0%
Moselle (57) 647 Grundviller
0%
Ardennes (08) 103 Gruyères
0%
Moselle (57) 415 Guebenhouse
0%
Moselle (57) 59 Guébestroff
0%
Moselle (57) 145 Guéblange-lès-Dieuze
0%
Moselle (57) 124 Guébling
0%
Moselle (57) 679 Guenviller
0%
Moselle (57) 91 Guermange
0%
Meuse (55) 241 Guerpont
0%
Moselle (57) 376 Guerstling
0%
Moselle (57) 866 Guerting
0%
Moselle (57) 917 Guessling-Hémering
0%
Vosges (88) 234 Gugnécourt
0%
Meurthe-et-Moselle (54) 72 Gugney
0%
Vosges (88) 169 Gugney-aux-Aulx
0%
Ardennes (08) 76 Guincourt
0%
Haute-Marne (52) 92 Guindrecourt-aux-Ormes
0%
Haute-Marne (52) 60 Guindrecourt-sur-Blaise
0%
Moselle (57) 335 Guinglange
0%
Moselle (57) 145 Guinkirchen
0%
Moselle (57) 64 Guinzeling
0%
Aube (10) 217 Gumery
0%
Moselle (57) 363 Guntzviller
0%
Meuse (55) 33 Gussainville
0%
Haute-Marne (52) 96 Guyonvelle
0%
Meurthe-et-Moselle (54) 221 Hablainville
0%
Moselle (57) 232 Haboudange
0%
Haute-Marne (52) 41 Hâcourt
0%
Vosges (88) 380 Hadigny-les-Verrières
0%
Vosges (88) 129 Hagécourt
0%
Meurthe-et-Moselle (54) 109 Hagéville
0%
Ardennes (08) 69 Hagnicourt
0%
Meurthe-et-Moselle (54) 64 Haigneville
0%
Vosges (88) 179 Haillainville
0%
Moselle (57) 108 Hallering
0%
Meuse (55) 139 Halles-sous-les-Côtes
0%
Meurthe-et-Moselle (54) 63 Halloville
0%
Moselle (57) 304 Halstroff
0%
Meurthe-et-Moselle (54) 184 Hammeville
0%
Meurthe-et-Moselle (54) 101 Hamonville
0%
Aube (10) 224 Hampigny
0%
Moselle (57) 171 Hampont
0%
Moselle (57) 262 Hangviller
0%
Moselle (57) 17 Hannocourt
0%
Moselle (57) 192 Hanviller
0%
Meurthe-et-Moselle (54) 131 Harbouey
0%
Vosges (88) 82 Harchéchamp
0%
Vosges (88) 37 Hardancourt
0%
Vosges (88) 475 Haréville
0%
Moselle (57) 1 093 Hargarten-aux-Mines
0%
Vosges (88) 216 Harmonville
0%
Moselle (57) 185 Harprich
0%
Moselle (57) 371 Harreberg
0%
Ardennes (08) 45 Harricourt
0%
Meuse (55) 113 Harville
0%
Moselle (57) 304 Haspelschiedt
0%
Meurthe-et-Moselle (54) 773 Hatrize
0%
Meuse (55) 233 Haudiomont
0%
Meurthe-et-Moselle (54) 83 Haudonville
0%
Ardennes (08) 322 Haudrecy
0%
Meuse (55) 0 Haumont-près-Samogneux
0%
Marne (51) 302 Haussignémont
0%
Marne (51) 138 Haussimont
0%
Meurthe-et-Moselle (54) 313 Haussonville
0%
Moselle (57) 255 Hayes
0%
Moselle (57) 150 Hazembourg
0%
Moselle (57) 483 Heining-lès-Bouzonville
0%
Meuse (55) 80 Heippes
0%
Moselle (57) 190 Hellering-lès-Fénétrange
0%
Moselle (57) 510 Hellimer
0%
Moselle (57) 142 Hémilly
0%
Meurthe-et-Moselle (54) 147 Hénaménil
0%
Vosges (88) 351 Hennecourt
0%
Meuse (55) 112 Hennemont
0%
Vosges (88) 387 Hennezel
0%
Moselle (57) 707 Henridorff
0%
Moselle (57) 749 Henriville
0%
Moselle (57) 105 Hérange
0%
Ardennes (08) 123 Herbeuval
0%
Meuse (55) 180 Herbeuville
0%
Meurthe-et-Moselle (54) 222 Herbéviller
0%
Vosges (88) 126 Hergugney
0%
Moselle (57) 214 Hermelange
0%
Meuse (55) 225 Herméville-en-Woëvre
0%
Vosges (88) 274 Herpelmont
0%
Marne (51) 121 Herpont
0%
Moselle (57) 181 Hertzing
0%
Moselle (57) 479 Hestroff
0%
Haute-Marne (52) 190 Heuilley-le-Grand
0%
Meuse (55) 154 Hévilliers
0%
Moselle (57) 613 Hilbesheim
0%
Moselle (57) 832 Hilsprich
0%
Moselle (57) 336 Hinckange
0%
Bas-Rhin (67) 113 Hinsbourg
0%
Bas-Rhin (67) 81 Hinsingen
0%
Meurthe-et-Moselle (54) 202 Hoéville
0%
Moselle (57) 90 Holacourt
0%
Moselle (57) 438 Holling
0%
Moselle (57) 1 262 Holving
0%
Moselle (57) 314 Hommert
0%
Moselle (57) 214 Honskirch
0%
Meuse (55) 47 Horville-en-Ornois
0%
Moselle (57) 508 Hottviller
0%
Meuse (55) 273 Houdelaincourt
0%
Meurthe-et-Moselle (54) 345 Houdelmont
0%
Ardennes (08) 137 Houdilcourt
0%
Meurthe-et-Moselle (54) 394 Houdreville
0%
Vosges (88) 428 Houécourt
0%
Vosges (88) 43 Houéville
0%
Marne (51) 82 Hourges
0%
Meurthe-et-Moselle (54) 135 Housséville
0%
Meurthe-et-Moselle (54) 331 Hudiviller
0%
Haute-Marne (52) 124 Huilliécourt
0%
Marne (51) 303 Huiron
0%
Moselle (57) 364 Hultehouse
0%
Marne (51) 76 Humbauville
0%
Haute-Marne (52) 60 Humberville
0%
Moselle (57) 705 Hunting
0%
Vosges (88) 487 Hymont
0%
Moselle (57) 92 Ibigny
0%
Ardennes (08) 44 Imécourt
0%
Ardennes (08) 125 Inaumont
0%
Meuse (55) 180 Inor
0%
Moselle (57) 172 Insviller
0%
Meuse (55) 99 Ippécourt
0%
Meuse (55) 159 Iré-le-Sec
0%
Haute-Marne (52) 147 Isômes
0%
Bas-Rhin (67) 111 Issenhausen
0%
Meurthe-et-Moselle (54) 466 Jaillon
0%
Vosges (88) 74 Jainvillotte
0%
Moselle (57) 146 Jallaucourt
0%
Marne (51) 166 Janvilliers
0%
Marne (51) 136 Janvry
0%
Aube (10) 166 Jasseines
0%
Aube (10) 149 Jaucourt
0%
Aube (10) 155 Javernant
0%
Meurthe-et-Moselle (54) 370 Jeandelize
0%
Vosges (88) 145 Jésonville
0%
Aube (10) 254 Jessains
0%
Aube (10) 465 Jeugny
0%
Meurthe-et-Moselle (54) 101 Jevoncourt
0%
Marne (51) 104 Joiselle
0%
Aube (10) 96 Joncreuil
0%
Marne (51) 114 Jonquery
0%
Ardennes (08) 93 Jonval
0%
Meuse (55) 145 Jonville-en-Woëvre
0%
Meurthe-et-Moselle (54) 157 Joppécourt
0%
Vosges (88) 82 Jorxey
0%
Meurthe-et-Moselle (54) 283 Jouaville
0%
Vosges (88) 91 Jubainville
0%
Meuse (55) 56 Julvécourt
0%
Vosges (88) 264 Jussarupt
0%
Marne (51) 206 Jussecourt-Minecourt
0%
Vosges (88) 182 Juvaincourt
0%
Aube (10) 113 Juvancourt
0%
Aube (10) 35 Juvanzé
0%
Moselle (57) 72 Juvelize
0%
Moselle (57) 129 Juville
0%
Meurthe-et-Moselle (54) 49 Juvrecourt
0%
Aube (10) 126 Juzanvigny
0%
Haute-Marne (52) 205 Juzennecourt
0%
Moselle (57) 418 Kappelkinger
0%
Bas-Rhin (67) 215 Kauffenheim
0%
Moselle (57) 173 Kemplich
0%
Moselle (57) 616 Kerling-lès-Sierck
0%
Moselle (57) 187 Kerprich-aux-Bois
0%
Bas-Rhin (67) 146 Kirrberg
0%
Moselle (57) 466 Kirschnaumen
0%
Moselle (57) 137 Kirviller
0%
Bas-Rhin (67) 157 Kleingœft
0%
Meuse (55) 140 Labeuville
0%
Vosges (88) 883 La Bourgonce
0%
Aube (10) 33 La Chaise
0%
Meuse (55) 51 Lachalade
0%
Moselle (57) 919 Lachambre
0%
Marne (51) 339 Lachy
0%
Haute-Marne (52) 74 Lafauche
0%
Ardennes (08) 72 La Férée
0%
Marne (51) 205 La Forestière
0%
Moselle (57) 202 Lafrimbolle
0%
Haute-Marne (52) 30 La Genevroye
0%
Marne (51) 234 Lagery
0%
Aube (10) 209 Lagesse
0%
Meuse (55) 74 Lahaymeix
0%
Meuse (55) 30 Lahayville
0%
Meuse (55) 360 Laheycourt
0%
Ardennes (08) 156 La Horgne
0%
Vosges (88) 518 La Houssière
0%
Aube (10) 530 Laines-aux-Bois
0%
Meurthe-et-Moselle (54) 210 Laix
0%
Ardennes (08) 163 Lalobbe
0%
Meurthe-et-Moselle (54) 296 Lalœuf
0%
Aube (10) 290 La Louptière-Thénard
0%
Haute-Marne (52) 123 Lamancine
0%
Meurthe-et-Moselle (54) 182 Lamath
0%
Ardennes (08) 75 Lametz
0%
Meuse (55) 283 Lamorville
0%
Meuse (55) 85 Lamouilly
0%
Ardennes (08) 31 Lançon
0%
Moselle (57) 244 Landange
0%
Vosges (88) 295 Landaville
0%
Meurthe-et-Moselle (54) 85 Landécourt
0%
Meuse (55) 220 Landrecourt-Lempire
0%
Meurthe-et-Moselle (54) 140 Landremont
0%
Marne (51) 140 Landricourt
0%
Moselle (57) 271 Landroff
0%
Haute-Marne (52) 60 Laneuvelle
0%
Meurthe-et-Moselle (54) 128 Lanfroicourt
0%
Vosges (88) 148 Langley
0%
Moselle (57) 156 Languimberg
0%
Meuse (55) 56 Lanhères
0%
Moselle (57) 624 Laning
0%
Haute-Marne (52) 207 Lanques-sur-Rognon
0%
Aube (10) 206 Lantages
0%
Meurthe-et-Moselle (54) 737 Lantéfontaine
0%
Haute-Marne (52) 114 Lanty-sur-Aube
0%
Meurthe-et-Moselle (54) 364 Laronxe
0%
Aube (10) 118 La Rothière
0%
Ardennes (08) 127 La Sabotterie
0%
Aube (10) 675 La Saulsotte
0%
Aube (10) 56 Lassicourt
0%
Aube (10) 568 Laubressel
0%
Moselle (57) 342 Laudrefang
0%
Moselle (57) 292 Laumesfeld
0%
Moselle (57) 250 Launstroff
0%
Aube (10) 243 La Vendue-Mignot
0%
Haute-Marne (52) 73 Lavernoy
0%
Haute-Marne (52) 66 Lavilleneuve-au-Roi
0%
Meuse (55) 73 Lavincourt
0%
Meuse (55) 148 Lavoye
0%
Marne (51) 260 Le Baizil
0%
Vosges (88) 91 Le Beulay
0%
Meurthe-et-Moselle (54) 158 Lebeuville
0%
Meuse (55) 237 Le Bouchon-sur-Saulx
0%
Ardennes (08) 266 L'Écaille
0%
Haute-Marne (52) 195 Lecey
0%
Marne (51) 63 Le Châtelier
0%
Meuse (55) 50 Le Claon
0%
Vosges (88) 472 Le Clerjus
0%
Haute-Marne (52) 335 Leffonds
0%
Ardennes (08) 59 Le Fréty
0%
Meurthe-et-Moselle (54) 147 Leintrey
0%
Moselle (57) 461 Lelling
0%
Meurthe-et-Moselle (54) 406 Lemainville
0%
Aube (10) 623 Le Mériot
0%
Vosges (88) 26 Lemmecourt
0%
Moselle (57) 61 Lemoncourt
0%
Meuse (55) 60 Le Neufour
0%
Moselle (57) 193 Lengelsheim
0%
Marne (51) 104 Lenharrée
0%
Moselle (57) 337 Léning
0%
Aube (10) 129 Lentilles
0%
Haute-Marne (52) 270 Le Pailly
0%
Aube (10) 282 Le Pavillon-Sainte-Julie
0%
Ardennes (08) 69 Lépron-les-Vallées
0%
Vosges (88) 115 Le Puid
0%
Vosges (88) 210 Le Roulier
0%
Vosges (88) 62 Les Ableuvenettes
0%
Meurthe-et-Moselle (54) 336 Les Baroches
0%
Marne (51) 116 Les Charmontois
0%
Haute-Marne (52) 89 Leschères-sur-le-Blaiseron
0%
Aube (10) 92 Les Croûtes
0%
Meuse (55) 61 Les Éparges
0%
Meuse (55) 700 Les Islettes
0%
Meuse (55) 333 Les Monthairons
0%
Meuse (55) 417 Les Paroches
0%
Vosges (88) 294 Les Poulières
0%
Meuse (55) 28 Les Roises
0%
Vosges (88) 139 Lesseux
0%
Meuse (55) 319 Les Souhesmes-Rampont
0%
Vosges (88) 99 Les Thons
0%
Meuse (55) 121 Les Trois-Domaines
0%
Marne (51) 106 Le Thoult-Trosnay
0%
Meurthe-et-Moselle (54) 229 Létricourt
0%
Haute-Marne (52) 73 Leuchey
0%
Haute-Marne (52) 72 Leurville
0%
Marne (51) 305 Leuvrigny
0%
Haute-Marne (52) 90 Levécourt
0%
Marne (51) 187 Le Vézier
0%
Aube (10) 92 Lévigny
0%
Moselle (57) 508 Leyviller
0%
Haute-Marne (52) 112 Lezéville
0%
Marne (51) 86 Lhéry
0%
Moselle (57) 143 Lhor
0%
Aube (10) 279 Lhuître
0%
Moselle (57) 84 Lidrezing
0%
Moselle (57) 118 Liederschiedt
0%
Moselle (57) 130 Liéhon
0%
Vosges (88) 299 Liézey
0%
Vosges (88) 302 Lignéville
0%
Aube (10) 166 Lignol-le-Château
0%
Marne (51) 121 Lignon
0%
Moselle (57) 209 Lindre-Basse
0%
Moselle (57) 52 Lindre-Haute
0%
Marne (51) 106 Linthelles
0%
Marne (51) 111 Linthes
0%
Meuse (55) 189 Liny-devant-Dun
0%
Aube (10) 110 Lirey
0%
Vosges (88) 73 Lironcourt
0%
Meurthe-et-Moselle (54) 132 Lironville
0%
Meuse (55) 109 Lissey
0%
Meuse (55) 286 Loisey
0%
Meuse (55) 120 Longchamps-sur-Aire
0%
Meuse (55) 218 Longeaux
0%
Aube (10) 77 Longpré-le-Sec
0%
Aube (10) 132 Longsols
0%
Meurthe-et-Moselle (54) 85 Lorey
0%
Meurthe-et-Moselle (54) 78 Loromontzey
0%
Moselle (57) 70 Lostroff
0%
Moselle (57) 312 Loudrefing
0%
Meuse (55) 70 Loupmont
0%
Moselle (57) 156 Loutzviller
0%
Haute-Marne (52) 92 Louvières
0%
Moselle (57) 70 Lubécourt
0%
Meurthe-et-Moselle (54) 217 Lubey
0%
Vosges (88) 111 Luvigny
0%
Aube (10) 461 Luyères
0%
Aube (10) 111 Machy
0%
Vosges (88) 68 Maconcourt
0%
Vosges (88) 49 Madecourt
0%
Vosges (88) 135 Madegney
0%
Vosges (88) 407 Madonne-et-Lamerey
0%
Marne (51) 57 Maffrécourt
0%
Aube (10) 162 Magnant
0%
Aube (10) 88 Magnicourt
0%
Meurthe-et-Moselle (54) 278 Magnières
0%
Moselle (57) 323 Mainvillers
0%
Haute-Marne (52) 62 Maisoncelles
0%
Meuse (55) 26 Maizeray
0%
Vosges (88) 79 Malaincourt
0%
Haute-Marne (52) 48 Malaincourt-sur-Meuse
0%
Ardennes (08) 78 Malandry
0%
Moselle (57) 128 Malaucourt-sur-Seille
0%
Meurthe-et-Moselle (54) 129 Malavillers
0%
Marne (51) 35 Malmy
0%
Vosges (88) 589 Mandray
0%
Meurthe-et-Moselle (54) 212 Mangonville
0%
Meuse (55) 148 Manheulles
0%
Moselle (57) 141 Manhoué
0%
Haute-Marne (52) 454 Manois
0%
Meurthe-et-Moselle (54) 168 Manonviller
0%
Haute-Marne (52) 211 Marac
0%
Meurthe-et-Moselle (54) 701 Marainviller
0%
Haute-Marne (52) 400 Maranville
0%
Ardennes (08) 55 Maranwez
0%
Aube (10) 430 Maraye-en-Othe
0%
Haute-Marne (52) 99 Marbéville
0%
Ardennes (08) 76 Marby
0%
Meuse (55) 66 Marchéville-en-Woëvre
0%
Haute-Marne (52) 56 Mardor
0%
Haute-Marne (52) 139 Mareilles
0%
Marne (51) 107 Marfaux
0%
Moselle (57) 49 Marimont-lès-Bénestroff
0%
Ardennes (08) 127 Marlemont
0%
Vosges (88) 6 Maroncourt
0%
Ardennes (08) 77 Marquigny
0%
Marne (51) 46 Marsangis
0%
Moselle (57) 589 Marsilly
0%
Meurthe-et-Moselle (54) 51 Marthemont
0%
Moselle (57) 167 Marthille
0%
Vosges (88) 133 Martinvelle
0%
Ardennes (08) 72 Marvaux-Vieux
0%
Marne (51) 46 Massiges
0%
Aube (10) 205 Mathaux
0%
Haute-Marne (52) 69 Mathons
0%
Meurthe-et-Moselle (54) 65 Mattexey
0%
Meuse (55) 50 Maucourt-sur-Orne
0%
Meuse (55) 108 Maulan
0%
Aube (10) 101 Maupas
0%
Marne (51) 557 Maurupt-le-Montois
0%
Meuse (55) 244 Mauvages
0%
Moselle (57) 300 Maxstadt
0%
Vosges (88) 263 Mazeley
0%
Vosges (88) 234 Mazirot
0%
Meuse (55) 200 Mécrin
0%
Marne (51) 209 Mécringes
0%
Vosges (88) 58 Médonville
0%
Moselle (57) 141 Mégange
0%
Meurthe-et-Moselle (54) 246 Méhoncourt
0%
Haute-Marne (52) 246 Melay
0%
Meuse (55) 89 Méligny-le-Grand
0%
Meuse (55) 75 Méligny-le-Petit
0%
Vosges (88) 168 Méménil
0%
Vosges (88) 61 Ménarmont
0%
Meuse (55) 237 Menaucourt
0%
Haute-Marne (52) 67 Mennouveaux
0%
Moselle (57) 138 Menskirch
0%
Marne (51) 267 Merlaut
0%
Meuse (55) 149 Merles-sur-Loison
0%
Moselle (57) 289 Merschweiller
0%
Haute-Marne (52) 180 Mertrud
0%
Meurthe-et-Moselle (54) 326 Merviller
0%
Aube (10) 265 Mesgrigny
0%
Ardennes (08) 91 Mesmont
0%
Vosges (88) 182 Midrevaux
0%
Meurthe-et-Moselle (54) 174 Mignéville
0%
Haute-Marne (52) 118 Millières
0%
Meurthe-et-Moselle (54) 225 Minorville
0%
Haute-Marne (52) 39 Mirbel
0%
Haute-Marne (52) 456 Moëslains
0%
Meuse (55) 74 Mogeville
0%
Meuse (55) 365 Mognéville
0%
Marne (51) 190 Moiremont
0%
Meuse (55) 117 Moirey-Flabas-Crépion
0%
Aube (10) 103 Molins-sur-Aube
0%
Moselle (57) 7 Molring
0%
Moselle (57) 297 Momerstroff
0%
Vosges (88) 190 Moncel-sur-Vair
0%
Moselle (57) 147 Moncheux
0%
Moselle (57) 64 Moncourt
0%
Marne (51) 27 Mondement-Montgivroux
0%
Ardennes (08) 189 Mondigny
0%
Moselle (57) 404 Monneren
0%
Aube (10) 811 Montaulin
0%
Meuse (55) 57 Montblainville
0%
Meuse (55) 23 Montbras
0%
Haute-Marne (52) 36 Montcharvot
0%
Ardennes (08) 111 Montcheutin
0%
Meurthe-et-Moselle (54) 403 Montenoy
0%
Marne (51) 47 Montépreux
0%
Aube (10) 116 Montfey
0%
Marne (51) 156 Montgenost
0%
Ardennes (08) 69 Montgon
0%
Marne (51) 346 Monthelon
0%
Haute-Marne (52) 67 Montheries
0%
Aube (10) 404 Montiéramey
0%
Aube (10) 62 Montmartin-le-Haut
0%
Ardennes (08) 83 Montmeillant
0%
Vosges (88) 35 Montmotier
0%
Haute-Marne (52) 112 Montot-sur-Rognon
0%
Meuse (55) 143 Montplonne
0%
Aube (10) 333 Montpothier
0%
Aube (10) 400 Montsuzain
0%
Meuse (55) 155 Montzéville
0%
Haute-Marne (52) 130 Morancourt
0%
Marne (51) 381 Morangis
0%
Meuse (55) 104 Moranville
0%
Vosges (88) 195 Morelmaison
0%
Aube (10) 29 Morembert
0%
Meurthe-et-Moselle (54) 1 079 Morfontaine
0%
Meuse (55) 107 Morgemoulin
0%
Haute-Marne (52) 25 Morionvilliers
0%
Vosges (88) 428 Moriville
0%
Meurthe-et-Moselle (54) 93 Moriviller
0%
Vosges (88) 96 Morizécourt
0%
Meuse (55) 207 Morley
0%
Marne (51) 145 Morsains
0%
Moselle (57) 118 Morville-lès-Vic
0%
Aube (10) 272 Morvilliers
0%
Marne (51) 285 Moslins
0%
Meurthe-et-Moselle (54) 73 Mouacourt
0%
Meurthe-et-Moselle (54) 103 Mouaville
0%
Haute-Marne (52) 29 Mouilleron
0%
Meuse (55) 108 Mouilly
0%
Meuse (55) 131 Moulainville
0%
Meuse (55) 89 Moulotte
0%
Moselle (57) 280 Mouterhouse
0%
Meurthe-et-Moselle (54) 313 Moutrot
0%
Vosges (88) 220 Moyemont
0%
Moselle (57) 210 Mulcey
0%
Meuse (55) 139 Murvaux
0%
Meurthe-et-Moselle (54) 242 Murville
0%
Marne (51) 199 Mutigny
0%
Meuse (55) 130 Muzeray
0%
Meuse (55) 211 Naix-aux-Forges
0%
Meuse (55) 77 Nançois-le-Grand
0%
Meuse (55) 364 Nançois-sur-Ornain
0%
Meuse (55) 63 Nantillois
0%
Meuse (55) 82 Nantois
0%
Moselle (57) 115 Narbéfontaine
0%
Moselle (57) 335 Nébing
0%
Moselle (57) 261 Nelling
0%
Meuse (55) 95 Nepvant
0%
Marne (51) 93 Nesle-la-Reposte
0%
Marne (51) 136 Nesle-le-Repons
0%
Meuse (55) 241 Nettancourt
0%
Moselle (57) 1 335 Neufgrange
0%
Meurthe-et-Moselle (54) 217 Neufmaisons
0%
Moselle (57) 40 Neufmoulins
0%
Moselle (57) 44 Neufvillage
0%
Haute-Marne (52) 66 Neuvelle-lès-Voisey
0%
Meuse (55) 221 Neuvilly-en-Argonne
0%
Ardennes (08) 113 Neuvizy
0%
Meuse (55) 128 Nicey-sur-Aire
0%
Moselle (57) 278 Niderhoff
0%
Moselle (57) 241 Niederstinzel
0%
Moselle (57) 271 Niedervisse
0%
Haute-Marne (52) 62 Ninville
0%
Meuse (55) 498 Nixéville-Blercourt
0%
Haute-Marne (52) 82 Noidant-Chatenoy
0%
Haute-Marne (52) 156 Noidant-le-Rocheux
0%
Marne (51) 109 Noirlieu
0%
Ardennes (08) 25 Noirval
0%
Haute-Marne (52) 111 Nomécourt
0%
Haute-Marne (52) 174 Noncourt-sur-le-Rongeant
0%
Meurthe-et-Moselle (54) 127 Nonhigny
0%
Vosges (88) 191 Nonville
0%
Vosges (88) 55 Nonzeville
0%
Marne (51) 154 Norrois
0%
Vosges (88) 128 Nossoncourt
0%
Meuse (55) 243 Nouillonpont
0%
Aube (10) 153 Nozay
0%
Meuse (55) 244 Nubécourt
0%
Haute-Marne (52) 143 Nully
0%
Moselle (57) 336 Oberdorff
0%
Moselle (57) 272 Obergailbach
0%
Moselle (57) 323 Oberstinzel
0%
Moselle (57) 160 Obervisse
0%
Moselle (57) 35 Obreck
0%
Bas-Rhin (67) 522 Odratzheim
0%
Vosges (88) 283 Oëlleville
0%
Vosges (88) 154 Offroicourt
0%
Meurthe-et-Moselle (54) 278 Ogéviller
0%
Marne (51) 60 Ognes
0%
Meurthe-et-Moselle (54) 94 Ognéville
0%
Vosges (88) 75 Ollainville
0%
Meurthe-et-Moselle (54) 225 Olley
0%
Meurthe-et-Moselle (54) 191 Omelmont
0%
Ardennes (08) 41 Omicourt
0%
Moselle (57) 128 Ommeray
0%
Haute-Marne (52) 137 Orbigny-au-Mont
0%
Haute-Marne (52) 98 Orbigny-au-Val
0%
Haute-Marne (52) 100 Orcevaux
0%
Moselle (57) 56 Oriocourt
0%
Haute-Marne (52) 76 Ormancey
0%
Moselle (57) 381 Ormersviller
0%
Haute-Marne (52) 41 Ormoy-lès-Sexfontaines
0%
Moselle (57) 106 Oron
0%
Haute-Marne (52) 68 Orquevaux
0%
Aube (10) 23 Ortillon
0%
Vosges (88) 81 Ortoncourt
0%
Aube (10) 311 Orvilliers-Saint-Julien
0%
Meuse (55) 56 Osches
0%
Moselle (57) 447 Ottonville
0%
Haute-Marne (52) 138 Oudincourt
0%
Meuse (55) 223 Ourches-sur-Meuse
0%
Marne (51) 126 Outines
0%
Haute-Marne (52) 81 Outremécourt
0%
Marne (51) 79 Outrepont
0%
Marne (51) 107 Oyes
0%
Meurthe-et-Moselle (54) 149 Ozerailles
0%
Haute-Marne (52) 31 Ozières
0%
Meurthe-et-Moselle (54) 652 Pagney-derrière-Barine
0%
Aube (10) 333 Paisy-Cosdon
0%
Haute-Marne (52) 52 Palaiseul
0%
Vosges (88) 166 Pallegney
0%
Haute-Marne (52) 101 Pansey
0%
Meuse (55) 43 Parfondrupt
0%
Aube (10) 138 Pargues
0%
Haute-Marne (52) 286 Parnoy-en-Bassigny
0%
Haute-Marne (52) 45 Paroy-sur-Saulx
0%
Meurthe-et-Moselle (54) 175 Parroy
0%
Meurthe-et-Moselle (54) 74 Parux
0%
Marne (51) 192 Passavant-en-Argonne
0%
Haute-Marne (52) 392 Peigney
0%
Haute-Marne (52) 294 Perrancey-les-Vieux-Moulins
0%
Haute-Marne (52) 112 Perrogney-les-Fontaines
0%
Haute-Marne (52) 29 Perrusse
0%
Meurthe-et-Moselle (54) 310 Petitmont
0%
Moselle (57) 1 420 Petit-Réderching
0%
Moselle (57) 218 Petit-Tenquin
0%
Moselle (57) 297 Pettoncourt
0%
Meurthe-et-Moselle (54) 67 Pettonville
0%
Meuse (55) 61 Peuvillers
0%
Moselle (57) 44 Pévange
0%
Meurthe-et-Moselle (54) 334 Pexonne
0%
Bas-Rhin (67) 320 Pfalzweyer
0%
Haute-Marne (52) 151 Pierremont-sur-Amance
0%
Meuse (55) 250 Pillon
0%
Meuse (55) 107 Pintheville
0%
Haute-Marne (52) 60 Pisseloup
0%
Aube (10) 966 Plancy-l'Abbaye
0%
Haute-Marne (52) 311 Planrupt
0%
Haute-Marne (52) 113 Plesnoy
0%
Vosges (88) 74 Pleuvezain
0%
Marne (51) 248 Plichancourt
0%
Marne (51) 179 Pocancy
0%
Marne (51) 93 Poilly
0%
Haute-Marne (52) 56 Poinsenot
0%
Haute-Marne (52) 210 Poinson-lès-Fayl
0%
Haute-Marne (52) 57 Poinson-lès-Grancey
0%
Haute-Marne (52) 139 Poinson-lès-Nogent
0%
Haute-Marne (52) 70 Poiseul
0%
Aube (10) 158 Poivres
0%
Aube (10) 323 Polisot
0%
Aube (10) 179 Polisy
0%
Vosges (88) 193 Pompierre
0%
Marne (51) 104 Ponthion
0%
Moselle (57) 751 Pontpierre
0%
Vosges (88) 1 222 Portieux
0%
Moselle (57) 203 Postroff
0%
Marne (51) 118 Potangis
0%
Aube (10) 507 Pouan-les-Vallées
0%
Aube (10) 278 Pougy
0%
Haute-Marne (52) 355 Poulangy
0%
Moselle (57) 717 Pournoy-la-Grasse
0%
Aube (10) 178 Pouy-sur-Vannes
0%
Haute-Marne (52) 82 Praslay
0%
Meurthe-et-Moselle (54) 251 Praye
0%
Aube (10) 89 Prémierfait
0%
Haute-Marne (52) 199 Pressigny
0%
Meuse (55) 62 Pretz-en-Argonne
0%
Meurthe-et-Moselle (54) 158 Preutin-Higny
0%
Moselle (57) 114 Prévocourt
0%
Vosges (88) 89 Prey
0%
Marne (51) 431 Pringy
0%
Bas-Rhin (67) 202 Printzheim
0%
Aube (10) 230 Proverville
0%
Aube (10) 366 Prugny
0%
Aube (10) 92 Prusy
0%
Ardennes (08) 112 Puiseux
0%
Meurthe-et-Moselle (54) 54 Pulney
0%
Vosges (88) 152 Punerot
0%
Moselle (57) 76 Puttigny
0%
Meurthe-et-Moselle (54) 117 Puxe
0%
Meurthe-et-Moselle (54) 226 Puxieux
0%
Marne (51) 83 Queudes
0%
Meurthe-et-Moselle (54) 96 Quevilloncourt
0%
Vosges (88) 150 Racécourt
0%
Haute-Marne (52) 750 Rachecourt-sur-Marne
0%
Haute-Marne (52) 106 Rachecourt-Suzémont
0%
Aube (10) 171 Racines
0%
Moselle (57) 618 Racrange
0%
Aube (10) 341 Radonvilliers
0%
Moselle (57) 725 Rahling
0%
Ardennes (08) 217 Raillicourt
0%
Vosges (88) 278 Rainville
0%
Meuse (55) 243 Raival
0%
Meuse (55) 188 Rambucourt
0%
Vosges (88) 162 Ramecourt
0%
Aube (10) 45 Rances
0%
Haute-Marne (52) 123 Rançonnières
0%
Vosges (88) 71 Rancourt
0%
Meuse (55) 180 Rancourt-sur-Ornain
0%
Haute-Marne (52) 62 Rangecourt
0%
Meuse (55) 89 Ranzières
0%
Vosges (88) 24 Rapey
0%
Marne (51) 33 Rapsécourt
0%
Meuse (55) 215 Rarécourt
0%
Bas-Rhin (67) 241 Ratzwiller
0%
Meuse (55) 154 Récicourt
0%
Meurthe-et-Moselle (54) 72 Réclonville
0%
Meuse (55) 72 Récourt-le-Creux
0%
Meuse (55) 74 Reffroy
0%
Vosges (88) 121 Regnévelle
0%
Meuse (55) 50 Regnéville-sur-Meuse
0%
Vosges (88) 100 Regney
0%
Vosges (88) 359 Rehaincourt
0%
Vosges (88) 208 Rehaupal
0%
Meurthe-et-Moselle (54) 148 Reherrey
0%
Bas-Rhin (67) 195 Reichsfeld
0%
Meurthe-et-Moselle (54) 73 Reillon
0%
Vosges (88) 193 Relanges
0%
Ardennes (08) 174 Remaucourt
0%
Meuse (55) 315 Rembercourt-Sommaisne
0%
Meurthe-et-Moselle (54) 156 Rembercourt-sur-Mad
0%
Moselle (57) 145 Rémelfang
0%
Moselle (57) 334 Rémeling
0%
Meuse (55) 46 Remennecourt
0%
Meurthe-et-Moselle (54) 156 Remenoville
0%
Moselle (57) 416 Rémering
0%
Moselle (57) 1 017 Rémering-lès-Puttelange
0%
Meuse (55) 131 Remoiville
0%
Vosges (88) 439 Remomeix
0%
Vosges (88) 202 Removille
0%
Vosges (88) 120 Renauvoid
0%
Moselle (57) 132 Réning
0%
Haute-Marne (52) 123 Rennepont
0%
Meurthe-et-Moselle (54) 112 Repaix
0%
Vosges (88) 80 Repel
0%
Marne (51) 61 Reuves
0%
Marne (51) 107 Réveillon
0%
Meuse (55) 128 Réville-aux-Bois
0%
Bas-Rhin (67) 201 Rexingen
0%
Moselle (57) 376 Reyersviller
0%
Haute-Marne (52) 129 Reynel
0%
Aube (10) 209 Rhèges
0%
Haute-Marne (52) 432 Riaucourt
0%
Meuse (55) 50 Riaville
0%
Meuse (55) 69 Ribeaucourt
0%
Haute-Marne (52) 255 Richebourg
0%
Meuse (55) 56 Richecourt
0%
Moselle (57) 349 Richeling
0%
Haute-Marne (52) 634 Rimaucourt
0%
Moselle (57) 643 Rimling
0%
Bas-Rhin (67) 302 Rimsdorf
0%
Haute-Marne (52) 129 Rizaucourt-Buchey
0%
Haute-Marne (52) 161 Rochetaillée
0%
Moselle (57) 247 Rodalbe
0%
Meurthe-et-Moselle (54) 155 Rogéville
0%
Moselle (57) 259 Rolbing
0%
Vosges (88) 48 Romain-aux-Bois
0%
Moselle (57) 339 Romelfing
0%
Marne (51) 161 Romery
0%
Marne (51) 214 Romigny
0%
Vosges (88) 364 Romont
0%
Aube (10) 168 Roncenay
0%
Meuse (55) 100 Ronvaux
0%
Moselle (57) 97 Roppeviller
0%
Haute-Marne (52) 49 Rouécourt
0%
Haute-Marne (52) 25 Rouelles
0%
Marne (51) 111 Rouffy
0%
Haute-Marne (52) 111 Rougeux
0%
Moselle (57) 349 Roupeldange
0%
Meurthe-et-Moselle (54) 104 Rouves
0%
Vosges (88) 370 Roville-aux-Chênes
0%
Meurthe-et-Moselle (54) 407 Royaumeix
0%
Vosges (88) 189 Rozerotte
0%
Vosges (88) 68 Rozières-sur-Mouzon
0%
Vosges (88) 130 Rugney
0%
Meuse (55) 58 Rumont
0%
Vosges (88) 142 Ruppes
0%
Moselle (57) 645 Rustroff
0%
Aube (10) 497 Ruvigny
0%
Meurthe-et-Moselle (54) 109 Saffais
0%
Vosges (88) 81 Saint-Baslemont
0%
Meurthe-et-Moselle (54) 70 Saint-Baussant
0%
Meurthe-et-Moselle (54) 73 Saint-Boingt
0%
Meurthe-et-Moselle (54) 181 Sainte-Pôle
0%
Meuse (55) 235 Saint-Joire
0%
Meuse (55) 152 Saint-Pierrevillers
0%
Vosges (88) 72 Saint-Prancher
0%
Meurthe-et-Moselle (54) 151 Saint-Supplet
0%
Meuse (55) 287 Salmagne
0%
Moselle (57) 171 Salonnes
0%
Meuse (55) 100 Samogneux
0%
Vosges (88) 166 Sandaucourt
0%
Meurthe-et-Moselle (54) 158 Sanzey
0%
Haute-Marne (52) 104 Sarcey
0%
Marne (51) 280 Saron-sur-Aube
0%
Haute-Marne (52) 376 Sarrey
0%
Vosges (88) 94 Sartes
0%
Marne (51) 390 Saudoy
0%
Haute-Marne (52) 43 Saudron
0%
Meuse (55) 191 Saudrupt
0%
Haute-Marne (52) 51 Saulles
0%
Meuse (55) 114 Saulvaux
0%
Meurthe-et-Moselle (54) 100 Saulxerotte
0%
Meuse (55) 224 Sauvigny
0%
Meuse (55) 67 Sauvoy
0%
Aube (10) 1 050 Savières
0%
Moselle (57) 374 Schalbach
0%
Bas-Rhin (67) 116 Scherlenheim
0%
Moselle (57) 329 Schmittviller
0%
Moselle (57) 310 Schneckenbusch
0%
Bas-Rhin (67) 425 Schopperten
0%
Moselle (57) 533 Schorbach
0%
Moselle (57) 471 Schwerdorff
0%
Moselle (57) 314 Schweyen
0%
Marne (51) 125 Scrupt
0%
Moselle (57) 200 Secourt
0%
Meurthe-et-Moselle (54) 111 Seicheprey
0%
Meuse (55) 157 Seigneulles
0%
Meurthe-et-Moselle (54) 180 Selaincourt
0%
Haute-Marne (52) 105 Semilly
0%
Aube (10) 210 Semoine
0%
Vosges (88) 183 Senaide
0%
Vosges (88) 134 Senonges
0%
Meuse (55) 47 Septsarges
0%
Meuse (55) 68 Sepvigny
0%
Ardennes (08) 257 Seraincourt
0%
Meurthe-et-Moselle (54) 100 Seranville
0%
Vosges (88) 32 Seraumont
0%
Vosges (88) 225 Sercœur
0%
Vosges (88) 99 Serécourt
0%
Vosges (88) 84 Serocourt
0%
Haute-Marne (52) 368 Serqueux
0%
Marne (51) 95 Servon-Melzicourt
0%
Meuse (55) 86 Seuzey
0%
Haute-Marne (52) 144 Sexfontaines
0%
Moselle (57) 637 Siersthal
0%
Haute-Marne (52) 89 Signéville
0%
Meuse (55) 144 Silmont
0%
Haute-Marne (52) 33 Silvarouvres
0%
Vosges (88) 143 Sionne
0%
Meurthe-et-Moselle (54) 100 Sionviller
0%
Vosges (88) 283 Socourt
0%
Marne (51) 191 Soizy-aux-Bois
0%
Bas-Rhin (67) 102 Solbach
0%
Aube (10) 251 Soligny-les-Étangs
0%
Haute-Marne (52) 56 Sommancourt
0%
Meuse (55) 181 Sommeilles
0%
Meuse (55) 410 Sommelonne
0%
Ardennes (08) 47 Sommerance
0%
Haute-Marne (52) 79 Sommerécourt
0%
Meurthe-et-Moselle (54) 992 Sommerviller
0%
Aube (10) 305 Sommeval
0%
Haute-Marne (52) 649 Sommevoire
0%
Marne (51) 196 Somsois
0%
Meurthe-et-Moselle (54) 298 Sornéville
0%
Moselle (57) 23 Sotzeling
0%
Moselle (57) 1 034 Soucht
0%
Marne (51) 296 Soudron
0%
Marne (51) 461 Soulanges
0%
Haute-Marne (52) 96 Soulaucourt-sur-Mouzon
0%
Marne (51) 141 Soulières
0%
Aube (10) 372 Souligny
0%
Haute-Marne (52) 69 Soyers
0%
Bas-Rhin (67) 238 Sparsbach
0%
Meurthe-et-Moselle (54) 111 Sponville
0%
Marne (51) 106 Suizy-le-Franc
0%
Vosges (88) 205 Suriauville
0%
Haute-Marne (52) 360 Suzannecourt
0%
Meuse (55) 123 Taillancourt
0%
Ardennes (08) 103 Taizy
0%
Marne (51) 102 Talus-Saint-Prix
0%
Meurthe-et-Moselle (54) 107 Tanconville
0%
Meuse (55) 397 Tannois
0%
Moselle (57) 61 Tarquimpol
0%
Meurthe-et-Moselle (54) 630 Tellancourt
0%
Haute-Marne (52) 61 Ternat
0%
Marne (51) 102 Thaas
0%
Meurthe-et-Moselle (54) 248 Thélod
0%
Ardennes (08) 83 Thénorgues
0%
Meurthe-et-Moselle (54) 202 Thézey-Saint-Martin
0%
Marne (51) 292 Thibie
0%
Moselle (57) 132 Thicourt
0%
Meurthe-et-Moselle (54) 382 Thiébauménil
0%
Aube (10) 155 Thieffrain
0%
Haute-Marne (52) 63 Thilleux
0%
Meuse (55) 30 Thillombois
0%
Moselle (57) 147 Thimonville
0%
Vosges (88) 100 Thiraucourt
0%
Haute-Marne (52) 274 Thivet
0%
Meuse (55) 114 Thonnelle
0%
Moselle (57) 50 Thonville
0%
Aube (10) 67 Thors
0%
Vosges (88) 113 Thuillières
0%
Meurthe-et-Moselle (54) 95 Thumeréville
0%
Vosges (88) 90 Tignécourt
0%
Vosges (88) 69 Tilleux
0%
Marne (51) 138 Togny-aux-Bœufs
0%
Vosges (88) 118 Tollaincourt
0%
Haute-Marne (52) 553 Torcenay
0%
Moselle (57) 118 Torcheville
0%
Haute-Marne (52) 29 Tornay
0%
Vosges (88) 117 Totainville
0%
Ardennes (08) 83 Touligny
0%
Moselle (57) 89 Tragny
0%
Aube (10) 1 024 Traînel
0%
Marne (51) 152 Tramery
0%
Meurthe-et-Moselle (54) 28 Tramont-Émy
0%
Meurthe-et-Moselle (54) 89 Tramont-Lassus
0%
Meurthe-et-Moselle (54) 61 Tramont-Saint-André
0%
Aube (10) 180 Trancault
0%
Aube (10) 200 Trannes
0%
Vosges (88) 96 Tranqueville-Graux
0%
Marne (51) 178 Tréfols
0%
Haute-Marne (52) 213 Treix
0%
Meurthe-et-Moselle (54) 160 Tremblecourt
0%
Haute-Marne (52) 83 Trémilly
0%
Meuse (55) 588 Trémont-sur-Saulx
0%
Vosges (88) 243 Trémonzey
0%
Meuse (55) 69 Trésauvaux
0%
Marne (51) 261 Treslon
0%
Meuse (55) 550 Tréveray
0%
Moselle (57) 520 Tritteling-Redlach
0%
Marne (51) 783 Troissy
0%
Moselle (57) 327 Tromborn
0%
Aube (10) 210 Trouans
0%
Aube (10) 42 Turgy
0%
Aube (10) 109 Unienville
0%
Vosges (88) 1 328 Uriménil
0%
Meurthe-et-Moselle (54) 368 Uruffe
0%
Bas-Rhin (67) 212 Uttenhoffen
0%
Bas-Rhin (67) 159 Uttwiller
0%
Meuse (55) 190 Vacherauville
0%
Meurthe-et-Moselle (54) 226 Vacqueville
0%
Meuse (55) 75 Vadelaincourt
0%
Haute-Marne (52) 44 Vaillant
0%
Meuse (55) 94 Valbois
0%
Haute-Marne (52) 619 Valcourt
0%
Aube (10) 372 Val-d'Auzon
0%
Marne (51) 130 Val-de-Vière
0%
Vosges (88) 230 Valfroicourt
0%
Meurthe-et-Moselle (54) 162 Valhey
0%
Aube (10) 411 Vallant-Saint-Georges
0%
Aube (10) 183 Vallentigny
0%
Moselle (57) 211 Vallerange
0%
Haute-Marne (52) 67 Valleret
0%
Aube (10) 168 Vallières
0%
Moselle (57) 83 Valmunster
0%
Haute-Marne (52) 181 Vals-des-Tilles
0%
Meurthe-et-Moselle (54) 140 Vandelainville
0%
Meurthe-et-Moselle (54) 211 Vandeléville
0%
Aube (10) 290 Vanlay
0%
Moselle (57) 71 Vannecourt
0%
Vosges (88) 24 Varmonzey
0%
Meuse (55) 50 Varnéville
0%
Moselle (57) 316 Vasperviller
0%
Marne (51) 63 Vassimont-et-Chapelaine
0%
Meuse (55) 280 Vassincourt
0%
Meurthe-et-Moselle (54) 319 Vathiménil
0%
Moselle (57) 311 Vatimont
0%
Vosges (88) 120 Vaubexy
0%
Marne (51) 350 Vauchamps
0%
Aube (10) 499 Vauchassis
0%
Aube (10) 170 Vauchonvilliers
0%
Marne (51) 331 Vauciennes
0%
Marne (51) 494 Vauclerc
0%
Aube (10) 73 Vaucogne
0%
Meurthe-et-Moselle (54) 60 Vaucourt
0%
Marne (51) 101 Vaudesincourt
0%
Meurthe-et-Moselle (54) 80 Vaudigny
0%
Meuse (55) 85 Vaudoncourt
0%
Vosges (88) 156 Vaudoncourt
0%
Moselle (57) 491 Vaudreching
0%
Haute-Marne (52) 33 Vaudrecourt
0%
Haute-Marne (52) 87 Vaudrémont
0%
Aube (10) 121 Vaupoisson
0%
Meuse (55) 21 Vauquois
0%
Haute-Marne (52) 54 Vauxbons
0%
Marne (51) 164 Vavray-le-Grand
0%
Marne (51) 63 Vavray-le-Petit
0%
Meurthe-et-Moselle (54) 86 Vaxainville
0%
Vosges (88) 482 Vaxoncourt
0%
Moselle (57) 169 Vaxy
0%
Moselle (57) 231 Veckersviller
0%
Haute-Marne (52) 508 Vecqueville
0%
Meurthe-et-Moselle (54) 110 Vého
0%
Haute-Marne (52) 60 Velles
0%
Meuse (55) 144 Velosnes
0%
Vosges (88) 161 Velotte-et-Tatignécourt
0%
Moselle (57) 210 Velving
0%
Marne (51) 225 Vélye
0%
Meurthe-et-Moselle (54) 53 Veney
0%
Meurthe-et-Moselle (54) 41 Vennezey
0%
Marne (51) 254 Ventelay
0%
Marne (51) 504 Venteuil
0%
Haute-Marne (52) 332 Verbiesles
0%
Meurthe-et-Moselle (54) 136 Verdenal
0%
Marne (51) 199 Verdon
0%
Moselle (57) 539 Vergaville
0%
Marne (51) 83 Vernancourt
0%
Aube (10) 54 Vernonvilliers
0%
Aube (10) 110 Verpillières-sur-Ource
0%
Aube (10) 59 Verricourt
0%
Haute-Marne (52) 108 Verseilles-le-Bas
0%
Haute-Marne (52) 50 Verseilles-le-Haut
0%
Vosges (88) 126 Vervezelle
0%
Haute-Marne (52) 128 Vesaignes-sous-Lafauche
0%
Haute-Marne (52) 102 Vesaignes-sur-Marne
0%
Moselle (57) 308 Vescheim
0%
Marne (51) 232 Vésigneul-sur-Marne
0%
Haute-Marne (52) 46 Vesvres-sous-Chalancey
0%
Aube (10) 136 Viâpres-le-Petit
0%
Moselle (57) 390 Vibersviller
0%
Haute-Marne (52) 157 Vicq
0%
Vosges (88) 122 Vienville
0%
Meurthe-et-Moselle (54) 148 Vilcey-sur-Trey
0%
Aube (10) 603 Villacerf
0%
Meurthe-et-Moselle (54) 347 Villacourt
0%
Aube (10) 103 Villadin
0%
Meurthe-et-Moselle (54) 341 Villecey-sur-Mad
0%
Meuse (55) 259 Villécloye
0%
Aube (10) 126 Villeloup
0%
Aube (10) 242 Villemereuil
0%
Aube (10) 204 Villemoiron-en-Othe
0%
Aube (10) 200 Villemorien
0%
Aube (10) 64 Villeret
0%
Aube (10) 270 Villery
0%
Marne (51) 202 Villeseneux
0%
Marne (51) 196 Villevenard
0%
Moselle (57) 510 Villing
0%
Vosges (88) 104 Villoncourt
0%
Vosges (88) 89 Villouxel
0%
Meuse (55) 245 Vilosnes-Haraumont
0%
Vosges (88) 241 Viménil
0%
Marne (51) 108 Vindey
0%
Aube (10) 181 Vinets
0%
Vosges (88) 164 Viocourt
0%
Haute-Marne (52) 65 Violot
0%
Vosges (88) 154 Vioménil
0%
Meurthe-et-Moselle (54) 497 Virecourt
0%
Marne (51) 82 Virginy
0%
Moselle (57) 292 Virming
0%
Meuse (55) 90 Vittarville
0%
Moselle (57) 337 Vittersbourg
0%
Meurthe-et-Moselle (54) 127 Vittonville
0%
Haute-Marne (52) 51 Vivey
0%
Moselle (57) 158 Vœlfling-lès-Bouzonville
0%
Aube (10) 142 Voigny
0%
Marne (51) 47 Voilemont
0%
Haute-Marne (52) 516 Voillecomte
0%
Moselle (57) 258 Voimhaut
0%
Meurthe-et-Moselle (54) 332 Voinémont
0%
Haute-Marne (52) 276 Voisey
0%
Haute-Marne (52) 107 Voisines
0%
Bas-Rhin (67) 351 Volksberg
0%
Vosges (88) 249 Vomécourt
0%
Vosges (88) 68 Vomécourt-sur-Madon
0%
Haute-Marne (52) 16 Voncourt
0%
Aube (10) 234 Vosnon
0%
Marne (51) 59 Vouarces
0%
Haute-Marne (52) 206 Vouécourt
0%
Aube (10) 42 Vougrey
0%
Marne (51) 256 Vouillers
0%
Vosges (88) 166 Vouxey
0%
Haute-Marne (52) 88 Vraincourt
0%
Marne (51) 104 Vroil
0%
Meurthe-et-Moselle (54) 264 Vroncourt
0%
Haute-Marne (52) 28 Vroncourt-la-Côte
0%
Vosges (88) 131 Vroville
0%
Moselle (57) 32 Vulmont
0%
Bas-Rhin (67) 123 Waldersbach
0%
Moselle (57) 368 Waldhouse
0%
Moselle (57) 400 Walschbronn
0%
Meuse (55) 56 Waly
0%
Marne (51) 47 Wargemoulin-Hurlus
0%
Meuse (55) 100 Watronville
0%
Meuse (55) 50 Wavrille
0%
Moselle (57) 911 Wiesviller
0%
Ardennes (08) 56 Wignicourt
0%
Bas-Rhin (67) 284 Wildersbach
0%
Meuse (55) 105 Willeroncourt
0%
Moselle (57) 1 529 Willerwald
0%
Ardennes (08) 40 Williers
0%
Meuse (55) 88 Wiseppe
0%
Moselle (57) 698 Wœlfling-lès-Sarreguemines
0%
Meuse (55) 127 Woimbey
0%
Moselle (57) 59 Wuisse
0%
Vosges (88) 136 Xaffévillers
0%
Vosges (88) 153 Xamontarupt
0%
Meurthe-et-Moselle (54) 447 Xirocourt
0%
Meuse (55) 113 Xivray-et-Marvoisin
0%
Moselle (57) 99 Xocourt
0%
Meurthe-et-Moselle (54) 118 Xousse
0%
Meurthe-et-Moselle (54) 96 Xures
0%
Aube (10) 53 Yèvres-le-Petit
0%
Ardennes (08) 118 Yvernaumont
0%
Moselle (57) 67 Zarbeling
0%
Vosges (88) 76 Zincourt
0%
Bas-Rhin (67) 246 Zittersheim
0%
Moselle (57) 46 Zommange
0%
Aucun quiz correspondant
Distribution des résultats
% des personnes avec chaque résultat
Percentile par nombre de réponses
Votre historique - résultats
Vous n’avez pas pris ce quiz depuis la dernière actualisation